<?xml version="1.0" encoding="UTF-8"?>
<record
    xmlns:xsi="http://www.w3.org/2001/XMLSchema-instance"
    xsi:schemaLocation="http://www.loc.gov/MARC21/slim http://www.loc.gov/standards/marcxml/schema/MARC21slim.xsd"
    xmlns="http://www.loc.gov/MARC21/slim">

  <leader>01336nas a2200241 454500</leader>
  <controlfield tag="001">70</controlfield>
  <controlfield tag="005">20260407193503.0</controlfield>
  <controlfield tag="008">260407s1999####ag###########|||spa#d</controlfield>
  <controlfield tag="003">AR-UNSa-BCEJYS</controlfield>
  <datafield tag="040" ind1=" " ind2=" ">
    <subfield code="a">AR-UNSa-BCEJYS</subfield>
    <subfield code="b">spa</subfield>
    <subfield code="c">AR-UNSa-BCEJYS</subfield>
  </datafield>
  <datafield tag="080" ind1=" " ind2=" ">
    <subfield code="a">658</subfield>
    <subfield code="x">Administraci&#xF3;n de empresas. Organizaci&#xF3;n comercial</subfield>
  </datafield>
  <datafield tag="245" ind1="1" ind2="0">
    <subfield code="a">Profesional &amp; Empresaria</subfield>
    <subfield code="p">D&amp;G</subfield>
  </datafield>
  <datafield tag="264" ind1=" " ind2="1">
    <subfield code="a">Buenos Aires :</subfield>
    <subfield code="b">Errepar</subfield>
    <subfield code="c">1999</subfield>
  </datafield>
  <datafield tag="310" ind1=" " ind2=" ">
    <subfield code="a">Mensual
Cambia de Dir. a partir del N&#xBA; 94 por Armando Casal </subfield>
  </datafield>
  <datafield tag="505" ind1=" " ind2=" ">
    <subfield code="a">Publicaci&#xF3;n mensual encuadernable, dedicada a temas de contabilidad, auditor&#xED;a, costos, planeamiento y control, administraci&#xF3;n, negociaci&#xF3;n y mediaci&#xF3;n, finanzas y econom&#xED;a empresaria y comercio electr&#xF3;nico, entre otros. Su contenido integra una cabal conjunci&#xF3;n de doctrina con ensayos acad&#xE9;micos, informes t&#xE9;cnicos y diversos trabajos de consultor&#xED;a y asesor&#xED;a. Asimismo se incluyen tambi&#xE9;n secciones de ju-risprudencia profesional (&#xED;ntegra, comentada y sumaria) y de documentaci&#xF3;n t&#xE9;cnica con los pronunciamientos m&#xE1;s relevantes.</subfield>
  </datafield>
  <datafield tag="041" ind1=" " ind2=" ">
    <subfield code="a">spa</subfield>
  </datafield>
  <datafield tag="942" ind1=" " ind2=" ">
    <subfield code="c">SER</subfield>
  </datafield>
  <datafield tag="590" ind1=" " ind2=" ">
    <subfield code="a">niveau_biblio:s niveau_hierar:1</subfield>
  </datafield>
  <datafield tag="100" ind1="1" ind2=" ">
    <subfield code="a">Wainstein, Mario</subfield>
  </datafield>
  <datafield tag="650" ind1=" " ind2=" ">
    <subfield code="a">CONTABILIDAD</subfield>
  </datafield>
  <datafield tag="650" ind1=" " ind2=" ">
    <subfield code="a">ADMINISTRACION FINANCIERA</subfield>
  </datafield>
  <datafield tag="856" ind1="4" ind2="1">
    <subfield code="u">https://biblioeco.unsa.edu.ar/pmb/images/revistas/R21032.jpg</subfield>
    <subfield code="y">Imagen de portada</subfield>
    <subfield code="q">image/jpeg</subfield>
  </datafield>
  <datafield tag="999" ind1=" " ind2=" ">
    <subfield code="c">8361</subfield>
    <subfield code="d">8361</subfield>
  </datafield>
  <datafield tag="952" ind1=" " ind2=" ">
    <subfield code="0">0</subfield>
    <subfield code="1">0</subfield>
    <subfield code="4">0</subfield>
    <subfield code="7">0</subfield>
    <subfield code="a">BCEJYS</subfield>
    <subfield code="b">BCEJYS</subfield>
    <subfield code="c">17</subfield>
    <subfield code="d">2025-11-01</subfield>
    <subfield code="h">A&#xF1;o XXVI, N&#xBA; 306 - nov./dic. 2025</subfield>
    <subfield code="l">0</subfield>
    <subfield code="o">H658 PRO 306</subfield>
    <subfield code="p">R23520</subfield>
    <subfield code="r">2026-04-10 16:05:53</subfield>
    <subfield code="w">2026-04-10</subfield>
    <subfield code="y">RN</subfield>
  </datafield>
  <datafield tag="952" ind1=" " ind2=" ">
    <subfield code="0">0</subfield>
    <subfield code="1">0</subfield>
    <subfield code="4">0</subfield>
    <subfield code="7">0</subfield>
    <subfield code="a">BCEJYS</subfield>
    <subfield code="b">BCEJYS</subfield>
    <subfield code="c">17</subfield>
    <subfield code="d">2025-09-01</subfield>
    <subfield code="h">A&#xF1;o XXVI, N&#xBA; 305 - sep./oct. 2025</subfield>
    <subfield code="l">0</subfield>
    <subfield code="o">H658 PRO 305</subfield>
    <subfield code="p">R23493</subfield>
    <subfield code="r">2026-04-10 16:05:53</subfield>
    <subfield code="w">2026-04-10</subfield>
    <subfield code="y">RN</subfield>
  </datafield>
  <datafield tag="952" ind1=" " ind2=" ">
    <subfield code="0">0</subfield>
    <subfield code="1">0</subfield>
    <subfield code="4">0</subfield>
    <subfield code="7">0</subfield>
    <subfield code="a">BCEJYS</subfield>
    <subfield code="b">BCEJYS</subfield>
    <subfield code="c">17</subfield>
    <subfield code="d">2025-07-01</subfield>
    <subfield code="h">A&#xF1;o XXVI, N&#xBA; 304 - jul./ago. 2025</subfield>
    <subfield code="l">0</subfield>
    <subfield code="o">H658 PRO 304</subfield>
    <subfield code="p">R23482</subfield>
    <subfield code="r">2026-04-10 16:05:53</subfield>
    <subfield code="w">2026-04-10</subfield>
    <subfield code="y">RN</subfield>
  </datafield>
  <datafield tag="952" ind1=" " ind2=" ">
    <subfield code="0">0</subfield>
    <subfield code="1">0</subfield>
    <subfield code="4">0</subfield>
    <subfield code="7">0</subfield>
    <subfield code="a">BCEJYS</subfield>
    <subfield code="b">BCEJYS</subfield>
    <subfield code="c">17</subfield>
    <subfield code="d">2025-05-01</subfield>
    <subfield code="h">A&#xF1;o XXVI, N&#xBA; 303 - mayo/jun. 2025</subfield>
    <subfield code="l">0</subfield>
    <subfield code="o">H658 PRO 303</subfield>
    <subfield code="p">R23472</subfield>
    <subfield code="r">2026-04-10 16:05:53</subfield>
    <subfield code="w">2026-04-10</subfield>
    <subfield code="y">RN</subfield>
  </datafield>
  <datafield tag="952" ind1=" " ind2=" ">
    <subfield code="0">0</subfield>
    <subfield code="1">0</subfield>
    <subfield code="4">0</subfield>
    <subfield code="7">0</subfield>
    <subfield code="a">BCEJYS</subfield>
    <subfield code="b">BCEJYS</subfield>
    <subfield code="c">17</subfield>
    <subfield code="d">2025-03-01</subfield>
    <subfield code="h">A&#xF1;o XXVI, N&#xBA; 302 - mar./abr. 2025</subfield>
    <subfield code="l">0</subfield>
    <subfield code="o">H658 PRO 302</subfield>
    <subfield code="p">R23464</subfield>
    <subfield code="r">2026-04-10 16:05:53</subfield>
    <subfield code="w">2026-04-10</subfield>
    <subfield code="y">RN</subfield>
  </datafield>
  <datafield tag="952" ind1=" " ind2=" ">
    <subfield code="0">0</subfield>
    <subfield code="1">0</subfield>
    <subfield code="4">0</subfield>
    <subfield code="7">0</subfield>
    <subfield code="a">BCEJYS</subfield>
    <subfield code="b">BCEJYS</subfield>
    <subfield code="c">17</subfield>
    <subfield code="d">2025-01-01</subfield>
    <subfield code="h">A&#xF1;o XXVI, N&#xBA; 301 - ene./feb. 2025</subfield>
    <subfield code="l">0</subfield>
    <subfield code="o">H658 PRO 301</subfield>
    <subfield code="p">R23422</subfield>
    <subfield code="r">2026-04-10 16:05:54</subfield>
    <subfield code="w">2026-04-10</subfield>
    <subfield code="y">RN</subfield>
  </datafield>
  <datafield tag="952" ind1=" " ind2=" ">
    <subfield code="0">0</subfield>
    <subfield code="1">0</subfield>
    <subfield code="4">0</subfield>
    <subfield code="7">0</subfield>
    <subfield code="a">BCEJYS</subfield>
    <subfield code="b">BCEJYS</subfield>
    <subfield code="c">17</subfield>
    <subfield code="d">2024-11-01</subfield>
    <subfield code="h">A&#xF1;o XXVI, N&#xBA; 300 - nov./dic. 2024</subfield>
    <subfield code="l">0</subfield>
    <subfield code="o">H658 PRO 300</subfield>
    <subfield code="p">R23379</subfield>
    <subfield code="r">2026-04-10 16:05:54</subfield>
    <subfield code="w">2026-04-10</subfield>
    <subfield code="y">RN</subfield>
  </datafield>
  <datafield tag="952" ind1=" " ind2=" ">
    <subfield code="0">0</subfield>
    <subfield code="1">0</subfield>
    <subfield code="4">0</subfield>
    <subfield code="7">0</subfield>
    <subfield code="a">BCEJYS</subfield>
    <subfield code="b">BCEJYS</subfield>
    <subfield code="c">17</subfield>
    <subfield code="d">2024-09-01</subfield>
    <subfield code="h">A&#xF1;o XXVI, N&#xBA; 299 - sep./oct. 2024</subfield>
    <subfield code="l">0</subfield>
    <subfield code="o">H658 PRO 299</subfield>
    <subfield code="p">R23374</subfield>
    <subfield code="r">2026-04-10 16:05:54</subfield>
    <subfield code="w">2026-04-10</subfield>
    <subfield code="y">RN</subfield>
  </datafield>
  <datafield tag="952" ind1=" " ind2=" ">
    <subfield code="0">0</subfield>
    <subfield code="1">0</subfield>
    <subfield code="4">0</subfield>
    <subfield code="7">0</subfield>
    <subfield code="a">BCEJYS</subfield>
    <subfield code="b">BCEJYS</subfield>
    <subfield code="c">17</subfield>
    <subfield code="d">2024-07-01</subfield>
    <subfield code="h">A&#xF1;o XXV, N&#xBA; 298 - jul./ago. 2024</subfield>
    <subfield code="l">0</subfield>
    <subfield code="o">H658 PRO 298</subfield>
    <subfield code="p">R23354</subfield>
    <subfield code="r">2026-04-10 16:05:54</subfield>
    <subfield code="w">2026-04-10</subfield>
    <subfield code="y">RN</subfield>
    <subfield code="z">REVISTA PARTIDA EN EL CANTO SUPERIOR</subfield>
  </datafield>
  <datafield tag="952" ind1=" " ind2=" ">
    <subfield code="0">0</subfield>
    <subfield code="1">0</subfield>
    <subfield code="4">0</subfield>
    <subfield code="7">0</subfield>
    <subfield code="a">BCEJYS</subfield>
    <subfield code="b">BCEJYS</subfield>
    <subfield code="c">17</subfield>
    <subfield code="d">2024-06-01</subfield>
    <subfield code="h">A&#xF1;o XXV, N&#xBA; 297 - jun. 2024</subfield>
    <subfield code="l">0</subfield>
    <subfield code="o">H658 PRO 297</subfield>
    <subfield code="p">R23343</subfield>
    <subfield code="r">2026-04-10 16:05:54</subfield>
    <subfield code="w">2026-04-10</subfield>
    <subfield code="y">RN</subfield>
  </datafield>
  <datafield tag="952" ind1=" " ind2=" ">
    <subfield code="0">0</subfield>
    <subfield code="1">0</subfield>
    <subfield code="4">0</subfield>
    <subfield code="7">0</subfield>
    <subfield code="a">BCEJYS</subfield>
    <subfield code="b">BCEJYS</subfield>
    <subfield code="c">17</subfield>
    <subfield code="d">2024-05-01</subfield>
    <subfield code="h">A&#xF1;o XXV, N&#xBA; 296 - mayo 2024</subfield>
    <subfield code="l">0</subfield>
    <subfield code="o">H658 PRO 296</subfield>
    <subfield code="p">R10391</subfield>
    <subfield code="r">2026-04-10 16:05:54</subfield>
    <subfield code="w">2026-04-10</subfield>
    <subfield code="y">RN</subfield>
  </datafield>
  <datafield tag="952" ind1=" " ind2=" ">
    <subfield code="0">0</subfield>
    <subfield code="1">0</subfield>
    <subfield code="4">0</subfield>
    <subfield code="7">0</subfield>
    <subfield code="a">BCEJYS</subfield>
    <subfield code="b">BCEJYS</subfield>
    <subfield code="c">17</subfield>
    <subfield code="d">2024-04-01</subfield>
    <subfield code="h">A&#xF1;o XXV, N&#xBA; 295 - abr. 2024</subfield>
    <subfield code="l">0</subfield>
    <subfield code="o">H658 PRO 295</subfield>
    <subfield code="p">R01780</subfield>
    <subfield code="r">2026-04-10 16:05:54</subfield>
    <subfield code="w">2026-04-10</subfield>
    <subfield code="y">RN</subfield>
  </datafield>
  <datafield tag="952" ind1=" " ind2=" ">
    <subfield code="0">0</subfield>
    <subfield code="1">0</subfield>
    <subfield code="4">0</subfield>
    <subfield code="7">0</subfield>
    <subfield code="a">BCEJYS</subfield>
    <subfield code="b">BCEJYS</subfield>
    <subfield code="c">17</subfield>
    <subfield code="d">2024-03-01</subfield>
    <subfield code="h">A&#xF1;o XXV, N&#xBA; 294 - mar. 2024</subfield>
    <subfield code="l">0</subfield>
    <subfield code="o">H658 PRO 294</subfield>
    <subfield code="p">R14111</subfield>
    <subfield code="r">2026-04-10 16:05:54</subfield>
    <subfield code="w">2026-04-10</subfield>
    <subfield code="y">RN</subfield>
  </datafield>
  <datafield tag="952" ind1=" " ind2=" ">
    <subfield code="0">0</subfield>
    <subfield code="1">0</subfield>
    <subfield code="4">0</subfield>
    <subfield code="7">0</subfield>
    <subfield code="a">BCEJYS</subfield>
    <subfield code="b">BCEJYS</subfield>
    <subfield code="c">17</subfield>
    <subfield code="d">2024-02-01</subfield>
    <subfield code="h">A&#xF1;o XXV, N&#xBA; 293 - feb. 2024</subfield>
    <subfield code="l">0</subfield>
    <subfield code="o">H658 PRO 293</subfield>
    <subfield code="p">R14054</subfield>
    <subfield code="r">2026-04-10 16:05:54</subfield>
    <subfield code="w">2026-04-10</subfield>
    <subfield code="y">RN</subfield>
  </datafield>
  <datafield tag="952" ind1=" " ind2=" ">
    <subfield code="0">0</subfield>
    <subfield code="1">0</subfield>
    <subfield code="4">0</subfield>
    <subfield code="7">0</subfield>
    <subfield code="a">BCEJYS</subfield>
    <subfield code="b">BCEJYS</subfield>
    <subfield code="c">17</subfield>
    <subfield code="d">2024-01-01</subfield>
    <subfield code="h">A&#xF1;o XXV, N&#xBA; 292 - ene. 2024</subfield>
    <subfield code="l">0</subfield>
    <subfield code="o">H658 PRO 292</subfield>
    <subfield code="p">R00498</subfield>
    <subfield code="r">2026-04-10 16:05:54</subfield>
    <subfield code="w">2026-04-10</subfield>
    <subfield code="y">RN</subfield>
  </datafield>
  <datafield tag="952" ind1=" " ind2=" ">
    <subfield code="0">0</subfield>
    <subfield code="1">0</subfield>
    <subfield code="4">0</subfield>
    <subfield code="7">0</subfield>
    <subfield code="a">BCEJYS</subfield>
    <subfield code="b">BCEJYS</subfield>
    <subfield code="c">17</subfield>
    <subfield code="d">2023-12-01</subfield>
    <subfield code="h">A&#xF1;o XXIV, N&#xBA; 291 - dic. 2023</subfield>
    <subfield code="l">0</subfield>
    <subfield code="o">H658 PRO 291</subfield>
    <subfield code="p">R00481</subfield>
    <subfield code="r">2026-04-10 16:05:54</subfield>
    <subfield code="w">2026-04-10</subfield>
    <subfield code="y">RN</subfield>
  </datafield>
  <datafield tag="952" ind1=" " ind2=" ">
    <subfield code="0">0</subfield>
    <subfield code="1">0</subfield>
    <subfield code="4">0</subfield>
    <subfield code="7">0</subfield>
    <subfield code="a">BCEJYS</subfield>
    <subfield code="b">BCEJYS</subfield>
    <subfield code="c">17</subfield>
    <subfield code="d">2023-11-01</subfield>
    <subfield code="h">A&#xF1;o XXIV, N&#xBA; 290 - nov. 2023</subfield>
    <subfield code="l">0</subfield>
    <subfield code="o">H658 PRO 290</subfield>
    <subfield code="p">R00464</subfield>
    <subfield code="r">2026-04-10 16:05:54</subfield>
    <subfield code="w">2026-04-10</subfield>
    <subfield code="y">RN</subfield>
  </datafield>
  <datafield tag="952" ind1=" " ind2=" ">
    <subfield code="0">0</subfield>
    <subfield code="1">0</subfield>
    <subfield code="4">0</subfield>
    <subfield code="7">0</subfield>
    <subfield code="a">BCEJYS</subfield>
    <subfield code="b">BCEJYS</subfield>
    <subfield code="c">17</subfield>
    <subfield code="d">2023-10-01</subfield>
    <subfield code="h">A&#xF1;o XXV, N&#xBA; 289 - oct. 2023</subfield>
    <subfield code="l">0</subfield>
    <subfield code="o">H658 PRO 289</subfield>
    <subfield code="p">R10432</subfield>
    <subfield code="r">2026-04-10 16:05:54</subfield>
    <subfield code="w">2026-04-10</subfield>
    <subfield code="y">RN</subfield>
  </datafield>
  <datafield tag="952" ind1=" " ind2=" ">
    <subfield code="0">0</subfield>
    <subfield code="1">0</subfield>
    <subfield code="4">0</subfield>
    <subfield code="7">0</subfield>
    <subfield code="a">BCEJYS</subfield>
    <subfield code="b">BCEJYS</subfield>
    <subfield code="c">17</subfield>
    <subfield code="d">2023-09-01</subfield>
    <subfield code="h">A&#xF1;o XXV, N&#xBA; 288 - sep. 2023</subfield>
    <subfield code="l">0</subfield>
    <subfield code="o">H658 PRO 288</subfield>
    <subfield code="p">R01118</subfield>
    <subfield code="r">2026-04-10 16:05:54</subfield>
    <subfield code="w">2026-04-10</subfield>
    <subfield code="y">RN</subfield>
  </datafield>
  <datafield tag="952" ind1=" " ind2=" ">
    <subfield code="0">0</subfield>
    <subfield code="1">0</subfield>
    <subfield code="4">0</subfield>
    <subfield code="7">0</subfield>
    <subfield code="a">BCEJYS</subfield>
    <subfield code="b">BCEJYS</subfield>
    <subfield code="c">17</subfield>
    <subfield code="d">2023-08-01</subfield>
    <subfield code="h">A&#xF1;o XXV, N&#xBA; 287 - ago. 2023</subfield>
    <subfield code="l">0</subfield>
    <subfield code="o">H658 PRO 287</subfield>
    <subfield code="p">R10413</subfield>
    <subfield code="r">2026-04-10 16:05:54</subfield>
    <subfield code="w">2026-04-10</subfield>
    <subfield code="y">RN</subfield>
  </datafield>
  <datafield tag="952" ind1=" " ind2=" ">
    <subfield code="0">0</subfield>
    <subfield code="1">0</subfield>
    <subfield code="4">0</subfield>
    <subfield code="7">0</subfield>
    <subfield code="a">BCEJYS</subfield>
    <subfield code="b">BCEJYS</subfield>
    <subfield code="c">17</subfield>
    <subfield code="d">2023-07-01</subfield>
    <subfield code="h">A&#xF1;o XXV, N&#xBA; 286 - jul. 2023</subfield>
    <subfield code="l">0</subfield>
    <subfield code="o">H658 PRO 286</subfield>
    <subfield code="p">R09701</subfield>
    <subfield code="r">2026-04-10 16:05:54</subfield>
    <subfield code="w">2026-04-10</subfield>
    <subfield code="y">RN</subfield>
  </datafield>
  <datafield tag="952" ind1=" " ind2=" ">
    <subfield code="0">0</subfield>
    <subfield code="1">0</subfield>
    <subfield code="4">0</subfield>
    <subfield code="7">0</subfield>
    <subfield code="a">BCEJYS</subfield>
    <subfield code="b">BCEJYS</subfield>
    <subfield code="c">17</subfield>
    <subfield code="d">2023-06-01</subfield>
    <subfield code="h">A&#xF1;o XXV, N&#xBA; 285 - jun. 2023</subfield>
    <subfield code="l">0</subfield>
    <subfield code="o">H658 PRO 285</subfield>
    <subfield code="p">R10377</subfield>
    <subfield code="r">2026-04-10 16:05:54</subfield>
    <subfield code="w">2026-04-10</subfield>
    <subfield code="y">RN</subfield>
  </datafield>
  <datafield tag="952" ind1=" " ind2=" ">
    <subfield code="0">0</subfield>
    <subfield code="1">0</subfield>
    <subfield code="4">0</subfield>
    <subfield code="7">0</subfield>
    <subfield code="a">BCEJYS</subfield>
    <subfield code="b">BCEJYS</subfield>
    <subfield code="c">17</subfield>
    <subfield code="d">2023-05-01</subfield>
    <subfield code="h">A&#xF1;o XXV, N&#xBA; 284 - mayo 2023</subfield>
    <subfield code="l">0</subfield>
    <subfield code="o">H658 PRO 284</subfield>
    <subfield code="p">R10490</subfield>
    <subfield code="r">2026-04-10 16:05:54</subfield>
    <subfield code="w">2026-04-10</subfield>
    <subfield code="y">RN</subfield>
  </datafield>
  <datafield tag="952" ind1=" " ind2=" ">
    <subfield code="0">0</subfield>
    <subfield code="1">0</subfield>
    <subfield code="4">0</subfield>
    <subfield code="7">0</subfield>
    <subfield code="a">BCEJYS</subfield>
    <subfield code="b">BCEJYS</subfield>
    <subfield code="c">17</subfield>
    <subfield code="d">2023-04-01</subfield>
    <subfield code="h">A&#xF1;o XXV, N&#xBA; 283 - abr. 2023</subfield>
    <subfield code="l">0</subfield>
    <subfield code="o">H658 PRO 283</subfield>
    <subfield code="p">R00411</subfield>
    <subfield code="r">2026-04-10 16:05:54</subfield>
    <subfield code="w">2026-04-10</subfield>
    <subfield code="y">RN</subfield>
    <subfield code="z">CONTRAPORTADA UN POCO ROTA EN PARTE INFERIOR</subfield>
  </datafield>
  <datafield tag="952" ind1=" " ind2=" ">
    <subfield code="0">0</subfield>
    <subfield code="1">0</subfield>
    <subfield code="4">0</subfield>
    <subfield code="7">0</subfield>
    <subfield code="a">BCEJYS</subfield>
    <subfield code="b">BCEJYS</subfield>
    <subfield code="c">17</subfield>
    <subfield code="d">2023-03-01</subfield>
    <subfield code="h">A&#xF1;o XXV, N&#xBA; 282 - mar. 2023</subfield>
    <subfield code="l">0</subfield>
    <subfield code="o">H658 PRO 282</subfield>
    <subfield code="p">R00518</subfield>
    <subfield code="r">2026-04-10 16:05:54</subfield>
    <subfield code="w">2026-04-10</subfield>
    <subfield code="y">RN</subfield>
  </datafield>
  <datafield tag="952" ind1=" " ind2=" ">
    <subfield code="0">0</subfield>
    <subfield code="1">0</subfield>
    <subfield code="4">0</subfield>
    <subfield code="7">0</subfield>
    <subfield code="a">BCEJYS</subfield>
    <subfield code="b">BCEJYS</subfield>
    <subfield code="c">17</subfield>
    <subfield code="d">2023-02-01</subfield>
    <subfield code="h">A&#xF1;o XXV, N&#xBA; 281 - feb. 2023</subfield>
    <subfield code="l">0</subfield>
    <subfield code="o">H658 PRO 281</subfield>
    <subfield code="p">R00517</subfield>
    <subfield code="r">2026-04-10 16:05:54</subfield>
    <subfield code="w">2026-04-10</subfield>
    <subfield code="y">RN</subfield>
  </datafield>
  <datafield tag="952" ind1=" " ind2=" ">
    <subfield code="0">0</subfield>
    <subfield code="1">0</subfield>
    <subfield code="4">0</subfield>
    <subfield code="7">0</subfield>
    <subfield code="a">BCEJYS</subfield>
    <subfield code="b">BCEJYS</subfield>
    <subfield code="c">17</subfield>
    <subfield code="d">2023-01-01</subfield>
    <subfield code="h">A&#xF1;o XXV, N&#xBA; 280 - ene. 2023</subfield>
    <subfield code="l">0</subfield>
    <subfield code="o">H658 PRO 280</subfield>
    <subfield code="p">R21032</subfield>
    <subfield code="r">2026-04-10 16:05:54</subfield>
    <subfield code="w">2026-04-10</subfield>
    <subfield code="y">RN</subfield>
  </datafield>
  <datafield tag="952" ind1=" " ind2=" ">
    <subfield code="0">0</subfield>
    <subfield code="1">0</subfield>
    <subfield code="4">0</subfield>
    <subfield code="7">0</subfield>
    <subfield code="a">BCEJYS</subfield>
    <subfield code="b">BCEJYS</subfield>
    <subfield code="c">17</subfield>
    <subfield code="d">2022-12-01</subfield>
    <subfield code="h">A&#xF1;o XXIV, N&#xBA; 279 - dic. 2022</subfield>
    <subfield code="l">0</subfield>
    <subfield code="o">H658 PRO 279</subfield>
    <subfield code="p">R10511</subfield>
    <subfield code="r">2026-04-10 16:05:54</subfield>
    <subfield code="w">2026-04-10</subfield>
    <subfield code="y">RN</subfield>
  </datafield>
  <datafield tag="952" ind1=" " ind2=" ">
    <subfield code="0">0</subfield>
    <subfield code="1">0</subfield>
    <subfield code="4">0</subfield>
    <subfield code="7">0</subfield>
    <subfield code="a">BCEJYS</subfield>
    <subfield code="b">BCEJYS</subfield>
    <subfield code="c">17</subfield>
    <subfield code="d">2022-11-01</subfield>
    <subfield code="h">A&#xF1;o XXIV, N&#xBA; 278 - nov. 2022</subfield>
    <subfield code="l">0</subfield>
    <subfield code="o">H658 PRO 278</subfield>
    <subfield code="p">R00460</subfield>
    <subfield code="r">2026-04-10 16:05:54</subfield>
    <subfield code="w">2026-04-10</subfield>
    <subfield code="y">RN</subfield>
  </datafield>
  <datafield tag="952" ind1=" " ind2=" ">
    <subfield code="0">0</subfield>
    <subfield code="1">0</subfield>
    <subfield code="4">0</subfield>
    <subfield code="7">0</subfield>
    <subfield code="a">BCEJYS</subfield>
    <subfield code="b">BCEJYS</subfield>
    <subfield code="c">17</subfield>
    <subfield code="d">2022-10-01</subfield>
    <subfield code="h">A&#xF1;o XXIV, N&#xBA; 277 - oct. 2022</subfield>
    <subfield code="l">0</subfield>
    <subfield code="o">H658 PRO 277</subfield>
    <subfield code="p">R10546</subfield>
    <subfield code="r">2026-04-10 16:05:54</subfield>
    <subfield code="w">2026-04-10</subfield>
    <subfield code="y">RN</subfield>
  </datafield>
  <datafield tag="952" ind1=" " ind2=" ">
    <subfield code="0">0</subfield>
    <subfield code="1">0</subfield>
    <subfield code="4">0</subfield>
    <subfield code="7">0</subfield>
    <subfield code="a">BCEJYS</subfield>
    <subfield code="b">BCEJYS</subfield>
    <subfield code="c">17</subfield>
    <subfield code="d">2022-09-01</subfield>
    <subfield code="h">A&#xF1;o XXIII, N&#xBA; 276 - sep. 2022</subfield>
    <subfield code="l">0</subfield>
    <subfield code="o">H658 PRO 276</subfield>
    <subfield code="p">R10457</subfield>
    <subfield code="r">2026-04-10 16:05:54</subfield>
    <subfield code="w">2026-04-10</subfield>
    <subfield code="y">RN</subfield>
  </datafield>
  <datafield tag="952" ind1=" " ind2=" ">
    <subfield code="0">0</subfield>
    <subfield code="1">0</subfield>
    <subfield code="4">0</subfield>
    <subfield code="7">0</subfield>
    <subfield code="a">BCEJYS</subfield>
    <subfield code="b">BCEJYS</subfield>
    <subfield code="c">17</subfield>
    <subfield code="d">2022-08-01</subfield>
    <subfield code="h">A&#xF1;o XXIII, N&#xBA; 275 - ago. 2022</subfield>
    <subfield code="l">0</subfield>
    <subfield code="o">H658 PRO 275</subfield>
    <subfield code="p">R10440</subfield>
    <subfield code="r">2026-04-10 16:05:54</subfield>
    <subfield code="w">2026-04-10</subfield>
    <subfield code="y">RN</subfield>
  </datafield>
  <datafield tag="952" ind1=" " ind2=" ">
    <subfield code="0">0</subfield>
    <subfield code="1">0</subfield>
    <subfield code="4">0</subfield>
    <subfield code="7">0</subfield>
    <subfield code="a">BCEJYS</subfield>
    <subfield code="b">BCEJYS</subfield>
    <subfield code="c">17</subfield>
    <subfield code="d">2022-07-01</subfield>
    <subfield code="h">A&#xF1;o XXIII, N&#xBA; 274 - jul. 2022</subfield>
    <subfield code="l">0</subfield>
    <subfield code="o">H658 PRO 274</subfield>
    <subfield code="p">R09857</subfield>
    <subfield code="r">2026-04-10 16:05:54</subfield>
    <subfield code="w">2026-04-10</subfield>
    <subfield code="y">RN</subfield>
  </datafield>
  <datafield tag="952" ind1=" " ind2=" ">
    <subfield code="0">0</subfield>
    <subfield code="1">0</subfield>
    <subfield code="4">0</subfield>
    <subfield code="7">0</subfield>
    <subfield code="a">BCEJYS</subfield>
    <subfield code="b">BCEJYS</subfield>
    <subfield code="c">17</subfield>
    <subfield code="d">2022-06-01</subfield>
    <subfield code="h">A&#xF1;o XXIII, N&#xBA; 273 - jun. 2022</subfield>
    <subfield code="l">0</subfield>
    <subfield code="o">H658 PRO 273</subfield>
    <subfield code="p">R09792</subfield>
    <subfield code="r">2026-04-10 16:05:54</subfield>
    <subfield code="w">2026-04-10</subfield>
    <subfield code="y">RN</subfield>
  </datafield>
  <datafield tag="952" ind1=" " ind2=" ">
    <subfield code="0">0</subfield>
    <subfield code="1">0</subfield>
    <subfield code="4">0</subfield>
    <subfield code="7">0</subfield>
    <subfield code="a">BCEJYS</subfield>
    <subfield code="b">BCEJYS</subfield>
    <subfield code="c">17</subfield>
    <subfield code="d">2022-05-01</subfield>
    <subfield code="h">A&#xF1;o XXIII, N&#xBA; 272 - mayo 2022</subfield>
    <subfield code="l">0</subfield>
    <subfield code="o">H658 PRO 272</subfield>
    <subfield code="p">R01898</subfield>
    <subfield code="r">2026-04-10 16:05:54</subfield>
    <subfield code="w">2026-04-10</subfield>
    <subfield code="y">RN</subfield>
  </datafield>
  <datafield tag="952" ind1=" " ind2=" ">
    <subfield code="0">0</subfield>
    <subfield code="1">0</subfield>
    <subfield code="4">0</subfield>
    <subfield code="7">0</subfield>
    <subfield code="a">BCEJYS</subfield>
    <subfield code="b">BCEJYS</subfield>
    <subfield code="c">17</subfield>
    <subfield code="d">2022-04-01</subfield>
    <subfield code="h">A&#xF1;o XXIII, N&#xBA; 271 - abr. 2022</subfield>
    <subfield code="l">0</subfield>
    <subfield code="o">H658 PRO 271</subfield>
    <subfield code="p">R14126</subfield>
    <subfield code="r">2026-04-10 16:05:54</subfield>
    <subfield code="w">2026-04-10</subfield>
    <subfield code="y">RN</subfield>
  </datafield>
  <datafield tag="952" ind1=" " ind2=" ">
    <subfield code="0">0</subfield>
    <subfield code="1">0</subfield>
    <subfield code="4">0</subfield>
    <subfield code="7">0</subfield>
    <subfield code="a">BCEJYS</subfield>
    <subfield code="b">BCEJYS</subfield>
    <subfield code="c">17</subfield>
    <subfield code="d">2022-03-01</subfield>
    <subfield code="h">A&#xF1;o XXIII, N&#xBA; 270 - mar. 2022</subfield>
    <subfield code="l">0</subfield>
    <subfield code="o">H658 PRO 270</subfield>
    <subfield code="p">R14121</subfield>
    <subfield code="r">2026-04-10 16:05:54</subfield>
    <subfield code="w">2026-04-10</subfield>
    <subfield code="y">RN</subfield>
  </datafield>
  <datafield tag="952" ind1=" " ind2=" ">
    <subfield code="0">0</subfield>
    <subfield code="1">0</subfield>
    <subfield code="4">0</subfield>
    <subfield code="7">0</subfield>
    <subfield code="a">BCEJYS</subfield>
    <subfield code="b">BCEJYS</subfield>
    <subfield code="c">17</subfield>
    <subfield code="d">2022-02-01</subfield>
    <subfield code="h">A&#xF1;o XXIII, N&#xBA; 269 - feb. 2022</subfield>
    <subfield code="l">0</subfield>
    <subfield code="o">H658 PRO 269</subfield>
    <subfield code="p">R09889</subfield>
    <subfield code="r">2026-04-10 16:05:54</subfield>
    <subfield code="w">2026-04-10</subfield>
    <subfield code="y">RN</subfield>
  </datafield>
  <datafield tag="952" ind1=" " ind2=" ">
    <subfield code="0">0</subfield>
    <subfield code="1">0</subfield>
    <subfield code="4">0</subfield>
    <subfield code="7">0</subfield>
    <subfield code="a">BCEJYS</subfield>
    <subfield code="b">BCEJYS</subfield>
    <subfield code="c">17</subfield>
    <subfield code="d">2022-01-01</subfield>
    <subfield code="h">A&#xF1;o XXIII, N&#xBA; 268 - ene. 2022</subfield>
    <subfield code="l">0</subfield>
    <subfield code="o">H658 PRO 268</subfield>
    <subfield code="p">R23329</subfield>
    <subfield code="r">2026-04-10 16:05:54</subfield>
    <subfield code="w">2026-04-10</subfield>
    <subfield code="y">RN</subfield>
  </datafield>
  <datafield tag="952" ind1=" " ind2=" ">
    <subfield code="0">0</subfield>
    <subfield code="1">0</subfield>
    <subfield code="4">0</subfield>
    <subfield code="7">0</subfield>
    <subfield code="a">BCEJYS</subfield>
    <subfield code="b">BCEJYS</subfield>
    <subfield code="c">17</subfield>
    <subfield code="d">2021-12-01</subfield>
    <subfield code="h">A&#xF1;o XXII, N&#xBA; 267 - dic. 2021</subfield>
    <subfield code="l">0</subfield>
    <subfield code="o">H658 PRO 267</subfield>
    <subfield code="p">R23328</subfield>
    <subfield code="r">2026-04-10 16:05:54</subfield>
    <subfield code="w">2026-04-10</subfield>
    <subfield code="y">RN</subfield>
  </datafield>
  <datafield tag="952" ind1=" " ind2=" ">
    <subfield code="0">0</subfield>
    <subfield code="1">0</subfield>
    <subfield code="4">0</subfield>
    <subfield code="7">0</subfield>
    <subfield code="a">BCEJYS</subfield>
    <subfield code="b">BCEJYS</subfield>
    <subfield code="c">17</subfield>
    <subfield code="d">2021-11-01</subfield>
    <subfield code="h">A&#xF1;o XXII, N&#xBA; 266 - nov. 2021</subfield>
    <subfield code="l">0</subfield>
    <subfield code="o">H658 PRO 266</subfield>
    <subfield code="p">R23313</subfield>
    <subfield code="r">2026-04-10 16:05:54</subfield>
    <subfield code="w">2026-04-10</subfield>
    <subfield code="y">RN</subfield>
  </datafield>
  <datafield tag="952" ind1=" " ind2=" ">
    <subfield code="0">0</subfield>
    <subfield code="1">0</subfield>
    <subfield code="4">0</subfield>
    <subfield code="7">0</subfield>
    <subfield code="a">BCEJYS</subfield>
    <subfield code="b">BCEJYS</subfield>
    <subfield code="c">17</subfield>
    <subfield code="d">2021-10-01</subfield>
    <subfield code="h">A&#xF1;o XXII, N&#xBA; 265 - oct. 2021</subfield>
    <subfield code="l">0</subfield>
    <subfield code="o">H658 PRO 265</subfield>
    <subfield code="p">R23107</subfield>
    <subfield code="r">2026-04-10 16:05:54</subfield>
    <subfield code="w">2026-04-10</subfield>
    <subfield code="y">RN</subfield>
  </datafield>
  <datafield tag="952" ind1=" " ind2=" ">
    <subfield code="0">0</subfield>
    <subfield code="1">0</subfield>
    <subfield code="4">0</subfield>
    <subfield code="7">0</subfield>
    <subfield code="a">BCEJYS</subfield>
    <subfield code="b">BCEJYS</subfield>
    <subfield code="c">17</subfield>
    <subfield code="d">2021-09-01</subfield>
    <subfield code="h">A&#xF1;o XII, N&#xBA; 264 - sep. 2021</subfield>
    <subfield code="l">0</subfield>
    <subfield code="o">H658 PRO 264</subfield>
    <subfield code="p">R22688</subfield>
    <subfield code="r">2026-04-10 16:05:54</subfield>
    <subfield code="w">2026-04-10</subfield>
    <subfield code="y">RN</subfield>
  </datafield>
  <datafield tag="952" ind1=" " ind2=" ">
    <subfield code="0">0</subfield>
    <subfield code="1">0</subfield>
    <subfield code="4">0</subfield>
    <subfield code="7">0</subfield>
    <subfield code="a">BCEJYS</subfield>
    <subfield code="b">BCEJYS</subfield>
    <subfield code="c">17</subfield>
    <subfield code="d">2021-08-01</subfield>
    <subfield code="h">A&#xF1;o XII, N&#xBA; 263 - ago. 2021</subfield>
    <subfield code="l">0</subfield>
    <subfield code="o">H658 PRO 263</subfield>
    <subfield code="p">R22672</subfield>
    <subfield code="r">2026-04-10 16:05:54</subfield>
    <subfield code="w">2026-04-10</subfield>
    <subfield code="y">RN</subfield>
  </datafield>
  <datafield tag="952" ind1=" " ind2=" ">
    <subfield code="0">0</subfield>
    <subfield code="1">0</subfield>
    <subfield code="4">0</subfield>
    <subfield code="7">0</subfield>
    <subfield code="a">BCEJYS</subfield>
    <subfield code="b">BCEJYS</subfield>
    <subfield code="c">17</subfield>
    <subfield code="d">2021-07-01</subfield>
    <subfield code="h">A&#xF1;o XXII, N&#xB0; 262 - jul. 2021</subfield>
    <subfield code="l">0</subfield>
    <subfield code="o">H658 PRO 262</subfield>
    <subfield code="p">R22653</subfield>
    <subfield code="r">2026-04-10 16:05:54</subfield>
    <subfield code="w">2026-04-10</subfield>
    <subfield code="y">RN</subfield>
  </datafield>
  <datafield tag="952" ind1=" " ind2=" ">
    <subfield code="0">0</subfield>
    <subfield code="1">0</subfield>
    <subfield code="4">0</subfield>
    <subfield code="7">0</subfield>
    <subfield code="a">BCEJYS</subfield>
    <subfield code="b">BCEJYS</subfield>
    <subfield code="c">17</subfield>
    <subfield code="d">2021-06-01</subfield>
    <subfield code="h">A&#xF1;o XXII, N&#xBA; 261 - jun. 2021</subfield>
    <subfield code="l">0</subfield>
    <subfield code="o">H658 PRO 261</subfield>
    <subfield code="p">R22627</subfield>
    <subfield code="r">2026-04-10 16:05:54</subfield>
    <subfield code="w">2026-04-10</subfield>
    <subfield code="y">RN</subfield>
  </datafield>
  <datafield tag="952" ind1=" " ind2=" ">
    <subfield code="0">0</subfield>
    <subfield code="1">0</subfield>
    <subfield code="4">0</subfield>
    <subfield code="7">0</subfield>
    <subfield code="a">BCEJYS</subfield>
    <subfield code="b">BCEJYS</subfield>
    <subfield code="c">17</subfield>
    <subfield code="d">2021-05-01</subfield>
    <subfield code="h">A&#xF1;o XXII, N&#xBA; 260 - mayo 2021</subfield>
    <subfield code="l">0</subfield>
    <subfield code="o">H658 PRO 260</subfield>
    <subfield code="p">R22615</subfield>
    <subfield code="r">2026-04-10 16:05:54</subfield>
    <subfield code="w">2026-04-10</subfield>
    <subfield code="y">RN</subfield>
  </datafield>
  <datafield tag="952" ind1=" " ind2=" ">
    <subfield code="0">0</subfield>
    <subfield code="1">0</subfield>
    <subfield code="4">0</subfield>
    <subfield code="7">0</subfield>
    <subfield code="a">BCEJYS</subfield>
    <subfield code="b">BCEJYS</subfield>
    <subfield code="c">17</subfield>
    <subfield code="d">2021-04-01</subfield>
    <subfield code="h">A&#xF1;o XXII, N&#xBA; 259 - abr. 2021</subfield>
    <subfield code="l">0</subfield>
    <subfield code="o">H658 PRO 259</subfield>
    <subfield code="p">R22600</subfield>
    <subfield code="r">2026-04-10 16:05:54</subfield>
    <subfield code="w">2026-04-10</subfield>
    <subfield code="y">RN</subfield>
  </datafield>
  <datafield tag="952" ind1=" " ind2=" ">
    <subfield code="0">0</subfield>
    <subfield code="1">0</subfield>
    <subfield code="4">0</subfield>
    <subfield code="7">0</subfield>
    <subfield code="a">BCEJYS</subfield>
    <subfield code="b">BCEJYS</subfield>
    <subfield code="c">17</subfield>
    <subfield code="d">2021-03-01</subfield>
    <subfield code="h">A&#xF1;o XXII, N&#xBA; 258 - mar. 2021</subfield>
    <subfield code="l">0</subfield>
    <subfield code="o">H658 PRO 258</subfield>
    <subfield code="p">R22477</subfield>
    <subfield code="r">2026-04-10 16:05:54</subfield>
    <subfield code="w">2026-04-10</subfield>
    <subfield code="y">RN</subfield>
  </datafield>
  <datafield tag="952" ind1=" " ind2=" ">
    <subfield code="0">0</subfield>
    <subfield code="1">0</subfield>
    <subfield code="4">0</subfield>
    <subfield code="7">0</subfield>
    <subfield code="a">BCEJYS</subfield>
    <subfield code="b">BCEJYS</subfield>
    <subfield code="c">17</subfield>
    <subfield code="d">2021-02-01</subfield>
    <subfield code="h">A&#xF1;o XXII, N&#xBA; 257 - feb.2021</subfield>
    <subfield code="l">0</subfield>
    <subfield code="o">H658 PRO 257</subfield>
    <subfield code="p">R22569</subfield>
    <subfield code="r">2026-04-10 16:05:54</subfield>
    <subfield code="w">2026-04-10</subfield>
    <subfield code="y">RN</subfield>
  </datafield>
  <datafield tag="952" ind1=" " ind2=" ">
    <subfield code="0">0</subfield>
    <subfield code="1">0</subfield>
    <subfield code="4">0</subfield>
    <subfield code="7">0</subfield>
    <subfield code="a">BCEJYS</subfield>
    <subfield code="b">BCEJYS</subfield>
    <subfield code="c">17</subfield>
    <subfield code="d">2021-01-01</subfield>
    <subfield code="h">A&#xF1;o XXII, N&#xBA; 256 - ene. 2021</subfield>
    <subfield code="l">0</subfield>
    <subfield code="o">H658 PRO 256</subfield>
    <subfield code="p">R22559</subfield>
    <subfield code="r">2026-04-10 16:05:54</subfield>
    <subfield code="w">2026-04-10</subfield>
    <subfield code="y">RN</subfield>
  </datafield>
  <datafield tag="952" ind1=" " ind2=" ">
    <subfield code="0">0</subfield>
    <subfield code="1">0</subfield>
    <subfield code="4">0</subfield>
    <subfield code="7">0</subfield>
    <subfield code="a">BCEJYS</subfield>
    <subfield code="b">BCEJYS</subfield>
    <subfield code="c">17</subfield>
    <subfield code="d">2020-12-01</subfield>
    <subfield code="h">A&#xF1;o XXI, N&#xBA; 255 - dic. 2020</subfield>
    <subfield code="l">0</subfield>
    <subfield code="o">H658 PRO 255</subfield>
    <subfield code="p">R22558</subfield>
    <subfield code="r">2026-04-10 16:05:54</subfield>
    <subfield code="w">2026-04-10</subfield>
    <subfield code="y">RN</subfield>
  </datafield>
  <datafield tag="952" ind1=" " ind2=" ">
    <subfield code="0">0</subfield>
    <subfield code="1">0</subfield>
    <subfield code="4">0</subfield>
    <subfield code="7">0</subfield>
    <subfield code="a">BCEJYS</subfield>
    <subfield code="b">BCEJYS</subfield>
    <subfield code="c">17</subfield>
    <subfield code="d">2020-11-01</subfield>
    <subfield code="h">A&#xF1;o XXI, N&#xBA; 254 - nov. /2020</subfield>
    <subfield code="l">0</subfield>
    <subfield code="o">H658 PRO 254</subfield>
    <subfield code="p">R22484</subfield>
    <subfield code="r">2026-04-10 16:05:54</subfield>
    <subfield code="w">2026-04-10</subfield>
    <subfield code="y">RN</subfield>
  </datafield>
  <datafield tag="952" ind1=" " ind2=" ">
    <subfield code="0">0</subfield>
    <subfield code="1">0</subfield>
    <subfield code="4">0</subfield>
    <subfield code="7">0</subfield>
    <subfield code="a">BCEJYS</subfield>
    <subfield code="b">BCEJYS</subfield>
    <subfield code="c">17</subfield>
    <subfield code="d">2020-10-01</subfield>
    <subfield code="h">A&#xF1;o XXI, N&#xB0; 253 - oct. 2020</subfield>
    <subfield code="l">0</subfield>
    <subfield code="o">H658 PRO 253</subfield>
    <subfield code="p">R22467</subfield>
    <subfield code="r">2026-04-10 16:05:54</subfield>
    <subfield code="w">2026-04-10</subfield>
    <subfield code="y">RN</subfield>
  </datafield>
  <datafield tag="952" ind1=" " ind2=" ">
    <subfield code="0">0</subfield>
    <subfield code="1">0</subfield>
    <subfield code="4">0</subfield>
    <subfield code="7">0</subfield>
    <subfield code="a">BCEJYS</subfield>
    <subfield code="b">BCEJYS</subfield>
    <subfield code="c">17</subfield>
    <subfield code="d">2020-09-01</subfield>
    <subfield code="h">A&#xF1;o XXI, N&#xB0; 252 - sep. 2020</subfield>
    <subfield code="l">0</subfield>
    <subfield code="o">H658 PRO 252</subfield>
    <subfield code="p">R22466</subfield>
    <subfield code="r">2026-04-10 16:05:54</subfield>
    <subfield code="w">2026-04-10</subfield>
    <subfield code="y">RN</subfield>
  </datafield>
  <datafield tag="952" ind1=" " ind2=" ">
    <subfield code="0">0</subfield>
    <subfield code="1">0</subfield>
    <subfield code="4">0</subfield>
    <subfield code="7">0</subfield>
    <subfield code="a">BCEJYS</subfield>
    <subfield code="b">BCEJYS</subfield>
    <subfield code="c">17</subfield>
    <subfield code="d">2020-08-01</subfield>
    <subfield code="h">A&#xF1;o XXI, N&#xB0; 251 - ago. 2020</subfield>
    <subfield code="l">0</subfield>
    <subfield code="o">H658 PRO 251</subfield>
    <subfield code="p">R22418</subfield>
    <subfield code="r">2026-04-10 16:05:54</subfield>
    <subfield code="w">2026-04-10</subfield>
    <subfield code="y">RN</subfield>
  </datafield>
  <datafield tag="952" ind1=" " ind2=" ">
    <subfield code="0">0</subfield>
    <subfield code="1">0</subfield>
    <subfield code="4">0</subfield>
    <subfield code="7">0</subfield>
    <subfield code="a">BCEJYS</subfield>
    <subfield code="b">BCEJYS</subfield>
    <subfield code="c">17</subfield>
    <subfield code="d">2020-07-01</subfield>
    <subfield code="h">A&#xF1;o XXI, N&#xB0; 250 - jul. 2020</subfield>
    <subfield code="l">0</subfield>
    <subfield code="o">H658 PRO 250</subfield>
    <subfield code="p">R22465</subfield>
    <subfield code="r">2026-04-10 16:05:54</subfield>
    <subfield code="w">2026-04-10</subfield>
    <subfield code="y">RN</subfield>
  </datafield>
  <datafield tag="952" ind1=" " ind2=" ">
    <subfield code="0">0</subfield>
    <subfield code="1">0</subfield>
    <subfield code="4">0</subfield>
    <subfield code="7">0</subfield>
    <subfield code="a">BCEJYS</subfield>
    <subfield code="b">BCEJYS</subfield>
    <subfield code="c">17</subfield>
    <subfield code="d">2020-06-01</subfield>
    <subfield code="h">A&#xF1;o XXI, N&#xBA; 249 - jun. 2020</subfield>
    <subfield code="l">0</subfield>
    <subfield code="o">H658 PRO 249</subfield>
    <subfield code="p">R22464</subfield>
    <subfield code="r">2026-04-10 16:05:54</subfield>
    <subfield code="w">2026-04-10</subfield>
    <subfield code="y">RN</subfield>
  </datafield>
  <datafield tag="952" ind1=" " ind2=" ">
    <subfield code="0">0</subfield>
    <subfield code="1">0</subfield>
    <subfield code="4">0</subfield>
    <subfield code="7">0</subfield>
    <subfield code="a">BCEJYS</subfield>
    <subfield code="b">BCEJYS</subfield>
    <subfield code="c">17</subfield>
    <subfield code="d">2020-05-01</subfield>
    <subfield code="h">A&#xF1;o XXI, N&#xBA; 248 - mayo 2020</subfield>
    <subfield code="l">0</subfield>
    <subfield code="o">H658 PRO 248</subfield>
    <subfield code="p">R22463</subfield>
    <subfield code="r">2026-04-10 16:05:54</subfield>
    <subfield code="w">2026-04-10</subfield>
    <subfield code="y">RN</subfield>
  </datafield>
  <datafield tag="952" ind1=" " ind2=" ">
    <subfield code="0">0</subfield>
    <subfield code="1">0</subfield>
    <subfield code="4">0</subfield>
    <subfield code="7">0</subfield>
    <subfield code="a">BCEJYS</subfield>
    <subfield code="b">BCEJYS</subfield>
    <subfield code="c">17</subfield>
    <subfield code="d">2020-04-01</subfield>
    <subfield code="h">A&#xF1;o XXI, N&#xBA; 247 - abr. 2020</subfield>
    <subfield code="l">0</subfield>
    <subfield code="o">H658 PRO 247</subfield>
    <subfield code="p">R22462</subfield>
    <subfield code="r">2026-04-10 16:05:54</subfield>
    <subfield code="w">2026-04-10</subfield>
    <subfield code="y">RN</subfield>
  </datafield>
  <datafield tag="952" ind1=" " ind2=" ">
    <subfield code="0">0</subfield>
    <subfield code="1">0</subfield>
    <subfield code="4">0</subfield>
    <subfield code="7">0</subfield>
    <subfield code="a">BCEJYS</subfield>
    <subfield code="b">BCEJYS</subfield>
    <subfield code="c">17</subfield>
    <subfield code="d">2020-03-01</subfield>
    <subfield code="h">A&#xF1;o XXI, N&#xBA; 246 - mar. 2020</subfield>
    <subfield code="l">0</subfield>
    <subfield code="o">H658 PRO 246</subfield>
    <subfield code="p">R22417</subfield>
    <subfield code="r">2026-04-10 16:05:54</subfield>
    <subfield code="w">2026-04-10</subfield>
    <subfield code="y">RN</subfield>
  </datafield>
  <datafield tag="952" ind1=" " ind2=" ">
    <subfield code="0">0</subfield>
    <subfield code="1">0</subfield>
    <subfield code="4">0</subfield>
    <subfield code="7">0</subfield>
    <subfield code="a">BCEJYS</subfield>
    <subfield code="b">BCEJYS</subfield>
    <subfield code="c">17</subfield>
    <subfield code="d">2020-02-01</subfield>
    <subfield code="h">A&#xF1;o XXI, N&#xBA; 245 - feb. 2020</subfield>
    <subfield code="l">0</subfield>
    <subfield code="o">H658 PRO 245</subfield>
    <subfield code="p">R22364</subfield>
    <subfield code="r">2026-04-10 16:05:54</subfield>
    <subfield code="w">2026-04-10</subfield>
    <subfield code="y">RN</subfield>
  </datafield>
  <datafield tag="952" ind1=" " ind2=" ">
    <subfield code="0">0</subfield>
    <subfield code="1">0</subfield>
    <subfield code="4">0</subfield>
    <subfield code="7">0</subfield>
    <subfield code="a">BCEJYS</subfield>
    <subfield code="b">BCEJYS</subfield>
    <subfield code="c">17</subfield>
    <subfield code="d">2020-01-01</subfield>
    <subfield code="h">A&#xF1;o XXI, N&#xBA; 244 - ene. 2020</subfield>
    <subfield code="l">0</subfield>
    <subfield code="o">H658 PRO 244</subfield>
    <subfield code="p">R22346</subfield>
    <subfield code="r">2026-04-10 16:05:54</subfield>
    <subfield code="w">2026-04-10</subfield>
    <subfield code="y">RN</subfield>
  </datafield>
  <datafield tag="952" ind1=" " ind2=" ">
    <subfield code="0">0</subfield>
    <subfield code="1">0</subfield>
    <subfield code="4">0</subfield>
    <subfield code="7">0</subfield>
    <subfield code="a">BCEJYS</subfield>
    <subfield code="b">BCEJYS</subfield>
    <subfield code="c">17</subfield>
    <subfield code="d">2019-12-01</subfield>
    <subfield code="h">A&#xF1;o XX, N&#xBA; 243 - dic. 2019</subfield>
    <subfield code="l">0</subfield>
    <subfield code="o">H658 PRO 243</subfield>
    <subfield code="p">R22339</subfield>
    <subfield code="r">2026-04-10 16:05:54</subfield>
    <subfield code="w">2026-04-10</subfield>
    <subfield code="y">RN</subfield>
  </datafield>
  <datafield tag="952" ind1=" " ind2=" ">
    <subfield code="0">0</subfield>
    <subfield code="1">0</subfield>
    <subfield code="4">0</subfield>
    <subfield code="7">0</subfield>
    <subfield code="a">BCEJYS</subfield>
    <subfield code="b">BCEJYS</subfield>
    <subfield code="c">17</subfield>
    <subfield code="d">2019-11-01</subfield>
    <subfield code="h">A&#xF1;o XX, N&#xBA; 242 - nov. 2019</subfield>
    <subfield code="l">0</subfield>
    <subfield code="o">H658 PRO 242</subfield>
    <subfield code="p">R22321</subfield>
    <subfield code="r">2026-04-10 16:05:54</subfield>
    <subfield code="w">2026-04-10</subfield>
    <subfield code="y">RN</subfield>
  </datafield>
  <datafield tag="952" ind1=" " ind2=" ">
    <subfield code="0">0</subfield>
    <subfield code="1">0</subfield>
    <subfield code="4">0</subfield>
    <subfield code="7">0</subfield>
    <subfield code="a">BCEJYS</subfield>
    <subfield code="b">BCEJYS</subfield>
    <subfield code="c">17</subfield>
    <subfield code="d">2019-10-01</subfield>
    <subfield code="h">A&#xF1;o XX, N&#xBA; 241 - oct. 2019</subfield>
    <subfield code="l">0</subfield>
    <subfield code="o">H658 PRO 241</subfield>
    <subfield code="p">R22282</subfield>
    <subfield code="r">2026-04-10 16:05:54</subfield>
    <subfield code="w">2026-04-10</subfield>
    <subfield code="y">RN</subfield>
  </datafield>
  <datafield tag="952" ind1=" " ind2=" ">
    <subfield code="0">0</subfield>
    <subfield code="1">0</subfield>
    <subfield code="4">0</subfield>
    <subfield code="7">0</subfield>
    <subfield code="a">BCEJYS</subfield>
    <subfield code="b">BCEJYS</subfield>
    <subfield code="c">17</subfield>
    <subfield code="d">2019-09-01</subfield>
    <subfield code="h">A&#xF1;o XX, N&#xBA; 240 - sep. 2019</subfield>
    <subfield code="l">0</subfield>
    <subfield code="o">H658 PRO 240</subfield>
    <subfield code="p">R22272</subfield>
    <subfield code="r">2026-04-10 16:05:54</subfield>
    <subfield code="w">2026-04-10</subfield>
    <subfield code="y">RN</subfield>
  </datafield>
  <datafield tag="952" ind1=" " ind2=" ">
    <subfield code="0">0</subfield>
    <subfield code="1">0</subfield>
    <subfield code="4">0</subfield>
    <subfield code="7">0</subfield>
    <subfield code="a">BCEJYS</subfield>
    <subfield code="b">BCEJYS</subfield>
    <subfield code="c">17</subfield>
    <subfield code="d">2019-08-01</subfield>
    <subfield code="h">A&#xF1;o XX, N&#xBA; 239 - ago. 2019</subfield>
    <subfield code="l">0</subfield>
    <subfield code="o">H658 PRO 239</subfield>
    <subfield code="p">R22244</subfield>
    <subfield code="r">2026-04-10 16:05:54</subfield>
    <subfield code="w">2026-04-10</subfield>
    <subfield code="y">RN</subfield>
  </datafield>
  <datafield tag="952" ind1=" " ind2=" ">
    <subfield code="0">0</subfield>
    <subfield code="1">0</subfield>
    <subfield code="4">0</subfield>
    <subfield code="7">0</subfield>
    <subfield code="a">BCEJYS</subfield>
    <subfield code="b">BCEJYS</subfield>
    <subfield code="c">17</subfield>
    <subfield code="d">2019-07-01</subfield>
    <subfield code="h">A&#xF1;o XX, N&#xBA; 238 - jul. 2019</subfield>
    <subfield code="l">0</subfield>
    <subfield code="o">H658 PRO 238</subfield>
    <subfield code="p">R22227</subfield>
    <subfield code="r">2026-04-10 16:05:54</subfield>
    <subfield code="w">2026-04-10</subfield>
    <subfield code="y">RN</subfield>
  </datafield>
  <datafield tag="952" ind1=" " ind2=" ">
    <subfield code="0">0</subfield>
    <subfield code="1">0</subfield>
    <subfield code="4">0</subfield>
    <subfield code="7">0</subfield>
    <subfield code="a">BCEJYS</subfield>
    <subfield code="b">BCEJYS</subfield>
    <subfield code="c">17</subfield>
    <subfield code="d">2019-06-01</subfield>
    <subfield code="h">A&#xF1;o XX, N&#xBA; 237 - jun. 2019</subfield>
    <subfield code="l">0</subfield>
    <subfield code="o">H658 PRO 237</subfield>
    <subfield code="p">R22200</subfield>
    <subfield code="r">2026-04-10 16:05:54</subfield>
    <subfield code="w">2026-04-10</subfield>
    <subfield code="y">RN</subfield>
  </datafield>
  <datafield tag="952" ind1=" " ind2=" ">
    <subfield code="0">0</subfield>
    <subfield code="1">0</subfield>
    <subfield code="4">0</subfield>
    <subfield code="7">0</subfield>
    <subfield code="a">BCEJYS</subfield>
    <subfield code="b">BCEJYS</subfield>
    <subfield code="c">17</subfield>
    <subfield code="d">2019-05-01</subfield>
    <subfield code="h">A&#xF1;o XX, N&#xBA; 236 - mayo 2019</subfield>
    <subfield code="l">0</subfield>
    <subfield code="o">H658 PRO 236</subfield>
    <subfield code="p">R22229</subfield>
    <subfield code="r">2026-04-10 16:05:54</subfield>
    <subfield code="w">2026-04-10</subfield>
    <subfield code="y">RN</subfield>
  </datafield>
  <datafield tag="952" ind1=" " ind2=" ">
    <subfield code="0">0</subfield>
    <subfield code="1">0</subfield>
    <subfield code="4">0</subfield>
    <subfield code="7">0</subfield>
    <subfield code="a">BCEJYS</subfield>
    <subfield code="b">BCEJYS</subfield>
    <subfield code="c">17</subfield>
    <subfield code="d">2019-04-01</subfield>
    <subfield code="h">A&#xF1;o XX, N&#xBA; 235 - abr. 2019</subfield>
    <subfield code="l">0</subfield>
    <subfield code="o">H658 PRO 235</subfield>
    <subfield code="p">R22166</subfield>
    <subfield code="r">2026-04-10 16:05:54</subfield>
    <subfield code="w">2026-04-10</subfield>
    <subfield code="y">RN</subfield>
  </datafield>
  <datafield tag="952" ind1=" " ind2=" ">
    <subfield code="0">0</subfield>
    <subfield code="1">0</subfield>
    <subfield code="4">0</subfield>
    <subfield code="7">0</subfield>
    <subfield code="a">BCEJYS</subfield>
    <subfield code="b">BCEJYS</subfield>
    <subfield code="c">17</subfield>
    <subfield code="d">2019-03-01</subfield>
    <subfield code="h">A&#xF1;o XX, N&#xBA; 234 - mar. 2019</subfield>
    <subfield code="l">0</subfield>
    <subfield code="o">H658 PRO 234</subfield>
    <subfield code="p">R22147</subfield>
    <subfield code="r">2026-04-10 16:05:54</subfield>
    <subfield code="w">2026-04-10</subfield>
    <subfield code="y">RN</subfield>
  </datafield>
  <datafield tag="952" ind1=" " ind2=" ">
    <subfield code="0">0</subfield>
    <subfield code="1">0</subfield>
    <subfield code="4">0</subfield>
    <subfield code="7">0</subfield>
    <subfield code="a">BCEJYS</subfield>
    <subfield code="b">BCEJYS</subfield>
    <subfield code="c">17</subfield>
    <subfield code="d">2019-02-01</subfield>
    <subfield code="h">A&#xF1;o XX, N&#xBA; 233 - feb. 2019</subfield>
    <subfield code="l">0</subfield>
    <subfield code="o">H658 PRO 233</subfield>
    <subfield code="p">R22116</subfield>
    <subfield code="r">2026-04-10 16:05:54</subfield>
    <subfield code="w">2026-04-10</subfield>
    <subfield code="y">RN</subfield>
  </datafield>
  <datafield tag="952" ind1=" " ind2=" ">
    <subfield code="0">0</subfield>
    <subfield code="1">0</subfield>
    <subfield code="4">0</subfield>
    <subfield code="7">0</subfield>
    <subfield code="a">BCEJYS</subfield>
    <subfield code="b">BCEJYS</subfield>
    <subfield code="c">17</subfield>
    <subfield code="d">2019-01-01</subfield>
    <subfield code="h">A&#xF1;o XX, N&#xBA; 232 - ene. 2019</subfield>
    <subfield code="l">0</subfield>
    <subfield code="o">H658 PRO 232</subfield>
    <subfield code="p">R22072</subfield>
    <subfield code="r">2026-04-10 16:05:54</subfield>
    <subfield code="w">2026-04-10</subfield>
    <subfield code="y">RN</subfield>
  </datafield>
  <datafield tag="952" ind1=" " ind2=" ">
    <subfield code="0">0</subfield>
    <subfield code="1">0</subfield>
    <subfield code="4">0</subfield>
    <subfield code="7">0</subfield>
    <subfield code="a">BCEJYS</subfield>
    <subfield code="b">BCEJYS</subfield>
    <subfield code="c">17</subfield>
    <subfield code="d">2018-12-01</subfield>
    <subfield code="h">A&#xF1;o XIX, N&#xBA; 231 - dic. 2018</subfield>
    <subfield code="l">0</subfield>
    <subfield code="o">H658 PRO 231</subfield>
    <subfield code="p">R22066</subfield>
    <subfield code="r">2026-04-10 16:05:54</subfield>
    <subfield code="w">2026-04-10</subfield>
    <subfield code="y">RN</subfield>
  </datafield>
  <datafield tag="952" ind1=" " ind2=" ">
    <subfield code="0">0</subfield>
    <subfield code="1">0</subfield>
    <subfield code="4">0</subfield>
    <subfield code="7">0</subfield>
    <subfield code="a">BCEJYS</subfield>
    <subfield code="b">BCEJYS</subfield>
    <subfield code="c">17</subfield>
    <subfield code="d">2018-11-01</subfield>
    <subfield code="h">A&#xF1;o XIX, N&#xBA; 230 - nov. 2018</subfield>
    <subfield code="l">0</subfield>
    <subfield code="o">H658 PRO 230</subfield>
    <subfield code="p">R22041</subfield>
    <subfield code="r">2026-04-10 16:05:54</subfield>
    <subfield code="w">2026-04-10</subfield>
    <subfield code="y">RN</subfield>
  </datafield>
  <datafield tag="952" ind1=" " ind2=" ">
    <subfield code="0">0</subfield>
    <subfield code="1">0</subfield>
    <subfield code="4">0</subfield>
    <subfield code="7">0</subfield>
    <subfield code="a">BCEJYS</subfield>
    <subfield code="b">BCEJYS</subfield>
    <subfield code="c">17</subfield>
    <subfield code="d">2018-10-01</subfield>
    <subfield code="h">A&#xF1;o XIX, N&#xBA; 229 - oct. 2018</subfield>
    <subfield code="l">0</subfield>
    <subfield code="o">H658 PRO 229</subfield>
    <subfield code="p">R22019</subfield>
    <subfield code="r">2026-04-10 16:05:54</subfield>
    <subfield code="w">2026-04-10</subfield>
    <subfield code="y">RN</subfield>
  </datafield>
  <datafield tag="952" ind1=" " ind2=" ">
    <subfield code="0">0</subfield>
    <subfield code="1">0</subfield>
    <subfield code="4">0</subfield>
    <subfield code="7">0</subfield>
    <subfield code="a">BCEJYS</subfield>
    <subfield code="b">BCEJYS</subfield>
    <subfield code="c">17</subfield>
    <subfield code="d">2018-09-01</subfield>
    <subfield code="h">A&#xF1;o XIX, N&#xBA; 228 - sep. 2018</subfield>
    <subfield code="l">0</subfield>
    <subfield code="o">H658 PRO 228</subfield>
    <subfield code="p">R21981</subfield>
    <subfield code="r">2026-04-10 16:05:54</subfield>
    <subfield code="w">2026-04-10</subfield>
    <subfield code="y">RN</subfield>
  </datafield>
  <datafield tag="952" ind1=" " ind2=" ">
    <subfield code="0">0</subfield>
    <subfield code="1">0</subfield>
    <subfield code="4">0</subfield>
    <subfield code="7">0</subfield>
    <subfield code="a">BCEJYS</subfield>
    <subfield code="b">BCEJYS</subfield>
    <subfield code="c">17</subfield>
    <subfield code="d">2018-08-01</subfield>
    <subfield code="h">A&#xF1;o XIX, N&#xBA; 227 - ago. 2018</subfield>
    <subfield code="l">0</subfield>
    <subfield code="o">H658 PRO 227</subfield>
    <subfield code="p">R21946</subfield>
    <subfield code="r">2026-04-10 16:05:54</subfield>
    <subfield code="w">2026-04-10</subfield>
    <subfield code="y">RN</subfield>
  </datafield>
  <datafield tag="952" ind1=" " ind2=" ">
    <subfield code="0">0</subfield>
    <subfield code="1">0</subfield>
    <subfield code="4">0</subfield>
    <subfield code="7">0</subfield>
    <subfield code="a">BCEJYS</subfield>
    <subfield code="b">BCEJYS</subfield>
    <subfield code="c">17</subfield>
    <subfield code="d">2018-07-01</subfield>
    <subfield code="h">A&#xF1;o XIX, N&#xBA; 226 - jul. 2018</subfield>
    <subfield code="l">0</subfield>
    <subfield code="o">H658 PRO 226</subfield>
    <subfield code="p">R21910</subfield>
    <subfield code="r">2026-04-10 16:05:54</subfield>
    <subfield code="w">2026-04-10</subfield>
    <subfield code="y">RN</subfield>
  </datafield>
  <datafield tag="952" ind1=" " ind2=" ">
    <subfield code="0">0</subfield>
    <subfield code="1">0</subfield>
    <subfield code="4">0</subfield>
    <subfield code="7">0</subfield>
    <subfield code="a">BCEJYS</subfield>
    <subfield code="b">BCEJYS</subfield>
    <subfield code="c">17</subfield>
    <subfield code="d">2018-06-01</subfield>
    <subfield code="h">A&#xF1;o XIX, N&#xBA; 225 - jun. 2018</subfield>
    <subfield code="l">0</subfield>
    <subfield code="o">H658 PRO 225</subfield>
    <subfield code="p">R21908</subfield>
    <subfield code="r">2026-04-10 16:05:54</subfield>
    <subfield code="w">2026-04-10</subfield>
    <subfield code="y">RN</subfield>
  </datafield>
  <datafield tag="952" ind1=" " ind2=" ">
    <subfield code="0">0</subfield>
    <subfield code="1">0</subfield>
    <subfield code="4">0</subfield>
    <subfield code="7">0</subfield>
    <subfield code="a">BCEJYS</subfield>
    <subfield code="b">BCEJYS</subfield>
    <subfield code="c">17</subfield>
    <subfield code="d">2018-05-01</subfield>
    <subfield code="h">A&#xF1;o XIX, N&#xBA; 224 - mayo 2018</subfield>
    <subfield code="l">0</subfield>
    <subfield code="o">H658 PRO 224</subfield>
    <subfield code="p">R21815</subfield>
    <subfield code="r">2026-04-10 16:05:54</subfield>
    <subfield code="w">2026-04-10</subfield>
    <subfield code="y">RN</subfield>
  </datafield>
  <datafield tag="952" ind1=" " ind2=" ">
    <subfield code="0">0</subfield>
    <subfield code="1">0</subfield>
    <subfield code="4">0</subfield>
    <subfield code="7">0</subfield>
    <subfield code="a">BCEJYS</subfield>
    <subfield code="b">BCEJYS</subfield>
    <subfield code="c">17</subfield>
    <subfield code="d">2018-04-01</subfield>
    <subfield code="h">A&#xF1;o XIX, N&#xBA; 223 - abr. 2018</subfield>
    <subfield code="l">0</subfield>
    <subfield code="o">H658 PRO 223</subfield>
    <subfield code="p">R21866</subfield>
    <subfield code="r">2026-04-10 16:05:54</subfield>
    <subfield code="w">2026-04-10</subfield>
    <subfield code="y">RN</subfield>
  </datafield>
  <datafield tag="952" ind1=" " ind2=" ">
    <subfield code="0">0</subfield>
    <subfield code="1">0</subfield>
    <subfield code="4">0</subfield>
    <subfield code="7">0</subfield>
    <subfield code="a">BCEJYS</subfield>
    <subfield code="b">BCEJYS</subfield>
    <subfield code="c">17</subfield>
    <subfield code="d">2018-03-01</subfield>
    <subfield code="h">A&#xF1;o XIX, N&#xBA; 222 - mar. 2018</subfield>
    <subfield code="l">0</subfield>
    <subfield code="o">H658 PRO 222</subfield>
    <subfield code="p">R21770</subfield>
    <subfield code="r">2026-04-10 16:05:54</subfield>
    <subfield code="w">2026-04-10</subfield>
    <subfield code="y">RN</subfield>
  </datafield>
  <datafield tag="952" ind1=" " ind2=" ">
    <subfield code="0">0</subfield>
    <subfield code="1">0</subfield>
    <subfield code="4">0</subfield>
    <subfield code="7">0</subfield>
    <subfield code="a">BCEJYS</subfield>
    <subfield code="b">BCEJYS</subfield>
    <subfield code="c">17</subfield>
    <subfield code="d">2018-02-01</subfield>
    <subfield code="h">A&#xF1;o XIX, N&#xBA; 221 - feb. 2018</subfield>
    <subfield code="l">0</subfield>
    <subfield code="o">H658 PRO 221</subfield>
    <subfield code="p">R21727</subfield>
    <subfield code="r">2026-04-10 16:05:54</subfield>
    <subfield code="w">2026-04-10</subfield>
    <subfield code="y">RN</subfield>
  </datafield>
  <datafield tag="952" ind1=" " ind2=" ">
    <subfield code="0">0</subfield>
    <subfield code="1">0</subfield>
    <subfield code="4">0</subfield>
    <subfield code="7">0</subfield>
    <subfield code="a">BCEJYS</subfield>
    <subfield code="b">BCEJYS</subfield>
    <subfield code="c">17</subfield>
    <subfield code="d">2018-01-01</subfield>
    <subfield code="h">A&#xF1;o XIX, N&#xBA; 220 - ene. 2018</subfield>
    <subfield code="l">0</subfield>
    <subfield code="o">H658 PRO 220</subfield>
    <subfield code="p">R21726</subfield>
    <subfield code="r">2026-04-10 16:05:54</subfield>
    <subfield code="w">2026-04-10</subfield>
    <subfield code="y">RN</subfield>
  </datafield>
  <datafield tag="952" ind1=" " ind2=" ">
    <subfield code="0">0</subfield>
    <subfield code="1">0</subfield>
    <subfield code="4">0</subfield>
    <subfield code="7">0</subfield>
    <subfield code="a">BCEJYS</subfield>
    <subfield code="b">BCEJYS</subfield>
    <subfield code="c">17</subfield>
    <subfield code="d">2017-12-01</subfield>
    <subfield code="h">A&#xF1;o XVIII, N&#xBA; 219 - dic. 2017</subfield>
    <subfield code="l">0</subfield>
    <subfield code="o">H658 PRO 219</subfield>
    <subfield code="p">R21725</subfield>
    <subfield code="r">2026-04-10 16:05:54</subfield>
    <subfield code="w">2026-04-10</subfield>
    <subfield code="y">RN</subfield>
  </datafield>
  <datafield tag="952" ind1=" " ind2=" ">
    <subfield code="0">0</subfield>
    <subfield code="1">0</subfield>
    <subfield code="4">0</subfield>
    <subfield code="7">0</subfield>
    <subfield code="a">BCEJYS</subfield>
    <subfield code="b">BCEJYS</subfield>
    <subfield code="c">17</subfield>
    <subfield code="d">2017-11-01</subfield>
    <subfield code="h">A&#xF1;o XVIII, N&#xBA; 218 - nov. 2017</subfield>
    <subfield code="l">0</subfield>
    <subfield code="o">H658 PRO 218</subfield>
    <subfield code="p">R21470</subfield>
    <subfield code="r">2026-04-10 16:05:54</subfield>
    <subfield code="w">2026-04-10</subfield>
    <subfield code="y">RN</subfield>
  </datafield>
  <datafield tag="952" ind1=" " ind2=" ">
    <subfield code="0">0</subfield>
    <subfield code="1">0</subfield>
    <subfield code="4">0</subfield>
    <subfield code="7">0</subfield>
    <subfield code="a">BCEJYS</subfield>
    <subfield code="b">BCEJYS</subfield>
    <subfield code="c">17</subfield>
    <subfield code="d">2017-10-01</subfield>
    <subfield code="h">A&#xF1;o XVIII, N&#xBA; 217 - oct. 2017</subfield>
    <subfield code="l">0</subfield>
    <subfield code="o">H658 PRO 217</subfield>
    <subfield code="p">R21422</subfield>
    <subfield code="r">2026-04-10 16:05:54</subfield>
    <subfield code="w">2026-04-10</subfield>
    <subfield code="y">RN</subfield>
  </datafield>
  <datafield tag="952" ind1=" " ind2=" ">
    <subfield code="0">0</subfield>
    <subfield code="1">0</subfield>
    <subfield code="4">0</subfield>
    <subfield code="7">0</subfield>
    <subfield code="a">BCEJYS</subfield>
    <subfield code="b">BCEJYS</subfield>
    <subfield code="c">17</subfield>
    <subfield code="d">2017-09-01</subfield>
    <subfield code="h">A&#xF1;o XVIII, N&#xBA; 216 - sep. 2017</subfield>
    <subfield code="l">0</subfield>
    <subfield code="o">H658 PRO 216</subfield>
    <subfield code="p">R21343</subfield>
    <subfield code="r">2026-04-10 16:05:54</subfield>
    <subfield code="w">2026-04-10</subfield>
    <subfield code="y">RN</subfield>
  </datafield>
  <datafield tag="952" ind1=" " ind2=" ">
    <subfield code="0">0</subfield>
    <subfield code="1">0</subfield>
    <subfield code="4">0</subfield>
    <subfield code="7">0</subfield>
    <subfield code="a">BCEJYS</subfield>
    <subfield code="b">BCEJYS</subfield>
    <subfield code="c">17</subfield>
    <subfield code="d">2017-08-01</subfield>
    <subfield code="h">A&#xF1;o XVIII, N&#xBA; 215 - ago. 2017</subfield>
    <subfield code="l">0</subfield>
    <subfield code="o">H658 PRO 215</subfield>
    <subfield code="p">R21199</subfield>
    <subfield code="r">2026-04-10 16:05:55</subfield>
    <subfield code="w">2026-04-10</subfield>
    <subfield code="y">RN</subfield>
  </datafield>
  <datafield tag="952" ind1=" " ind2=" ">
    <subfield code="0">0</subfield>
    <subfield code="1">0</subfield>
    <subfield code="4">0</subfield>
    <subfield code="7">0</subfield>
    <subfield code="a">BCEJYS</subfield>
    <subfield code="b">BCEJYS</subfield>
    <subfield code="c">17</subfield>
    <subfield code="d">2017-07-01</subfield>
    <subfield code="h">A&#xF1;o XVIII, N&#xBA; 214 - jul. 2017</subfield>
    <subfield code="l">0</subfield>
    <subfield code="o">H658 PRO 214</subfield>
    <subfield code="p">R21400</subfield>
    <subfield code="r">2026-04-10 16:05:55</subfield>
    <subfield code="w">2026-04-10</subfield>
    <subfield code="y">RN</subfield>
  </datafield>
  <datafield tag="952" ind1=" " ind2=" ">
    <subfield code="0">0</subfield>
    <subfield code="1">0</subfield>
    <subfield code="4">0</subfield>
    <subfield code="7">0</subfield>
    <subfield code="a">BCEJYS</subfield>
    <subfield code="b">BCEJYS</subfield>
    <subfield code="c">17</subfield>
    <subfield code="d">2017-06-01</subfield>
    <subfield code="h">A&#xF1;o XVIII, N&#xBA; 213 - jun. 2017</subfield>
    <subfield code="l">0</subfield>
    <subfield code="o">H658 PRO 213</subfield>
    <subfield code="p">R20761</subfield>
    <subfield code="r">2026-04-10 16:05:55</subfield>
    <subfield code="w">2026-04-10</subfield>
    <subfield code="y">RN</subfield>
  </datafield>
  <datafield tag="952" ind1=" " ind2=" ">
    <subfield code="0">0</subfield>
    <subfield code="1">0</subfield>
    <subfield code="4">0</subfield>
    <subfield code="7">0</subfield>
    <subfield code="a">BCEJYS</subfield>
    <subfield code="b">BCEJYS</subfield>
    <subfield code="c">17</subfield>
    <subfield code="d">2017-05-01</subfield>
    <subfield code="h">A&#xF1;o XVIII, N&#xBA; 212 - mayo 2017</subfield>
    <subfield code="l">0</subfield>
    <subfield code="o">H658 PRO 212</subfield>
    <subfield code="p">R20741</subfield>
    <subfield code="r">2026-04-10 16:05:55</subfield>
    <subfield code="w">2026-04-10</subfield>
    <subfield code="y">RN</subfield>
  </datafield>
  <datafield tag="952" ind1=" " ind2=" ">
    <subfield code="0">0</subfield>
    <subfield code="1">0</subfield>
    <subfield code="4">0</subfield>
    <subfield code="7">0</subfield>
    <subfield code="a">BCEJYS</subfield>
    <subfield code="b">BCEJYS</subfield>
    <subfield code="c">17</subfield>
    <subfield code="d">2017-04-01</subfield>
    <subfield code="h">A&#xF1;o XVIII, N&#xBA; 211 - abr. 2017</subfield>
    <subfield code="l">0</subfield>
    <subfield code="o">H658 PRO 211</subfield>
    <subfield code="p">R20707</subfield>
    <subfield code="r">2026-04-10 16:05:55</subfield>
    <subfield code="w">2026-04-10</subfield>
    <subfield code="y">RN</subfield>
  </datafield>
  <datafield tag="952" ind1=" " ind2=" ">
    <subfield code="0">0</subfield>
    <subfield code="1">0</subfield>
    <subfield code="4">0</subfield>
    <subfield code="7">0</subfield>
    <subfield code="a">BCEJYS</subfield>
    <subfield code="b">BCEJYS</subfield>
    <subfield code="c">17</subfield>
    <subfield code="d">2017-03-01</subfield>
    <subfield code="h">A&#xF1;o XVIII, N&#xBA; 210 - mar. 2017</subfield>
    <subfield code="l">0</subfield>
    <subfield code="o">H658 PRO 210</subfield>
    <subfield code="p">R20686</subfield>
    <subfield code="r">2026-04-10 16:05:55</subfield>
    <subfield code="w">2026-04-10</subfield>
    <subfield code="y">RN</subfield>
  </datafield>
  <datafield tag="952" ind1=" " ind2=" ">
    <subfield code="0">0</subfield>
    <subfield code="1">0</subfield>
    <subfield code="4">0</subfield>
    <subfield code="7">0</subfield>
    <subfield code="a">BCEJYS</subfield>
    <subfield code="b">BCEJYS</subfield>
    <subfield code="c">17</subfield>
    <subfield code="d">2017-02-01</subfield>
    <subfield code="h">A&#xF1;o XVIII, N&#xBA; 209 - feb. 2017</subfield>
    <subfield code="l">0</subfield>
    <subfield code="o">H658 PRO 209</subfield>
    <subfield code="p">R20666</subfield>
    <subfield code="r">2026-04-10 16:05:55</subfield>
    <subfield code="w">2026-04-10</subfield>
    <subfield code="y">RN</subfield>
  </datafield>
  <datafield tag="952" ind1=" " ind2=" ">
    <subfield code="0">0</subfield>
    <subfield code="1">0</subfield>
    <subfield code="4">0</subfield>
    <subfield code="7">0</subfield>
    <subfield code="a">BCEJYS</subfield>
    <subfield code="b">BCEJYS</subfield>
    <subfield code="c">17</subfield>
    <subfield code="d">2017-01-01</subfield>
    <subfield code="h">A&#xF1;o XVIII, N&#xBA; 208 - ene. 2017</subfield>
    <subfield code="l">0</subfield>
    <subfield code="o">H658 PRO 208</subfield>
    <subfield code="p">R20632</subfield>
    <subfield code="r">2026-04-10 16:05:55</subfield>
    <subfield code="w">2026-04-10</subfield>
    <subfield code="y">RN</subfield>
  </datafield>
  <datafield tag="952" ind1=" " ind2=" ">
    <subfield code="0">0</subfield>
    <subfield code="1">0</subfield>
    <subfield code="4">0</subfield>
    <subfield code="7">0</subfield>
    <subfield code="a">BCEJYS</subfield>
    <subfield code="b">BCEJYS</subfield>
    <subfield code="c">17</subfield>
    <subfield code="d">2016-12-01</subfield>
    <subfield code="h">A&#xF1;o XVII, N&#xBA; 207 - dic. 2016</subfield>
    <subfield code="l">0</subfield>
    <subfield code="o">H658 PRO 207</subfield>
    <subfield code="p">R20619</subfield>
    <subfield code="r">2026-04-10 16:05:55</subfield>
    <subfield code="w">2026-04-10</subfield>
    <subfield code="y">RN</subfield>
  </datafield>
  <datafield tag="952" ind1=" " ind2=" ">
    <subfield code="0">0</subfield>
    <subfield code="1">0</subfield>
    <subfield code="4">0</subfield>
    <subfield code="7">0</subfield>
    <subfield code="a">BCEJYS</subfield>
    <subfield code="b">BCEJYS</subfield>
    <subfield code="c">17</subfield>
    <subfield code="d">2016-11-01</subfield>
    <subfield code="h">A&#xF1;o XVII, N&#xBA; 206 - nov. 2016</subfield>
    <subfield code="l">0</subfield>
    <subfield code="o">H658 PRO 206</subfield>
    <subfield code="p">R20586</subfield>
    <subfield code="r">2026-04-10 16:05:55</subfield>
    <subfield code="w">2026-04-10</subfield>
    <subfield code="y">RN</subfield>
  </datafield>
  <datafield tag="952" ind1=" " ind2=" ">
    <subfield code="0">0</subfield>
    <subfield code="1">0</subfield>
    <subfield code="4">0</subfield>
    <subfield code="7">0</subfield>
    <subfield code="a">BCEJYS</subfield>
    <subfield code="b">BCEJYS</subfield>
    <subfield code="c">17</subfield>
    <subfield code="d">2016-10-01</subfield>
    <subfield code="h">A&#xF1;o XVII, N&#xBA; 205 - oct. 2016</subfield>
    <subfield code="l">0</subfield>
    <subfield code="o">H658 PRO 205</subfield>
    <subfield code="p">R20540</subfield>
    <subfield code="r">2026-04-10 16:05:55</subfield>
    <subfield code="w">2026-04-10</subfield>
    <subfield code="y">RN</subfield>
  </datafield>
  <datafield tag="952" ind1=" " ind2=" ">
    <subfield code="0">0</subfield>
    <subfield code="1">0</subfield>
    <subfield code="4">0</subfield>
    <subfield code="7">0</subfield>
    <subfield code="a">BCEJYS</subfield>
    <subfield code="b">BCEJYS</subfield>
    <subfield code="c">17</subfield>
    <subfield code="d">2016-09-01</subfield>
    <subfield code="h">A&#xF1;o XVII, N&#xBA; 204 - sep. 2016</subfield>
    <subfield code="l">0</subfield>
    <subfield code="o">H658 PRO 204</subfield>
    <subfield code="p">R20492</subfield>
    <subfield code="r">2026-04-10 16:05:55</subfield>
    <subfield code="w">2026-04-10</subfield>
    <subfield code="y">RN</subfield>
  </datafield>
  <datafield tag="952" ind1=" " ind2=" ">
    <subfield code="0">0</subfield>
    <subfield code="1">0</subfield>
    <subfield code="4">0</subfield>
    <subfield code="7">0</subfield>
    <subfield code="a">BCEJYS</subfield>
    <subfield code="b">BCEJYS</subfield>
    <subfield code="c">17</subfield>
    <subfield code="d">2016-08-01</subfield>
    <subfield code="h">A&#xF1;o XVII, N&#xBA; 203 - ago. 2016</subfield>
    <subfield code="l">0</subfield>
    <subfield code="o">H658 PRO 203</subfield>
    <subfield code="p">R20473</subfield>
    <subfield code="r">2026-04-10 16:05:55</subfield>
    <subfield code="w">2026-04-10</subfield>
    <subfield code="y">RN</subfield>
  </datafield>
  <datafield tag="952" ind1=" " ind2=" ">
    <subfield code="0">0</subfield>
    <subfield code="1">0</subfield>
    <subfield code="4">0</subfield>
    <subfield code="7">0</subfield>
    <subfield code="a">BCEJYS</subfield>
    <subfield code="b">BCEJYS</subfield>
    <subfield code="c">17</subfield>
    <subfield code="d">2016-07-01</subfield>
    <subfield code="h">A&#xF1;o XVII, N&#xBA; 202 - jul. 2016</subfield>
    <subfield code="l">0</subfield>
    <subfield code="o">H658 PRO 202</subfield>
    <subfield code="p">R20356</subfield>
    <subfield code="r">2026-04-10 16:05:55</subfield>
    <subfield code="w">2026-04-10</subfield>
    <subfield code="y">RN</subfield>
  </datafield>
  <datafield tag="952" ind1=" " ind2=" ">
    <subfield code="0">0</subfield>
    <subfield code="1">0</subfield>
    <subfield code="4">0</subfield>
    <subfield code="7">0</subfield>
    <subfield code="a">BCEJYS</subfield>
    <subfield code="b">BCEJYS</subfield>
    <subfield code="c">17</subfield>
    <subfield code="d">2016-06-01</subfield>
    <subfield code="h">A&#xF1;o XVII, N&#xBA; 201 - jun. 2016</subfield>
    <subfield code="l">0</subfield>
    <subfield code="o">H658 PRO 201</subfield>
    <subfield code="p">R20314</subfield>
    <subfield code="r">2026-04-10 16:05:55</subfield>
    <subfield code="w">2026-04-10</subfield>
    <subfield code="y">RN</subfield>
  </datafield>
  <datafield tag="952" ind1=" " ind2=" ">
    <subfield code="0">0</subfield>
    <subfield code="1">0</subfield>
    <subfield code="4">0</subfield>
    <subfield code="7">0</subfield>
    <subfield code="a">BCEJYS</subfield>
    <subfield code="b">BCEJYS</subfield>
    <subfield code="c">17</subfield>
    <subfield code="d">2016-05-01</subfield>
    <subfield code="h">A&#xF1;o XVII, N&#xBA; 200 - mayo 2016</subfield>
    <subfield code="l">0</subfield>
    <subfield code="o">H658 PRO 200</subfield>
    <subfield code="p">R19858</subfield>
    <subfield code="r">2026-04-10 16:05:55</subfield>
    <subfield code="w">2026-04-10</subfield>
    <subfield code="y">RN</subfield>
  </datafield>
  <datafield tag="952" ind1=" " ind2=" ">
    <subfield code="0">0</subfield>
    <subfield code="1">0</subfield>
    <subfield code="4">0</subfield>
    <subfield code="7">0</subfield>
    <subfield code="a">BCEJYS</subfield>
    <subfield code="b">BCEJYS</subfield>
    <subfield code="c">17</subfield>
    <subfield code="d">2016-04-01</subfield>
    <subfield code="h">A&#xF1;o XVII, N&#xBA; 199 - abr. 2016</subfield>
    <subfield code="l">0</subfield>
    <subfield code="o">H658 PRO 199</subfield>
    <subfield code="p">R19771</subfield>
    <subfield code="r">2026-04-10 16:05:55</subfield>
    <subfield code="w">2026-04-10</subfield>
    <subfield code="y">RN</subfield>
  </datafield>
  <datafield tag="952" ind1=" " ind2=" ">
    <subfield code="0">0</subfield>
    <subfield code="1">0</subfield>
    <subfield code="4">0</subfield>
    <subfield code="7">0</subfield>
    <subfield code="a">BCEJYS</subfield>
    <subfield code="b">BCEJYS</subfield>
    <subfield code="c">17</subfield>
    <subfield code="d">2016-03-01</subfield>
    <subfield code="h">A&#xF1;o XVII, N&#xBA; 198 - mar. 2016</subfield>
    <subfield code="l">0</subfield>
    <subfield code="o">H658 PRO 198</subfield>
    <subfield code="p">R19009</subfield>
    <subfield code="r">2026-04-10 16:05:55</subfield>
    <subfield code="w">2026-04-10</subfield>
    <subfield code="y">RN</subfield>
  </datafield>
  <datafield tag="952" ind1=" " ind2=" ">
    <subfield code="0">0</subfield>
    <subfield code="1">0</subfield>
    <subfield code="4">0</subfield>
    <subfield code="7">0</subfield>
    <subfield code="a">BCEJYS</subfield>
    <subfield code="b">BCEJYS</subfield>
    <subfield code="c">17</subfield>
    <subfield code="d">2016-02-01</subfield>
    <subfield code="h">A&#xF1;o XVII, N&#xBA; 197 - feb. 2016</subfield>
    <subfield code="l">0</subfield>
    <subfield code="o">H658 PRO 197</subfield>
    <subfield code="p">R18251</subfield>
    <subfield code="r">2026-04-10 16:05:55</subfield>
    <subfield code="w">2026-04-10</subfield>
    <subfield code="y">RN</subfield>
  </datafield>
  <datafield tag="952" ind1=" " ind2=" ">
    <subfield code="0">0</subfield>
    <subfield code="1">0</subfield>
    <subfield code="4">0</subfield>
    <subfield code="7">0</subfield>
    <subfield code="a">BCEJYS</subfield>
    <subfield code="b">BCEJYS</subfield>
    <subfield code="c">17</subfield>
    <subfield code="d">2016-01-01</subfield>
    <subfield code="h">A&#xF1;o XVII, N&#xBA; 196 - ene. 2016</subfield>
    <subfield code="l">0</subfield>
    <subfield code="o">H658 PRO 196</subfield>
    <subfield code="p">R17769</subfield>
    <subfield code="r">2026-04-10 16:05:55</subfield>
    <subfield code="w">2026-04-10</subfield>
    <subfield code="y">RN</subfield>
  </datafield>
  <datafield tag="952" ind1=" " ind2=" ">
    <subfield code="0">0</subfield>
    <subfield code="1">0</subfield>
    <subfield code="4">0</subfield>
    <subfield code="7">0</subfield>
    <subfield code="a">BCEJYS</subfield>
    <subfield code="b">BCEJYS</subfield>
    <subfield code="c">17</subfield>
    <subfield code="d">2015-12-01</subfield>
    <subfield code="h">A&#xF1;o XVI, N&#xBA; 195 - dic. 2015</subfield>
    <subfield code="l">0</subfield>
    <subfield code="o">H658 PRO 195</subfield>
    <subfield code="p">R17773</subfield>
    <subfield code="r">2026-04-10 16:05:55</subfield>
    <subfield code="w">2026-04-10</subfield>
    <subfield code="y">RN</subfield>
  </datafield>
  <datafield tag="952" ind1=" " ind2=" ">
    <subfield code="0">0</subfield>
    <subfield code="1">0</subfield>
    <subfield code="4">0</subfield>
    <subfield code="7">0</subfield>
    <subfield code="a">BCEJYS</subfield>
    <subfield code="b">BCEJYS</subfield>
    <subfield code="c">17</subfield>
    <subfield code="d">2015-11-01</subfield>
    <subfield code="h">A&#xF1;o XVI, N&#xBA; 194 - nov. 2015</subfield>
    <subfield code="l">0</subfield>
    <subfield code="o">H658 PRO 194</subfield>
    <subfield code="p">R17741</subfield>
    <subfield code="r">2026-04-10 16:05:55</subfield>
    <subfield code="w">2026-04-10</subfield>
    <subfield code="y">RN</subfield>
  </datafield>
  <datafield tag="952" ind1=" " ind2=" ">
    <subfield code="0">0</subfield>
    <subfield code="1">0</subfield>
    <subfield code="4">0</subfield>
    <subfield code="7">0</subfield>
    <subfield code="a">BCEJYS</subfield>
    <subfield code="b">BCEJYS</subfield>
    <subfield code="c">17</subfield>
    <subfield code="d">2015-10-01</subfield>
    <subfield code="h">A&#xF1;o XVI, N&#xBA; 193 - oct. 2015</subfield>
    <subfield code="l">0</subfield>
    <subfield code="o">H658 PRO 193</subfield>
    <subfield code="p">R16716</subfield>
    <subfield code="r">2026-04-10 16:05:55</subfield>
    <subfield code="w">2026-04-10</subfield>
    <subfield code="y">RN</subfield>
  </datafield>
  <datafield tag="952" ind1=" " ind2=" ">
    <subfield code="0">0</subfield>
    <subfield code="1">0</subfield>
    <subfield code="4">0</subfield>
    <subfield code="7">0</subfield>
    <subfield code="a">BCEJYS</subfield>
    <subfield code="b">BCEJYS</subfield>
    <subfield code="c">17</subfield>
    <subfield code="d">2015-09-01</subfield>
    <subfield code="h">A&#xF1;o XVI, N&#xBA; 192 - sep. 2015</subfield>
    <subfield code="l">0</subfield>
    <subfield code="o">H658 PRO 192</subfield>
    <subfield code="p">R15966</subfield>
    <subfield code="r">2026-04-10 16:05:55</subfield>
    <subfield code="w">2026-04-10</subfield>
    <subfield code="y">RN</subfield>
  </datafield>
  <datafield tag="952" ind1=" " ind2=" ">
    <subfield code="0">0</subfield>
    <subfield code="1">0</subfield>
    <subfield code="4">0</subfield>
    <subfield code="7">0</subfield>
    <subfield code="a">BCEJYS</subfield>
    <subfield code="b">BCEJYS</subfield>
    <subfield code="c">17</subfield>
    <subfield code="d">2015-08-01</subfield>
    <subfield code="h">A&#xF1;o XVI, N&#xBA; 191 - ago. 2015</subfield>
    <subfield code="l">0</subfield>
    <subfield code="o">H658 PRO 191</subfield>
    <subfield code="p">R15148</subfield>
    <subfield code="r">2026-04-10 16:05:55</subfield>
    <subfield code="w">2026-04-10</subfield>
    <subfield code="y">RN</subfield>
  </datafield>
  <datafield tag="952" ind1=" " ind2=" ">
    <subfield code="0">0</subfield>
    <subfield code="1">0</subfield>
    <subfield code="4">0</subfield>
    <subfield code="7">0</subfield>
    <subfield code="a">BCEJYS</subfield>
    <subfield code="b">BCEJYS</subfield>
    <subfield code="c">17</subfield>
    <subfield code="d">2015-07-01</subfield>
    <subfield code="h">A&#xF1;o XVI, N&#xBA; 190 - jul. 2015</subfield>
    <subfield code="l">0</subfield>
    <subfield code="o">H658 PRO 190</subfield>
    <subfield code="p">R14695</subfield>
    <subfield code="r">2026-04-10 16:05:55</subfield>
    <subfield code="w">2026-04-10</subfield>
    <subfield code="y">RN</subfield>
  </datafield>
  <datafield tag="952" ind1=" " ind2=" ">
    <subfield code="0">0</subfield>
    <subfield code="1">0</subfield>
    <subfield code="4">0</subfield>
    <subfield code="7">0</subfield>
    <subfield code="a">BCEJYS</subfield>
    <subfield code="b">BCEJYS</subfield>
    <subfield code="c">17</subfield>
    <subfield code="d">2015-06-01</subfield>
    <subfield code="h">A&#xF1;o XVI, N&#xBA; 189 - jun. 2015</subfield>
    <subfield code="l">0</subfield>
    <subfield code="o">H658 PRO 189</subfield>
    <subfield code="p">R14480</subfield>
    <subfield code="r">2026-04-10 16:05:55</subfield>
    <subfield code="w">2026-04-10</subfield>
    <subfield code="y">RN</subfield>
  </datafield>
  <datafield tag="952" ind1=" " ind2=" ">
    <subfield code="0">0</subfield>
    <subfield code="1">0</subfield>
    <subfield code="4">0</subfield>
    <subfield code="7">0</subfield>
    <subfield code="a">BCEJYS</subfield>
    <subfield code="b">BCEJYS</subfield>
    <subfield code="c">17</subfield>
    <subfield code="d">2015-05-01</subfield>
    <subfield code="h">A&#xF1;o XVI, N&#xBA; 188 - mayo 2015</subfield>
    <subfield code="l">0</subfield>
    <subfield code="o">H658 PRO 188</subfield>
    <subfield code="p">R14212</subfield>
    <subfield code="r">2026-04-10 16:05:55</subfield>
    <subfield code="w">2026-04-10</subfield>
    <subfield code="y">RN</subfield>
  </datafield>
  <datafield tag="952" ind1=" " ind2=" ">
    <subfield code="0">0</subfield>
    <subfield code="1">0</subfield>
    <subfield code="4">0</subfield>
    <subfield code="7">0</subfield>
    <subfield code="a">BCEJYS</subfield>
    <subfield code="b">BCEJYS</subfield>
    <subfield code="c">17</subfield>
    <subfield code="d">2015-04-01</subfield>
    <subfield code="h">A&#xF1;o XVI, N&#xBA; 187 - abr. 2015</subfield>
    <subfield code="l">0</subfield>
    <subfield code="o">H658 PRO 187</subfield>
    <subfield code="p">R13793</subfield>
    <subfield code="r">2026-04-10 16:05:55</subfield>
    <subfield code="w">2026-04-10</subfield>
    <subfield code="y">RN</subfield>
  </datafield>
  <datafield tag="952" ind1=" " ind2=" ">
    <subfield code="0">0</subfield>
    <subfield code="1">0</subfield>
    <subfield code="4">0</subfield>
    <subfield code="7">0</subfield>
    <subfield code="a">BCEJYS</subfield>
    <subfield code="b">BCEJYS</subfield>
    <subfield code="c">17</subfield>
    <subfield code="d">2015-03-01</subfield>
    <subfield code="h">A&#xF1;o XVI, N&#xBA; 186 - mar. 2015</subfield>
    <subfield code="l">0</subfield>
    <subfield code="o">H658 PRO 186</subfield>
    <subfield code="p">R13667</subfield>
    <subfield code="r">2026-04-10 16:05:55</subfield>
    <subfield code="w">2026-04-10</subfield>
    <subfield code="y">RN</subfield>
  </datafield>
  <datafield tag="952" ind1=" " ind2=" ">
    <subfield code="0">0</subfield>
    <subfield code="1">0</subfield>
    <subfield code="4">0</subfield>
    <subfield code="7">0</subfield>
    <subfield code="a">BCEJYS</subfield>
    <subfield code="b">BCEJYS</subfield>
    <subfield code="c">17</subfield>
    <subfield code="d">2015-02-01</subfield>
    <subfield code="h">A&#xF1;o XVI, N&#xBA; 185 - feb. 2015</subfield>
    <subfield code="l">0</subfield>
    <subfield code="o">H658 PRO 185</subfield>
    <subfield code="p">R13498</subfield>
    <subfield code="r">2026-04-10 16:05:55</subfield>
    <subfield code="w">2026-04-10</subfield>
    <subfield code="y">RN</subfield>
  </datafield>
  <datafield tag="952" ind1=" " ind2=" ">
    <subfield code="0">0</subfield>
    <subfield code="1">0</subfield>
    <subfield code="4">0</subfield>
    <subfield code="7">0</subfield>
    <subfield code="a">BCEJYS</subfield>
    <subfield code="b">BCEJYS</subfield>
    <subfield code="c">17</subfield>
    <subfield code="d">2015-01-01</subfield>
    <subfield code="h">A&#xF1;o XVI, N&#xBA; 184 - ene. 2015</subfield>
    <subfield code="l">0</subfield>
    <subfield code="o">H658 PRO 184</subfield>
    <subfield code="p">R13418</subfield>
    <subfield code="r">2026-04-10 16:05:55</subfield>
    <subfield code="w">2026-04-10</subfield>
    <subfield code="y">RN</subfield>
  </datafield>
  <datafield tag="952" ind1=" " ind2=" ">
    <subfield code="0">0</subfield>
    <subfield code="1">0</subfield>
    <subfield code="4">0</subfield>
    <subfield code="7">0</subfield>
    <subfield code="a">BCEJYS</subfield>
    <subfield code="b">BCEJYS</subfield>
    <subfield code="c">17</subfield>
    <subfield code="d">2014-12-01</subfield>
    <subfield code="h">A&#xF1;o XV, N&#xBA; 183 - dic. 2014</subfield>
    <subfield code="l">0</subfield>
    <subfield code="o">H658 PRO 183</subfield>
    <subfield code="p">R13394</subfield>
    <subfield code="r">2026-04-10 16:05:55</subfield>
    <subfield code="w">2026-04-10</subfield>
    <subfield code="y">RN</subfield>
  </datafield>
  <datafield tag="952" ind1=" " ind2=" ">
    <subfield code="0">0</subfield>
    <subfield code="1">0</subfield>
    <subfield code="4">0</subfield>
    <subfield code="7">0</subfield>
    <subfield code="a">BCEJYS</subfield>
    <subfield code="b">BCEJYS</subfield>
    <subfield code="c">17</subfield>
    <subfield code="d">2014-11-01</subfield>
    <subfield code="h">A&#xF1;o XV, N&#xBA; 182 - nov. 2014</subfield>
    <subfield code="l">0</subfield>
    <subfield code="o">H658 PRO 182</subfield>
    <subfield code="p">R13119</subfield>
    <subfield code="r">2026-04-10 16:05:55</subfield>
    <subfield code="w">2026-04-10</subfield>
    <subfield code="y">RN</subfield>
  </datafield>
  <datafield tag="952" ind1=" " ind2=" ">
    <subfield code="0">0</subfield>
    <subfield code="1">0</subfield>
    <subfield code="4">0</subfield>
    <subfield code="7">0</subfield>
    <subfield code="a">BCEJYS</subfield>
    <subfield code="b">BCEJYS</subfield>
    <subfield code="c">17</subfield>
    <subfield code="d">2014-10-01</subfield>
    <subfield code="h">A&#xF1;o XV, N&#xBA; 181 - oct. 2014</subfield>
    <subfield code="l">0</subfield>
    <subfield code="o">H658 PRO 181</subfield>
    <subfield code="p">R12579</subfield>
    <subfield code="r">2026-04-10 16:05:55</subfield>
    <subfield code="w">2026-04-10</subfield>
    <subfield code="y">RN</subfield>
  </datafield>
  <datafield tag="952" ind1=" " ind2=" ">
    <subfield code="0">0</subfield>
    <subfield code="1">0</subfield>
    <subfield code="4">0</subfield>
    <subfield code="7">0</subfield>
    <subfield code="a">BCEJYS</subfield>
    <subfield code="b">BCEJYS</subfield>
    <subfield code="c">17</subfield>
    <subfield code="d">2014-09-01</subfield>
    <subfield code="h">A&#xF1;o XV, N&#xBA; 180 - sep. 2014</subfield>
    <subfield code="l">0</subfield>
    <subfield code="o">H658 PRO 180</subfield>
    <subfield code="p">R12251</subfield>
    <subfield code="r">2026-04-10 16:05:55</subfield>
    <subfield code="w">2026-04-10</subfield>
    <subfield code="y">RN</subfield>
  </datafield>
  <datafield tag="952" ind1=" " ind2=" ">
    <subfield code="0">0</subfield>
    <subfield code="1">0</subfield>
    <subfield code="4">0</subfield>
    <subfield code="7">0</subfield>
    <subfield code="a">BCEJYS</subfield>
    <subfield code="b">BCEJYS</subfield>
    <subfield code="c">17</subfield>
    <subfield code="d">2014-08-01</subfield>
    <subfield code="h">A&#xF1;o XV, N&#xBA; 179 - ago. 2014</subfield>
    <subfield code="l">0</subfield>
    <subfield code="o">H658 PRO 179</subfield>
    <subfield code="p">R12057</subfield>
    <subfield code="r">2026-04-10 16:05:55</subfield>
    <subfield code="w">2026-04-10</subfield>
    <subfield code="y">RN</subfield>
  </datafield>
  <datafield tag="952" ind1=" " ind2=" ">
    <subfield code="0">0</subfield>
    <subfield code="1">0</subfield>
    <subfield code="4">0</subfield>
    <subfield code="7">0</subfield>
    <subfield code="a">BCEJYS</subfield>
    <subfield code="b">BCEJYS</subfield>
    <subfield code="c">17</subfield>
    <subfield code="d">2014-07-01</subfield>
    <subfield code="h">A&#xF1;o XV, N&#xBA; 178 - jul. 2014</subfield>
    <subfield code="l">0</subfield>
    <subfield code="o">H658 PRO 178</subfield>
    <subfield code="p">R11424</subfield>
    <subfield code="r">2026-04-10 16:05:55</subfield>
    <subfield code="w">2026-04-10</subfield>
    <subfield code="y">RN</subfield>
  </datafield>
  <datafield tag="952" ind1=" " ind2=" ">
    <subfield code="0">0</subfield>
    <subfield code="1">0</subfield>
    <subfield code="4">0</subfield>
    <subfield code="7">0</subfield>
    <subfield code="a">BCEJYS</subfield>
    <subfield code="b">BCEJYS</subfield>
    <subfield code="c">17</subfield>
    <subfield code="d">2014-06-01</subfield>
    <subfield code="h">A&#xF1;o XV, N&#xBA; 177 - jun. 2014</subfield>
    <subfield code="l">0</subfield>
    <subfield code="o">H658 PRO 177</subfield>
    <subfield code="p">R11537</subfield>
    <subfield code="r">2026-04-10 16:05:55</subfield>
    <subfield code="w">2026-04-10</subfield>
    <subfield code="y">RN</subfield>
  </datafield>
  <datafield tag="952" ind1=" " ind2=" ">
    <subfield code="0">0</subfield>
    <subfield code="1">0</subfield>
    <subfield code="4">0</subfield>
    <subfield code="7">0</subfield>
    <subfield code="a">BCEJYS</subfield>
    <subfield code="b">BCEJYS</subfield>
    <subfield code="c">17</subfield>
    <subfield code="d">2014-05-01</subfield>
    <subfield code="h">A&#xF1;o XV, N&#xBA; 176 - mayo 2014</subfield>
    <subfield code="l">0</subfield>
    <subfield code="o">H658 PRO 176</subfield>
    <subfield code="p">R11070</subfield>
    <subfield code="r">2026-04-10 16:05:55</subfield>
    <subfield code="w">2026-04-10</subfield>
    <subfield code="y">RN</subfield>
  </datafield>
  <datafield tag="952" ind1=" " ind2=" ">
    <subfield code="0">0</subfield>
    <subfield code="1">0</subfield>
    <subfield code="4">0</subfield>
    <subfield code="7">0</subfield>
    <subfield code="a">BCEJYS</subfield>
    <subfield code="b">BCEJYS</subfield>
    <subfield code="c">17</subfield>
    <subfield code="d">2014-04-01</subfield>
    <subfield code="h">A&#xF1;o XV, N&#xBA; 175 - abr. 2014</subfield>
    <subfield code="l">0</subfield>
    <subfield code="o">H658 PRO 175</subfield>
    <subfield code="p">R10595</subfield>
    <subfield code="r">2026-04-10 16:05:55</subfield>
    <subfield code="w">2026-04-10</subfield>
    <subfield code="y">RN</subfield>
  </datafield>
  <datafield tag="952" ind1=" " ind2=" ">
    <subfield code="0">0</subfield>
    <subfield code="1">0</subfield>
    <subfield code="4">0</subfield>
    <subfield code="7">0</subfield>
    <subfield code="a">BCEJYS</subfield>
    <subfield code="b">BCEJYS</subfield>
    <subfield code="c">17</subfield>
    <subfield code="d">2014-03-01</subfield>
    <subfield code="h">A&#xF1;o XV, N&#xBA; 174 - mar. 2014</subfield>
    <subfield code="l">0</subfield>
    <subfield code="o">H658 PRO 174</subfield>
    <subfield code="p">R10568</subfield>
    <subfield code="r">2026-04-10 16:05:55</subfield>
    <subfield code="w">2026-04-10</subfield>
    <subfield code="y">RN</subfield>
  </datafield>
  <datafield tag="952" ind1=" " ind2=" ">
    <subfield code="0">0</subfield>
    <subfield code="1">0</subfield>
    <subfield code="4">0</subfield>
    <subfield code="7">0</subfield>
    <subfield code="a">BCEJYS</subfield>
    <subfield code="b">BCEJYS</subfield>
    <subfield code="c">17</subfield>
    <subfield code="d">2014-02-01</subfield>
    <subfield code="h">A&#xF1;o XV, N&#xBA; 173 - feb. 2014</subfield>
    <subfield code="l">0</subfield>
    <subfield code="o">H658 PRO 173</subfield>
    <subfield code="p">R10335</subfield>
    <subfield code="r">2026-04-10 16:05:55</subfield>
    <subfield code="w">2026-04-10</subfield>
    <subfield code="y">RN</subfield>
  </datafield>
  <datafield tag="952" ind1=" " ind2=" ">
    <subfield code="0">0</subfield>
    <subfield code="1">0</subfield>
    <subfield code="4">0</subfield>
    <subfield code="7">0</subfield>
    <subfield code="a">BCEJYS</subfield>
    <subfield code="b">BCEJYS</subfield>
    <subfield code="c">17</subfield>
    <subfield code="d">2014-01-01</subfield>
    <subfield code="h">A&#xF1;o XV, N&#xBA; 172 - ene. 2014</subfield>
    <subfield code="l">0</subfield>
    <subfield code="o">H658 PRO 172</subfield>
    <subfield code="p">R10216</subfield>
    <subfield code="r">2026-04-10 16:05:55</subfield>
    <subfield code="w">2026-04-10</subfield>
    <subfield code="y">RN</subfield>
  </datafield>
  <datafield tag="952" ind1=" " ind2=" ">
    <subfield code="0">0</subfield>
    <subfield code="1">0</subfield>
    <subfield code="4">0</subfield>
    <subfield code="7">0</subfield>
    <subfield code="a">BCEJYS</subfield>
    <subfield code="b">BCEJYS</subfield>
    <subfield code="c">17</subfield>
    <subfield code="d">2013-12-01</subfield>
    <subfield code="h">A&#xF1;o XIV, N&#xBA; 171 - dic. 2013</subfield>
    <subfield code="l">0</subfield>
    <subfield code="o">H658 PRO 171</subfield>
    <subfield code="p">R10215</subfield>
    <subfield code="r">2026-04-10 16:05:55</subfield>
    <subfield code="w">2026-04-10</subfield>
    <subfield code="y">RN</subfield>
  </datafield>
  <datafield tag="952" ind1=" " ind2=" ">
    <subfield code="0">0</subfield>
    <subfield code="1">0</subfield>
    <subfield code="4">0</subfield>
    <subfield code="7">0</subfield>
    <subfield code="a">BCEJYS</subfield>
    <subfield code="b">BCEJYS</subfield>
    <subfield code="c">17</subfield>
    <subfield code="d">2013-11-01</subfield>
    <subfield code="h">A&#xF1;o XIV, N&#xBA; 170 - nov. 2013</subfield>
    <subfield code="l">0</subfield>
    <subfield code="o">H658 PRO 170</subfield>
    <subfield code="p">R10193</subfield>
    <subfield code="r">2026-04-10 16:05:55</subfield>
    <subfield code="w">2026-04-10</subfield>
    <subfield code="y">RN</subfield>
  </datafield>
  <datafield tag="952" ind1=" " ind2=" ">
    <subfield code="0">0</subfield>
    <subfield code="1">0</subfield>
    <subfield code="4">0</subfield>
    <subfield code="7">0</subfield>
    <subfield code="a">BCEJYS</subfield>
    <subfield code="b">BCEJYS</subfield>
    <subfield code="c">17</subfield>
    <subfield code="d">2013-10-01</subfield>
    <subfield code="h">A&#xF1;o XIV, N&#xBA; 169 - oct. 2013</subfield>
    <subfield code="l">0</subfield>
    <subfield code="o">H658 PRO 169</subfield>
    <subfield code="p">R09170</subfield>
    <subfield code="r">2026-04-10 16:05:55</subfield>
    <subfield code="w">2026-04-10</subfield>
    <subfield code="y">RN</subfield>
  </datafield>
  <datafield tag="952" ind1=" " ind2=" ">
    <subfield code="0">0</subfield>
    <subfield code="1">0</subfield>
    <subfield code="4">0</subfield>
    <subfield code="7">0</subfield>
    <subfield code="a">BCEJYS</subfield>
    <subfield code="b">BCEJYS</subfield>
    <subfield code="c">17</subfield>
    <subfield code="d">2013-09-01</subfield>
    <subfield code="h">A&#xF1;o XIV, N&#xBA; 168 - sep. 2013</subfield>
    <subfield code="l">0</subfield>
    <subfield code="o">H658 PRO 168</subfield>
    <subfield code="p">R08671</subfield>
    <subfield code="r">2026-04-10 16:05:55</subfield>
    <subfield code="w">2026-04-10</subfield>
    <subfield code="y">RN</subfield>
  </datafield>
  <datafield tag="952" ind1=" " ind2=" ">
    <subfield code="0">0</subfield>
    <subfield code="1">0</subfield>
    <subfield code="4">0</subfield>
    <subfield code="7">0</subfield>
    <subfield code="a">BCEJYS</subfield>
    <subfield code="b">BCEJYS</subfield>
    <subfield code="c">17</subfield>
    <subfield code="d">2013-08-01</subfield>
    <subfield code="h">A&#xF1;o XIV, N&#xBA; 167 - ago. 2013</subfield>
    <subfield code="l">0</subfield>
    <subfield code="o">H658 PRO 167</subfield>
    <subfield code="p">R08397</subfield>
    <subfield code="r">2026-04-10 16:05:55</subfield>
    <subfield code="w">2026-04-10</subfield>
    <subfield code="y">RN</subfield>
  </datafield>
  <datafield tag="952" ind1=" " ind2=" ">
    <subfield code="0">0</subfield>
    <subfield code="1">0</subfield>
    <subfield code="4">0</subfield>
    <subfield code="7">0</subfield>
    <subfield code="a">BCEJYS</subfield>
    <subfield code="b">BCEJYS</subfield>
    <subfield code="c">17</subfield>
    <subfield code="d">2013-07-01</subfield>
    <subfield code="h">A&#xF1;o XIV, N&#xBA; 166 - jul. 2013</subfield>
    <subfield code="l">0</subfield>
    <subfield code="o">H658 PRO 166</subfield>
    <subfield code="p">R08234</subfield>
    <subfield code="r">2026-04-10 16:05:55</subfield>
    <subfield code="w">2026-04-10</subfield>
    <subfield code="y">RN</subfield>
  </datafield>
  <datafield tag="952" ind1=" " ind2=" ">
    <subfield code="0">0</subfield>
    <subfield code="1">0</subfield>
    <subfield code="4">0</subfield>
    <subfield code="7">0</subfield>
    <subfield code="a">BCEJYS</subfield>
    <subfield code="b">BCEJYS</subfield>
    <subfield code="c">17</subfield>
    <subfield code="d">2013-06-01</subfield>
    <subfield code="h">A&#xF1;o XIII, N&#xBA; 165 - jun. 2013</subfield>
    <subfield code="l">0</subfield>
    <subfield code="o">H658 PRO 165</subfield>
    <subfield code="p">R08176</subfield>
    <subfield code="r">2026-04-10 16:05:55</subfield>
    <subfield code="w">2026-04-10</subfield>
    <subfield code="y">RN</subfield>
  </datafield>
  <datafield tag="952" ind1=" " ind2=" ">
    <subfield code="0">0</subfield>
    <subfield code="1">0</subfield>
    <subfield code="4">0</subfield>
    <subfield code="7">0</subfield>
    <subfield code="a">BCEJYS</subfield>
    <subfield code="b">BCEJYS</subfield>
    <subfield code="c">17</subfield>
    <subfield code="d">2013-05-01</subfield>
    <subfield code="h">A&#xF1;o XIII, N&#xBA; 164 - mayo 2013</subfield>
    <subfield code="l">0</subfield>
    <subfield code="o">H658 PRO 164</subfield>
    <subfield code="p">R07946</subfield>
    <subfield code="r">2026-04-10 16:05:55</subfield>
    <subfield code="w">2026-04-10</subfield>
    <subfield code="y">RN</subfield>
  </datafield>
  <datafield tag="952" ind1=" " ind2=" ">
    <subfield code="0">0</subfield>
    <subfield code="1">0</subfield>
    <subfield code="4">0</subfield>
    <subfield code="7">0</subfield>
    <subfield code="a">BCEJYS</subfield>
    <subfield code="b">BCEJYS</subfield>
    <subfield code="c">17</subfield>
    <subfield code="d">2013-04-01</subfield>
    <subfield code="h">A&#xF1;o XIII, N&#xBA; 163 - abr. 2013</subfield>
    <subfield code="l">0</subfield>
    <subfield code="o">H658 PRO 163</subfield>
    <subfield code="p">R07201</subfield>
    <subfield code="r">2026-04-10 16:05:55</subfield>
    <subfield code="w">2026-04-10</subfield>
    <subfield code="y">RN</subfield>
  </datafield>
  <datafield tag="952" ind1=" " ind2=" ">
    <subfield code="0">0</subfield>
    <subfield code="1">0</subfield>
    <subfield code="4">0</subfield>
    <subfield code="7">0</subfield>
    <subfield code="a">BCEJYS</subfield>
    <subfield code="b">BCEJYS</subfield>
    <subfield code="c">17</subfield>
    <subfield code="d">2013-03-01</subfield>
    <subfield code="h">A&#xF1;o XIII, N&#xBA; 162 - mar. 2013</subfield>
    <subfield code="l">0</subfield>
    <subfield code="o">H658 PRO 162</subfield>
    <subfield code="p">R06320</subfield>
    <subfield code="r">2026-04-10 16:05:55</subfield>
    <subfield code="w">2026-04-10</subfield>
    <subfield code="y">RN</subfield>
  </datafield>
  <datafield tag="952" ind1=" " ind2=" ">
    <subfield code="0">0</subfield>
    <subfield code="1">0</subfield>
    <subfield code="4">0</subfield>
    <subfield code="7">0</subfield>
    <subfield code="a">BCEJYS</subfield>
    <subfield code="b">BCEJYS</subfield>
    <subfield code="c">17</subfield>
    <subfield code="d">2013-02-01</subfield>
    <subfield code="h">A&#xF1;o XIII, N&#xBA; 161 - feb. 2013</subfield>
    <subfield code="l">0</subfield>
    <subfield code="o">H658 PRO 161</subfield>
    <subfield code="p">R06183</subfield>
    <subfield code="r">2026-04-10 16:05:55</subfield>
    <subfield code="w">2026-04-10</subfield>
    <subfield code="y">RN</subfield>
  </datafield>
  <datafield tag="952" ind1=" " ind2=" ">
    <subfield code="0">0</subfield>
    <subfield code="1">0</subfield>
    <subfield code="4">0</subfield>
    <subfield code="7">0</subfield>
    <subfield code="a">BCEJYS</subfield>
    <subfield code="b">BCEJYS</subfield>
    <subfield code="c">17</subfield>
    <subfield code="d">2013-01-01</subfield>
    <subfield code="h">A&#xF1;o XIII, N&#xBA; 160 - ene. 2013</subfield>
    <subfield code="l">0</subfield>
    <subfield code="o">H658 PRO 160</subfield>
    <subfield code="p">R05974</subfield>
    <subfield code="r">2026-04-10 16:05:55</subfield>
    <subfield code="w">2026-04-10</subfield>
    <subfield code="y">RN</subfield>
  </datafield>
  <datafield tag="952" ind1=" " ind2=" ">
    <subfield code="0">0</subfield>
    <subfield code="1">0</subfield>
    <subfield code="4">0</subfield>
    <subfield code="7">0</subfield>
    <subfield code="a">BCEJYS</subfield>
    <subfield code="b">BCEJYS</subfield>
    <subfield code="c">17</subfield>
    <subfield code="d">2012-12-01</subfield>
    <subfield code="h">A&#xF1;o XIII, N&#xBA; 159 - dic. 2012</subfield>
    <subfield code="l">0</subfield>
    <subfield code="o">H658 PRO 159</subfield>
    <subfield code="p">R05957</subfield>
    <subfield code="r">2026-04-10 16:05:55</subfield>
    <subfield code="w">2026-04-10</subfield>
    <subfield code="y">RN</subfield>
  </datafield>
  <datafield tag="952" ind1=" " ind2=" ">
    <subfield code="0">0</subfield>
    <subfield code="1">0</subfield>
    <subfield code="4">0</subfield>
    <subfield code="7">0</subfield>
    <subfield code="a">BCEJYS</subfield>
    <subfield code="b">BCEJYS</subfield>
    <subfield code="c">17</subfield>
    <subfield code="d">2012-11-01</subfield>
    <subfield code="h">A&#xF1;o XIII, N&#xBA; 158 - nov. 2012</subfield>
    <subfield code="l">0</subfield>
    <subfield code="o">H658 PRO 158</subfield>
    <subfield code="p">R05956</subfield>
    <subfield code="r">2026-04-10 16:05:55</subfield>
    <subfield code="w">2026-04-10</subfield>
    <subfield code="y">RN</subfield>
  </datafield>
  <datafield tag="952" ind1=" " ind2=" ">
    <subfield code="0">0</subfield>
    <subfield code="1">0</subfield>
    <subfield code="4">0</subfield>
    <subfield code="7">0</subfield>
    <subfield code="a">BCEJYS</subfield>
    <subfield code="b">BCEJYS</subfield>
    <subfield code="c">17</subfield>
    <subfield code="d">2012-10-01</subfield>
    <subfield code="h">A&#xF1;o XIII, N&#xBA; 157 - oct. 2012</subfield>
    <subfield code="l">0</subfield>
    <subfield code="o">H658 PRO 157</subfield>
    <subfield code="p">R05730</subfield>
    <subfield code="r">2026-04-10 16:05:55</subfield>
    <subfield code="w">2026-04-10</subfield>
    <subfield code="y">RN</subfield>
  </datafield>
  <datafield tag="952" ind1=" " ind2=" ">
    <subfield code="0">0</subfield>
    <subfield code="1">0</subfield>
    <subfield code="4">0</subfield>
    <subfield code="7">0</subfield>
    <subfield code="a">BCEJYS</subfield>
    <subfield code="b">BCEJYS</subfield>
    <subfield code="c">17</subfield>
    <subfield code="d">2012-09-01</subfield>
    <subfield code="h">A&#xF1;o XIII, N&#xBA; 156 - sep. 2012</subfield>
    <subfield code="l">0</subfield>
    <subfield code="o">H658 PRO 156</subfield>
    <subfield code="p">R05002</subfield>
    <subfield code="r">2026-04-10 16:05:55</subfield>
    <subfield code="w">2026-04-10</subfield>
    <subfield code="y">RN</subfield>
  </datafield>
  <datafield tag="952" ind1=" " ind2=" ">
    <subfield code="0">0</subfield>
    <subfield code="1">0</subfield>
    <subfield code="4">0</subfield>
    <subfield code="7">0</subfield>
    <subfield code="a">BCEJYS</subfield>
    <subfield code="b">BCEJYS</subfield>
    <subfield code="c">17</subfield>
    <subfield code="d">2012-08-01</subfield>
    <subfield code="h">A&#xF1;o XIII, N&#xBA; 155 - ago. 2012</subfield>
    <subfield code="l">0</subfield>
    <subfield code="o">H658 PRO 155</subfield>
    <subfield code="p">R05001</subfield>
    <subfield code="r">2026-04-10 16:05:55</subfield>
    <subfield code="w">2026-04-10</subfield>
    <subfield code="y">RN</subfield>
  </datafield>
  <datafield tag="952" ind1=" " ind2=" ">
    <subfield code="0">0</subfield>
    <subfield code="1">0</subfield>
    <subfield code="4">0</subfield>
    <subfield code="7">0</subfield>
    <subfield code="a">BCEJYS</subfield>
    <subfield code="b">BCEJYS</subfield>
    <subfield code="c">17</subfield>
    <subfield code="d">2012-07-01</subfield>
    <subfield code="h">A&#xF1;o XIII, N&#xBA; 154 - jul. 2012</subfield>
    <subfield code="l">0</subfield>
    <subfield code="o">H658 PRO 154</subfield>
    <subfield code="p">R04387</subfield>
    <subfield code="r">2026-04-10 16:05:55</subfield>
    <subfield code="w">2026-04-10</subfield>
    <subfield code="y">RN</subfield>
  </datafield>
  <datafield tag="952" ind1=" " ind2=" ">
    <subfield code="0">0</subfield>
    <subfield code="1">0</subfield>
    <subfield code="4">0</subfield>
    <subfield code="7">0</subfield>
    <subfield code="a">BCEJYS</subfield>
    <subfield code="b">BCEJYS</subfield>
    <subfield code="c">17</subfield>
    <subfield code="d">2012-06-01</subfield>
    <subfield code="h">A&#xF1;o XIII, N&#xBA; 153 - jun. 2012</subfield>
    <subfield code="l">0</subfield>
    <subfield code="o">H658 PRO 153</subfield>
    <subfield code="p">R04132</subfield>
    <subfield code="r">2026-04-10 16:05:55</subfield>
    <subfield code="w">2026-04-10</subfield>
    <subfield code="y">RN</subfield>
  </datafield>
  <datafield tag="952" ind1=" " ind2=" ">
    <subfield code="0">0</subfield>
    <subfield code="1">0</subfield>
    <subfield code="4">0</subfield>
    <subfield code="7">0</subfield>
    <subfield code="a">BCEJYS</subfield>
    <subfield code="b">BCEJYS</subfield>
    <subfield code="c">17</subfield>
    <subfield code="d">2012-05-01</subfield>
    <subfield code="h">A&#xF1;o XIII, N&#xBA; 152 - may. 2012</subfield>
    <subfield code="l">0</subfield>
    <subfield code="o">H658 PRO 152</subfield>
    <subfield code="p">R03998</subfield>
    <subfield code="r">2026-04-10 16:05:55</subfield>
    <subfield code="w">2026-04-10</subfield>
    <subfield code="y">RN</subfield>
  </datafield>
  <datafield tag="952" ind1=" " ind2=" ">
    <subfield code="0">0</subfield>
    <subfield code="1">0</subfield>
    <subfield code="4">0</subfield>
    <subfield code="7">0</subfield>
    <subfield code="a">BCEJYS</subfield>
    <subfield code="b">BCEJYS</subfield>
    <subfield code="c">17</subfield>
    <subfield code="d">2012-04-01</subfield>
    <subfield code="h">A&#xF1;o XIII, N&#xBA; 151 - abr. 2012</subfield>
    <subfield code="l">0</subfield>
    <subfield code="o">H658 PRO 151</subfield>
    <subfield code="p">R03960</subfield>
    <subfield code="r">2026-04-10 16:05:55</subfield>
    <subfield code="w">2026-04-10</subfield>
    <subfield code="y">RN</subfield>
  </datafield>
  <datafield tag="952" ind1=" " ind2=" ">
    <subfield code="0">0</subfield>
    <subfield code="1">0</subfield>
    <subfield code="4">0</subfield>
    <subfield code="7">0</subfield>
    <subfield code="a">BCEJYS</subfield>
    <subfield code="b">BCEJYS</subfield>
    <subfield code="c">17</subfield>
    <subfield code="d">2012-03-01</subfield>
    <subfield code="h">A&#xF1;o XIII, N&#xBA; 150 - mar. 2012</subfield>
    <subfield code="l">0</subfield>
    <subfield code="o">H658 PRO 150</subfield>
    <subfield code="p">R03934</subfield>
    <subfield code="r">2026-04-10 16:05:55</subfield>
    <subfield code="w">2026-04-10</subfield>
    <subfield code="y">RN</subfield>
  </datafield>
  <datafield tag="952" ind1=" " ind2=" ">
    <subfield code="0">0</subfield>
    <subfield code="1">0</subfield>
    <subfield code="4">0</subfield>
    <subfield code="7">0</subfield>
    <subfield code="a">BCEJYS</subfield>
    <subfield code="b">BCEJYS</subfield>
    <subfield code="c">17</subfield>
    <subfield code="d">2012-02-01</subfield>
    <subfield code="h">A&#xF1;o XIII, N&#xBA; 149 - feb. 2012</subfield>
    <subfield code="l">0</subfield>
    <subfield code="o">H658 PRO 149</subfield>
    <subfield code="p">R03499</subfield>
    <subfield code="r">2026-04-10 16:05:55</subfield>
    <subfield code="w">2026-04-10</subfield>
    <subfield code="y">RN</subfield>
  </datafield>
  <datafield tag="952" ind1=" " ind2=" ">
    <subfield code="0">0</subfield>
    <subfield code="1">0</subfield>
    <subfield code="4">0</subfield>
    <subfield code="7">0</subfield>
    <subfield code="a">BCEJYS</subfield>
    <subfield code="b">BCEJYS</subfield>
    <subfield code="c">17</subfield>
    <subfield code="d">2012-01-01</subfield>
    <subfield code="h">A&#xF1;o XIII, N&#xBA; 148 - ene. 2012</subfield>
    <subfield code="l">0</subfield>
    <subfield code="o">H658 PRO 148</subfield>
    <subfield code="p">R03489</subfield>
    <subfield code="r">2026-04-10 16:05:55</subfield>
    <subfield code="w">2026-04-10</subfield>
    <subfield code="y">RN</subfield>
  </datafield>
  <datafield tag="952" ind1=" " ind2=" ">
    <subfield code="0">0</subfield>
    <subfield code="1">0</subfield>
    <subfield code="4">0</subfield>
    <subfield code="7">0</subfield>
    <subfield code="a">BCEJYS</subfield>
    <subfield code="b">BCEJYS</subfield>
    <subfield code="c">17</subfield>
    <subfield code="d">2011-12-01</subfield>
    <subfield code="h">A&#xF1;o XII, N&#xBA; 147 - dic. 2011</subfield>
    <subfield code="l">0</subfield>
    <subfield code="o">H658 PRO 147</subfield>
    <subfield code="p">R03476</subfield>
    <subfield code="r">2026-04-10 16:05:55</subfield>
    <subfield code="w">2026-04-10</subfield>
    <subfield code="y">RN</subfield>
  </datafield>
  <datafield tag="952" ind1=" " ind2=" ">
    <subfield code="0">0</subfield>
    <subfield code="1">0</subfield>
    <subfield code="4">0</subfield>
    <subfield code="7">0</subfield>
    <subfield code="a">BCEJYS</subfield>
    <subfield code="b">BCEJYS</subfield>
    <subfield code="c">17</subfield>
    <subfield code="d">2011-11-01</subfield>
    <subfield code="h">A&#xF1;o XII, N&#xBA; 146 - nov. 2011</subfield>
    <subfield code="l">0</subfield>
    <subfield code="o">H658 PRO 146</subfield>
    <subfield code="p">R03468</subfield>
    <subfield code="r">2026-04-10 16:05:55</subfield>
    <subfield code="w">2026-04-10</subfield>
    <subfield code="y">RN</subfield>
  </datafield>
  <datafield tag="952" ind1=" " ind2=" ">
    <subfield code="0">0</subfield>
    <subfield code="1">0</subfield>
    <subfield code="4">0</subfield>
    <subfield code="7">0</subfield>
    <subfield code="a">BCEJYS</subfield>
    <subfield code="b">BCEJYS</subfield>
    <subfield code="c">17</subfield>
    <subfield code="d">2011-10-01</subfield>
    <subfield code="h">A&#xF1;o XII, N&#xBA; 145 - oct. 2011</subfield>
    <subfield code="l">0</subfield>
    <subfield code="o">H658 PRO 145</subfield>
    <subfield code="p">R03376</subfield>
    <subfield code="r">2026-04-10 16:05:55</subfield>
    <subfield code="w">2026-04-10</subfield>
    <subfield code="y">RN</subfield>
  </datafield>
  <datafield tag="952" ind1=" " ind2=" ">
    <subfield code="0">0</subfield>
    <subfield code="1">0</subfield>
    <subfield code="4">0</subfield>
    <subfield code="7">0</subfield>
    <subfield code="a">BCEJYS</subfield>
    <subfield code="b">BCEJYS</subfield>
    <subfield code="c">17</subfield>
    <subfield code="d">2011-09-01</subfield>
    <subfield code="h">A&#xF1;o XII, N&#xBA; 144 - sep. 2011</subfield>
    <subfield code="l">0</subfield>
    <subfield code="o">H658 PRO 144</subfield>
    <subfield code="p">R03272</subfield>
    <subfield code="r">2026-04-10 16:05:55</subfield>
    <subfield code="w">2026-04-10</subfield>
    <subfield code="y">RN</subfield>
  </datafield>
  <datafield tag="952" ind1=" " ind2=" ">
    <subfield code="0">0</subfield>
    <subfield code="1">0</subfield>
    <subfield code="4">0</subfield>
    <subfield code="7">0</subfield>
    <subfield code="a">BCEJYS</subfield>
    <subfield code="b">BCEJYS</subfield>
    <subfield code="c">17</subfield>
    <subfield code="d">2011-08-01</subfield>
    <subfield code="h">A&#xF1;o XII, N&#xBA; 143 - ago. 2011</subfield>
    <subfield code="l">0</subfield>
    <subfield code="o">H658 PRO 143</subfield>
    <subfield code="p">R03265</subfield>
    <subfield code="r">2026-04-10 16:05:55</subfield>
    <subfield code="w">2026-04-10</subfield>
    <subfield code="y">RN</subfield>
  </datafield>
  <datafield tag="952" ind1=" " ind2=" ">
    <subfield code="0">0</subfield>
    <subfield code="1">0</subfield>
    <subfield code="4">0</subfield>
    <subfield code="7">0</subfield>
    <subfield code="a">BCEJYS</subfield>
    <subfield code="b">BCEJYS</subfield>
    <subfield code="c">17</subfield>
    <subfield code="d">2011-07-01</subfield>
    <subfield code="h">A&#xF1;o XII, N&#xBA; 142 - jul. 2011</subfield>
    <subfield code="l">0</subfield>
    <subfield code="o">H658 PRO 142</subfield>
    <subfield code="p">R03253</subfield>
    <subfield code="r">2026-04-10 16:05:55</subfield>
    <subfield code="w">2026-04-10</subfield>
    <subfield code="y">RN</subfield>
  </datafield>
  <datafield tag="952" ind1=" " ind2=" ">
    <subfield code="0">0</subfield>
    <subfield code="1">0</subfield>
    <subfield code="4">0</subfield>
    <subfield code="7">0</subfield>
    <subfield code="a">BCEJYS</subfield>
    <subfield code="b">BCEJYS</subfield>
    <subfield code="c">17</subfield>
    <subfield code="d">2011-06-01</subfield>
    <subfield code="h">A&#xF1;o XII, N&#xBA; 141 - jun. 2011</subfield>
    <subfield code="l">0</subfield>
    <subfield code="o">H658 PRO 141</subfield>
    <subfield code="p">R03244</subfield>
    <subfield code="r">2026-04-10 16:05:55</subfield>
    <subfield code="w">2026-04-10</subfield>
    <subfield code="y">RN</subfield>
  </datafield>
  <datafield tag="952" ind1=" " ind2=" ">
    <subfield code="0">0</subfield>
    <subfield code="1">0</subfield>
    <subfield code="4">0</subfield>
    <subfield code="7">0</subfield>
    <subfield code="a">BCEJYS</subfield>
    <subfield code="b">BCEJYS</subfield>
    <subfield code="c">17</subfield>
    <subfield code="d">2011-05-01</subfield>
    <subfield code="h">A&#xF1;o XII, N&#xBA; 140 - may. 2011</subfield>
    <subfield code="l">0</subfield>
    <subfield code="o">H658 PRO 140</subfield>
    <subfield code="p">R03109</subfield>
    <subfield code="r">2026-04-10 16:05:55</subfield>
    <subfield code="w">2026-04-10</subfield>
    <subfield code="y">RN</subfield>
  </datafield>
  <datafield tag="952" ind1=" " ind2=" ">
    <subfield code="0">0</subfield>
    <subfield code="1">0</subfield>
    <subfield code="4">0</subfield>
    <subfield code="7">0</subfield>
    <subfield code="a">BCEJYS</subfield>
    <subfield code="b">BCEJYS</subfield>
    <subfield code="c">17</subfield>
    <subfield code="d">2011-04-01</subfield>
    <subfield code="h">A&#xF1;o XII, N&#xBA; 139 - abr. 2011</subfield>
    <subfield code="l">0</subfield>
    <subfield code="o">H658 PRO 139</subfield>
    <subfield code="p">R03033</subfield>
    <subfield code="r">2026-04-10 16:05:55</subfield>
    <subfield code="w">2026-04-10</subfield>
    <subfield code="y">RN</subfield>
  </datafield>
  <datafield tag="952" ind1=" " ind2=" ">
    <subfield code="0">0</subfield>
    <subfield code="1">0</subfield>
    <subfield code="4">0</subfield>
    <subfield code="7">0</subfield>
    <subfield code="a">BCEJYS</subfield>
    <subfield code="b">BCEJYS</subfield>
    <subfield code="c">17</subfield>
    <subfield code="d">2011-03-01</subfield>
    <subfield code="h">A&#xF1;o XII, N&#xBA; 138 - mar. 2011</subfield>
    <subfield code="l">0</subfield>
    <subfield code="o">H658 PRO 138</subfield>
    <subfield code="p">R03027</subfield>
    <subfield code="r">2026-04-10 16:05:55</subfield>
    <subfield code="w">2026-04-10</subfield>
    <subfield code="y">RN</subfield>
  </datafield>
  <datafield tag="952" ind1=" " ind2=" ">
    <subfield code="0">0</subfield>
    <subfield code="1">0</subfield>
    <subfield code="4">0</subfield>
    <subfield code="7">0</subfield>
    <subfield code="a">BCEJYS</subfield>
    <subfield code="b">BCEJYS</subfield>
    <subfield code="c">17</subfield>
    <subfield code="d">2011-02-01</subfield>
    <subfield code="h">A&#xF1;o XII, N&#xBA; 137 - feb. 2011</subfield>
    <subfield code="l">0</subfield>
    <subfield code="o">H658 PRO 137</subfield>
    <subfield code="p">R03015</subfield>
    <subfield code="r">2026-04-10 16:05:55</subfield>
    <subfield code="w">2026-04-10</subfield>
    <subfield code="y">RN</subfield>
  </datafield>
  <datafield tag="952" ind1=" " ind2=" ">
    <subfield code="0">0</subfield>
    <subfield code="1">0</subfield>
    <subfield code="4">0</subfield>
    <subfield code="7">0</subfield>
    <subfield code="a">BCEJYS</subfield>
    <subfield code="b">BCEJYS</subfield>
    <subfield code="c">17</subfield>
    <subfield code="d">2011-01-01</subfield>
    <subfield code="h">A&#xF1;o XII, N&#xBA; 136 - ene. 2011</subfield>
    <subfield code="l">0</subfield>
    <subfield code="o">H658 PRO 136</subfield>
    <subfield code="p">R02751</subfield>
    <subfield code="r">2026-04-10 16:05:55</subfield>
    <subfield code="w">2026-04-10</subfield>
    <subfield code="y">RN</subfield>
  </datafield>
  <datafield tag="952" ind1=" " ind2=" ">
    <subfield code="0">0</subfield>
    <subfield code="1">0</subfield>
    <subfield code="4">0</subfield>
    <subfield code="7">0</subfield>
    <subfield code="a">BCEJYS</subfield>
    <subfield code="b">BCEJYS</subfield>
    <subfield code="c">17</subfield>
    <subfield code="d">2010-12-01</subfield>
    <subfield code="h">A&#xF1;o XII, N&#xBA; 135 - dic. 2010</subfield>
    <subfield code="l">0</subfield>
    <subfield code="o">H658 PRO 135</subfield>
    <subfield code="p">R02703</subfield>
    <subfield code="r">2026-04-10 16:05:55</subfield>
    <subfield code="w">2026-04-10</subfield>
    <subfield code="y">RN</subfield>
  </datafield>
  <datafield tag="952" ind1=" " ind2=" ">
    <subfield code="0">0</subfield>
    <subfield code="1">0</subfield>
    <subfield code="4">0</subfield>
    <subfield code="7">0</subfield>
    <subfield code="a">BCEJYS</subfield>
    <subfield code="b">BCEJYS</subfield>
    <subfield code="c">17</subfield>
    <subfield code="d">2010-11-01</subfield>
    <subfield code="h">A&#xF1;o XII, N&#xBA; 134 - nov. 2010</subfield>
    <subfield code="l">0</subfield>
    <subfield code="o">H658 PRO 134</subfield>
    <subfield code="p">R02476</subfield>
    <subfield code="r">2026-04-10 16:05:55</subfield>
    <subfield code="w">2026-04-10</subfield>
    <subfield code="y">RN</subfield>
  </datafield>
  <datafield tag="952" ind1=" " ind2=" ">
    <subfield code="0">0</subfield>
    <subfield code="1">0</subfield>
    <subfield code="4">0</subfield>
    <subfield code="7">0</subfield>
    <subfield code="a">BCEJYS</subfield>
    <subfield code="b">BCEJYS</subfield>
    <subfield code="c">17</subfield>
    <subfield code="d">2010-10-01</subfield>
    <subfield code="h">A&#xF1;o XII, N&#xBA; 133 - oct. 2010</subfield>
    <subfield code="l">0</subfield>
    <subfield code="o">H658 PRO 133</subfield>
    <subfield code="p">R02475</subfield>
    <subfield code="r">2026-04-10 16:05:55</subfield>
    <subfield code="w">2026-04-10</subfield>
    <subfield code="y">RN</subfield>
  </datafield>
  <datafield tag="952" ind1=" " ind2=" ">
    <subfield code="0">0</subfield>
    <subfield code="1">0</subfield>
    <subfield code="4">0</subfield>
    <subfield code="7">0</subfield>
    <subfield code="a">BCEJYS</subfield>
    <subfield code="b">BCEJYS</subfield>
    <subfield code="c">17</subfield>
    <subfield code="d">2010-09-01</subfield>
    <subfield code="h">A&#xF1;o XII, N&#xBA; 132 - sep. 2010</subfield>
    <subfield code="l">0</subfield>
    <subfield code="o">H658 PRO 132</subfield>
    <subfield code="p">R02468</subfield>
    <subfield code="r">2026-04-10 16:05:55</subfield>
    <subfield code="w">2026-04-10</subfield>
    <subfield code="y">RN</subfield>
  </datafield>
  <datafield tag="952" ind1=" " ind2=" ">
    <subfield code="0">0</subfield>
    <subfield code="1">0</subfield>
    <subfield code="4">0</subfield>
    <subfield code="7">0</subfield>
    <subfield code="a">BCEJYS</subfield>
    <subfield code="b">BCEJYS</subfield>
    <subfield code="c">17</subfield>
    <subfield code="d">2010-08-01</subfield>
    <subfield code="h">A&#xF1;o XII, N&#xBA; 131 - ago. 2010</subfield>
    <subfield code="l">0</subfield>
    <subfield code="o">H658 PRO 131</subfield>
    <subfield code="p">R02463</subfield>
    <subfield code="r">2026-04-10 16:05:55</subfield>
    <subfield code="w">2026-04-10</subfield>
    <subfield code="y">RN</subfield>
  </datafield>
  <datafield tag="952" ind1=" " ind2=" ">
    <subfield code="0">0</subfield>
    <subfield code="1">0</subfield>
    <subfield code="4">0</subfield>
    <subfield code="7">0</subfield>
    <subfield code="a">BCEJYS</subfield>
    <subfield code="b">BCEJYS</subfield>
    <subfield code="c">17</subfield>
    <subfield code="d">2010-07-01</subfield>
    <subfield code="h">A&#xF1;o XII, N&#xBA; 130 - jul. 2010</subfield>
    <subfield code="l">0</subfield>
    <subfield code="o">H658 PRO 130</subfield>
    <subfield code="p">R02448</subfield>
    <subfield code="r">2026-04-10 16:05:55</subfield>
    <subfield code="w">2026-04-10</subfield>
    <subfield code="y">RN</subfield>
    <subfield code="z">LOMO H&#xDA;MEDO</subfield>
  </datafield>
  <datafield tag="952" ind1=" " ind2=" ">
    <subfield code="0">0</subfield>
    <subfield code="1">0</subfield>
    <subfield code="4">0</subfield>
    <subfield code="7">0</subfield>
    <subfield code="a">BCEJYS</subfield>
    <subfield code="b">BCEJYS</subfield>
    <subfield code="c">17</subfield>
    <subfield code="d">2010-06-01</subfield>
    <subfield code="h">A&#xF1;o XII, N&#xBA; 129 - jun. 2010</subfield>
    <subfield code="l">0</subfield>
    <subfield code="o">H658 PRO 129</subfield>
    <subfield code="p">R02443</subfield>
    <subfield code="r">2026-04-10 16:05:55</subfield>
    <subfield code="w">2026-04-10</subfield>
    <subfield code="y">RN</subfield>
  </datafield>
  <datafield tag="952" ind1=" " ind2=" ">
    <subfield code="0">0</subfield>
    <subfield code="1">0</subfield>
    <subfield code="4">0</subfield>
    <subfield code="7">0</subfield>
    <subfield code="a">BCEJYS</subfield>
    <subfield code="b">BCEJYS</subfield>
    <subfield code="c">17</subfield>
    <subfield code="d">2010-05-01</subfield>
    <subfield code="h">A&#xF1;o XII, N&#xBA; 128 - may. 2010</subfield>
    <subfield code="l">0</subfield>
    <subfield code="o">H658 PRO 128</subfield>
    <subfield code="p">R02420</subfield>
    <subfield code="r">2026-04-10 16:05:55</subfield>
    <subfield code="w">2026-04-10</subfield>
    <subfield code="y">RN</subfield>
  </datafield>
  <datafield tag="952" ind1=" " ind2=" ">
    <subfield code="0">0</subfield>
    <subfield code="1">0</subfield>
    <subfield code="4">0</subfield>
    <subfield code="7">0</subfield>
    <subfield code="a">BCEJYS</subfield>
    <subfield code="b">BCEJYS</subfield>
    <subfield code="c">17</subfield>
    <subfield code="d">2010-04-19</subfield>
    <subfield code="h">A&#xF1;o XII, N&#xBA; 127 - abr. 2010</subfield>
    <subfield code="l">0</subfield>
    <subfield code="o">H658 PRO 127</subfield>
    <subfield code="p">R02396</subfield>
    <subfield code="r">2026-04-10 16:05:55</subfield>
    <subfield code="w">2026-04-10</subfield>
    <subfield code="y">RN</subfield>
  </datafield>
  <datafield tag="952" ind1=" " ind2=" ">
    <subfield code="0">0</subfield>
    <subfield code="1">0</subfield>
    <subfield code="4">0</subfield>
    <subfield code="7">0</subfield>
    <subfield code="a">BCEJYS</subfield>
    <subfield code="b">BCEJYS</subfield>
    <subfield code="c">17</subfield>
    <subfield code="d">2010-03-01</subfield>
    <subfield code="h">A&#xF1;o XII, N&#xBA; 126 - mar. 2010</subfield>
    <subfield code="l">0</subfield>
    <subfield code="o">H658 PRO 126</subfield>
    <subfield code="p">R02395</subfield>
    <subfield code="r">2026-04-10 16:05:55</subfield>
    <subfield code="w">2026-04-10</subfield>
    <subfield code="y">RN</subfield>
  </datafield>
  <datafield tag="952" ind1=" " ind2=" ">
    <subfield code="0">0</subfield>
    <subfield code="1">0</subfield>
    <subfield code="4">0</subfield>
    <subfield code="7">0</subfield>
    <subfield code="a">BCEJYS</subfield>
    <subfield code="b">BCEJYS</subfield>
    <subfield code="c">17</subfield>
    <subfield code="d">2010-03-01</subfield>
    <subfield code="h">A&#xF1;o XII, N&#xBA; 126 - mar. 2010</subfield>
    <subfield code="l">0</subfield>
    <subfield code="o">H658 PRO 126 Ej.2</subfield>
    <subfield code="p">R12400</subfield>
    <subfield code="r">2026-04-10 16:05:55</subfield>
    <subfield code="w">2026-04-10</subfield>
    <subfield code="y">RN</subfield>
  </datafield>
  <datafield tag="952" ind1=" " ind2=" ">
    <subfield code="0">0</subfield>
    <subfield code="1">0</subfield>
    <subfield code="4">0</subfield>
    <subfield code="7">0</subfield>
    <subfield code="a">BCEJYS</subfield>
    <subfield code="b">BCEJYS</subfield>
    <subfield code="c">17</subfield>
    <subfield code="d">2010-02-01</subfield>
    <subfield code="h">A&#xF1;o XII, N&#xBA; 125 - feb. 2010</subfield>
    <subfield code="l">0</subfield>
    <subfield code="o">H658 PRO 125</subfield>
    <subfield code="p">R02392</subfield>
    <subfield code="r">2026-04-10 16:05:55</subfield>
    <subfield code="w">2026-04-10</subfield>
    <subfield code="y">RN</subfield>
  </datafield>
  <datafield tag="952" ind1=" " ind2=" ">
    <subfield code="0">0</subfield>
    <subfield code="1">0</subfield>
    <subfield code="4">0</subfield>
    <subfield code="7">0</subfield>
    <subfield code="a">BCEJYS</subfield>
    <subfield code="b">BCEJYS</subfield>
    <subfield code="c">17</subfield>
    <subfield code="d">2010-01-01</subfield>
    <subfield code="h">A&#xF1;o XII, N&#xBA; 124 - ene. 2010</subfield>
    <subfield code="l">0</subfield>
    <subfield code="o">H658 PRO 124</subfield>
    <subfield code="p">R02370</subfield>
    <subfield code="r">2026-04-10 16:05:55</subfield>
    <subfield code="w">2026-04-10</subfield>
    <subfield code="y">RN</subfield>
  </datafield>
  <datafield tag="952" ind1=" " ind2=" ">
    <subfield code="0">0</subfield>
    <subfield code="1">0</subfield>
    <subfield code="4">0</subfield>
    <subfield code="7">0</subfield>
    <subfield code="a">BCEJYS</subfield>
    <subfield code="b">BCEJYS</subfield>
    <subfield code="c">17</subfield>
    <subfield code="d">2009-12-01</subfield>
    <subfield code="h">A&#xF1;o XI, N&#xBA; 123 - dic. 2009</subfield>
    <subfield code="l">0</subfield>
    <subfield code="o">H658 PRO 123</subfield>
    <subfield code="p">R02369</subfield>
    <subfield code="r">2026-04-10 16:05:55</subfield>
    <subfield code="w">2026-04-10</subfield>
    <subfield code="y">RN</subfield>
  </datafield>
  <datafield tag="952" ind1=" " ind2=" ">
    <subfield code="0">0</subfield>
    <subfield code="1">0</subfield>
    <subfield code="4">0</subfield>
    <subfield code="7">0</subfield>
    <subfield code="a">BCEJYS</subfield>
    <subfield code="b">BCEJYS</subfield>
    <subfield code="c">17</subfield>
    <subfield code="d">2009-11-01</subfield>
    <subfield code="h">A&#xF1;o XI, N&#xBA; 122 - nov. 2009</subfield>
    <subfield code="l">0</subfield>
    <subfield code="o">H658 PRO 122</subfield>
    <subfield code="p">R02357</subfield>
    <subfield code="r">2026-04-10 16:05:55</subfield>
    <subfield code="w">2026-04-10</subfield>
    <subfield code="y">RN</subfield>
  </datafield>
  <datafield tag="952" ind1=" " ind2=" ">
    <subfield code="0">0</subfield>
    <subfield code="1">0</subfield>
    <subfield code="4">0</subfield>
    <subfield code="7">0</subfield>
    <subfield code="a">BCEJYS</subfield>
    <subfield code="b">BCEJYS</subfield>
    <subfield code="c">17</subfield>
    <subfield code="d">2009-10-01</subfield>
    <subfield code="h">A&#xF1;o XI, N&#xBA; 121 - oct. 2009</subfield>
    <subfield code="l">0</subfield>
    <subfield code="o">H658 PRO 121</subfield>
    <subfield code="p">R02356</subfield>
    <subfield code="r">2026-04-10 16:05:55</subfield>
    <subfield code="w">2026-04-10</subfield>
    <subfield code="y">RN</subfield>
  </datafield>
  <datafield tag="952" ind1=" " ind2=" ">
    <subfield code="0">0</subfield>
    <subfield code="1">0</subfield>
    <subfield code="4">0</subfield>
    <subfield code="7">0</subfield>
    <subfield code="a">BCEJYS</subfield>
    <subfield code="b">BCEJYS</subfield>
    <subfield code="c">17</subfield>
    <subfield code="d">2009-09-01</subfield>
    <subfield code="h">A&#xF1;o XI, N&#xBA; 120 - sep. 2009</subfield>
    <subfield code="l">0</subfield>
    <subfield code="o">H658 PRO 120</subfield>
    <subfield code="p">R02342</subfield>
    <subfield code="r">2026-04-10 16:05:55</subfield>
    <subfield code="w">2026-04-10</subfield>
    <subfield code="y">RN</subfield>
  </datafield>
  <datafield tag="952" ind1=" " ind2=" ">
    <subfield code="0">0</subfield>
    <subfield code="1">0</subfield>
    <subfield code="4">0</subfield>
    <subfield code="7">0</subfield>
    <subfield code="a">BCEJYS</subfield>
    <subfield code="b">BCEJYS</subfield>
    <subfield code="c">17</subfield>
    <subfield code="d">2009-08-01</subfield>
    <subfield code="h">A&#xF1;o XI, N&#xBA; 119 - ago. 2009</subfield>
    <subfield code="l">0</subfield>
    <subfield code="o">H658 PRO 119</subfield>
    <subfield code="p">R02332</subfield>
    <subfield code="r">2026-04-10 16:05:55</subfield>
    <subfield code="w">2026-04-10</subfield>
    <subfield code="y">RN</subfield>
  </datafield>
  <datafield tag="952" ind1=" " ind2=" ">
    <subfield code="0">0</subfield>
    <subfield code="1">0</subfield>
    <subfield code="4">0</subfield>
    <subfield code="7">0</subfield>
    <subfield code="a">BCEJYS</subfield>
    <subfield code="b">BCEJYS</subfield>
    <subfield code="c">17</subfield>
    <subfield code="d">2009-07-01</subfield>
    <subfield code="h">A&#xF1;o XI, N&#xBA; 118 - jul. 2009</subfield>
    <subfield code="l">0</subfield>
    <subfield code="o">H658 PRO 118</subfield>
    <subfield code="p">R02327</subfield>
    <subfield code="r">2026-04-10 16:05:55</subfield>
    <subfield code="w">2026-04-10</subfield>
    <subfield code="y">RN</subfield>
  </datafield>
  <datafield tag="952" ind1=" " ind2=" ">
    <subfield code="0">0</subfield>
    <subfield code="1">0</subfield>
    <subfield code="4">0</subfield>
    <subfield code="7">0</subfield>
    <subfield code="a">BCEJYS</subfield>
    <subfield code="b">BCEJYS</subfield>
    <subfield code="c">17</subfield>
    <subfield code="d">2009-06-01</subfield>
    <subfield code="h">A&#xF1;o XI, N&#xBA; 117 - jun. 2009</subfield>
    <subfield code="l">0</subfield>
    <subfield code="o">H658 PRO 117</subfield>
    <subfield code="p">R02309</subfield>
    <subfield code="r">2026-04-10 16:05:55</subfield>
    <subfield code="w">2026-04-10</subfield>
    <subfield code="y">RN</subfield>
  </datafield>
  <datafield tag="952" ind1=" " ind2=" ">
    <subfield code="0">0</subfield>
    <subfield code="1">0</subfield>
    <subfield code="4">0</subfield>
    <subfield code="7">0</subfield>
    <subfield code="a">BCEJYS</subfield>
    <subfield code="b">BCEJYS</subfield>
    <subfield code="c">17</subfield>
    <subfield code="d">2009-05-01</subfield>
    <subfield code="h">A&#xF1;o XI, N&#xBA; 116 - may. 2009</subfield>
    <subfield code="l">0</subfield>
    <subfield code="o">H658 PRO 116</subfield>
    <subfield code="p">R02281</subfield>
    <subfield code="r">2026-04-10 16:05:55</subfield>
    <subfield code="w">2026-04-10</subfield>
    <subfield code="y">RN</subfield>
  </datafield>
  <datafield tag="952" ind1=" " ind2=" ">
    <subfield code="0">0</subfield>
    <subfield code="1">0</subfield>
    <subfield code="4">0</subfield>
    <subfield code="7">0</subfield>
    <subfield code="a">BCEJYS</subfield>
    <subfield code="b">BCEJYS</subfield>
    <subfield code="c">17</subfield>
    <subfield code="d">2009-04-01</subfield>
    <subfield code="h">A&#xF1;o XI, N&#xBA; 115 - abr. 2009</subfield>
    <subfield code="l">0</subfield>
    <subfield code="o">H658 PRO 115</subfield>
    <subfield code="p">R02280</subfield>
    <subfield code="r">2026-04-10 16:05:56</subfield>
    <subfield code="w">2026-04-10</subfield>
    <subfield code="y">RN</subfield>
  </datafield>
  <datafield tag="952" ind1=" " ind2=" ">
    <subfield code="0">0</subfield>
    <subfield code="1">0</subfield>
    <subfield code="4">0</subfield>
    <subfield code="7">0</subfield>
    <subfield code="a">BCEJYS</subfield>
    <subfield code="b">BCEJYS</subfield>
    <subfield code="c">17</subfield>
    <subfield code="d">2009-03-01</subfield>
    <subfield code="h">A&#xF1;o XI, N&#xBA; 114 - mar. 2009</subfield>
    <subfield code="l">0</subfield>
    <subfield code="o">H658 PRO 114</subfield>
    <subfield code="p">R02279</subfield>
    <subfield code="r">2026-04-10 16:05:56</subfield>
    <subfield code="w">2026-04-10</subfield>
    <subfield code="y">RN</subfield>
  </datafield>
  <datafield tag="952" ind1=" " ind2=" ">
    <subfield code="0">0</subfield>
    <subfield code="1">0</subfield>
    <subfield code="4">0</subfield>
    <subfield code="7">0</subfield>
    <subfield code="a">BCEJYS</subfield>
    <subfield code="b">BCEJYS</subfield>
    <subfield code="c">17</subfield>
    <subfield code="d">2009-02-01</subfield>
    <subfield code="h">A&#xF1;o XI, N&#xBA; 113 - feb. 2009</subfield>
    <subfield code="l">0</subfield>
    <subfield code="o">H658 PRO 113</subfield>
    <subfield code="p">R02263</subfield>
    <subfield code="r">2026-04-10 16:05:56</subfield>
    <subfield code="w">2026-04-10</subfield>
    <subfield code="y">RN</subfield>
  </datafield>
  <datafield tag="952" ind1=" " ind2=" ">
    <subfield code="0">0</subfield>
    <subfield code="1">0</subfield>
    <subfield code="4">0</subfield>
    <subfield code="7">0</subfield>
    <subfield code="a">BCEJYS</subfield>
    <subfield code="b">BCEJYS</subfield>
    <subfield code="c">17</subfield>
    <subfield code="d">2009-01-01</subfield>
    <subfield code="h">A&#xF1;o XI, N&#xBA; 112 - ene. 2009</subfield>
    <subfield code="l">0</subfield>
    <subfield code="o">H658 PRO 112</subfield>
    <subfield code="p">R02245</subfield>
    <subfield code="r">2026-04-10 16:05:56</subfield>
    <subfield code="w">2026-04-10</subfield>
    <subfield code="y">RN</subfield>
  </datafield>
  <datafield tag="952" ind1=" " ind2=" ">
    <subfield code="0">0</subfield>
    <subfield code="1">0</subfield>
    <subfield code="4">0</subfield>
    <subfield code="7">0</subfield>
    <subfield code="a">BCEJYS</subfield>
    <subfield code="b">BCEJYS</subfield>
    <subfield code="c">17</subfield>
    <subfield code="d">2008-12-01</subfield>
    <subfield code="h">A&#xF1;o X, N&#xBA; 111 - dic. 2008</subfield>
    <subfield code="l">0</subfield>
    <subfield code="o">H658 PRO 111</subfield>
    <subfield code="p">R02244</subfield>
    <subfield code="r">2026-04-10 16:05:56</subfield>
    <subfield code="w">2026-04-10</subfield>
    <subfield code="y">RN</subfield>
  </datafield>
  <datafield tag="952" ind1=" " ind2=" ">
    <subfield code="0">0</subfield>
    <subfield code="1">0</subfield>
    <subfield code="4">0</subfield>
    <subfield code="7">0</subfield>
    <subfield code="a">BCEJYS</subfield>
    <subfield code="b">BCEJYS</subfield>
    <subfield code="c">17</subfield>
    <subfield code="d">2008-11-01</subfield>
    <subfield code="h">A&#xF1;o X, N&#xBA; 110 - nov. 2008</subfield>
    <subfield code="l">0</subfield>
    <subfield code="o">H658 PRO 110</subfield>
    <subfield code="p">R02240</subfield>
    <subfield code="r">2026-04-10 16:05:56</subfield>
    <subfield code="w">2026-04-10</subfield>
    <subfield code="y">RN</subfield>
  </datafield>
  <datafield tag="952" ind1=" " ind2=" ">
    <subfield code="0">0</subfield>
    <subfield code="1">0</subfield>
    <subfield code="4">0</subfield>
    <subfield code="7">0</subfield>
    <subfield code="a">BCEJYS</subfield>
    <subfield code="b">BCEJYS</subfield>
    <subfield code="c">17</subfield>
    <subfield code="d">2008-10-01</subfield>
    <subfield code="h">A&#xF1;o X, N&#xBA; 109 - oct. 2008</subfield>
    <subfield code="l">0</subfield>
    <subfield code="o">H658 PRO 109</subfield>
    <subfield code="p">R02221</subfield>
    <subfield code="r">2026-04-10 16:05:56</subfield>
    <subfield code="w">2026-04-10</subfield>
    <subfield code="y">RN</subfield>
  </datafield>
  <datafield tag="952" ind1=" " ind2=" ">
    <subfield code="0">0</subfield>
    <subfield code="1">0</subfield>
    <subfield code="4">0</subfield>
    <subfield code="7">0</subfield>
    <subfield code="a">BCEJYS</subfield>
    <subfield code="b">BCEJYS</subfield>
    <subfield code="c">17</subfield>
    <subfield code="d">2008-09-01</subfield>
    <subfield code="h">A&#xF1;o IX, N&#xBA; 108 - sep. 2008</subfield>
    <subfield code="l">0</subfield>
    <subfield code="o">H658 PRO 108</subfield>
    <subfield code="p">R02213</subfield>
    <subfield code="r">2026-04-10 16:05:56</subfield>
    <subfield code="w">2026-04-10</subfield>
    <subfield code="y">RN</subfield>
  </datafield>
  <datafield tag="952" ind1=" " ind2=" ">
    <subfield code="0">0</subfield>
    <subfield code="1">0</subfield>
    <subfield code="4">0</subfield>
    <subfield code="7">0</subfield>
    <subfield code="a">BCEJYS</subfield>
    <subfield code="b">BCEJYS</subfield>
    <subfield code="c">17</subfield>
    <subfield code="d">2008-08-01</subfield>
    <subfield code="h">A&#xF1;o IX, N&#xBA; 107 - ago. 2008</subfield>
    <subfield code="l">0</subfield>
    <subfield code="o">H658 PRO 107</subfield>
    <subfield code="p">R02199</subfield>
    <subfield code="r">2026-04-10 16:05:56</subfield>
    <subfield code="w">2026-04-10</subfield>
    <subfield code="y">RN</subfield>
  </datafield>
  <datafield tag="952" ind1=" " ind2=" ">
    <subfield code="0">0</subfield>
    <subfield code="1">0</subfield>
    <subfield code="4">0</subfield>
    <subfield code="7">0</subfield>
    <subfield code="a">BCEJYS</subfield>
    <subfield code="b">BCEJYS</subfield>
    <subfield code="c">17</subfield>
    <subfield code="d">2008-07-01</subfield>
    <subfield code="h">A&#xF1;o IX, N&#xBA; 106 - jul. 2008</subfield>
    <subfield code="l">0</subfield>
    <subfield code="o">H658 PRO 106</subfield>
    <subfield code="p">R02183</subfield>
    <subfield code="r">2026-04-10 16:05:56</subfield>
    <subfield code="w">2026-04-10</subfield>
    <subfield code="y">RN</subfield>
  </datafield>
  <datafield tag="952" ind1=" " ind2=" ">
    <subfield code="0">0</subfield>
    <subfield code="1">0</subfield>
    <subfield code="4">0</subfield>
    <subfield code="7">0</subfield>
    <subfield code="a">BCEJYS</subfield>
    <subfield code="b">BCEJYS</subfield>
    <subfield code="c">17</subfield>
    <subfield code="d">2008-06-01</subfield>
    <subfield code="h">A&#xF1;o IX, N&#xBA; 105 - jun. 2008</subfield>
    <subfield code="l">0</subfield>
    <subfield code="o">H658 PRO 105</subfield>
    <subfield code="p">R02182</subfield>
    <subfield code="r">2026-04-10 16:05:56</subfield>
    <subfield code="w">2026-04-10</subfield>
    <subfield code="y">RN</subfield>
  </datafield>
  <datafield tag="952" ind1=" " ind2=" ">
    <subfield code="0">0</subfield>
    <subfield code="1">0</subfield>
    <subfield code="4">0</subfield>
    <subfield code="7">0</subfield>
    <subfield code="a">BCEJYS</subfield>
    <subfield code="b">BCEJYS</subfield>
    <subfield code="c">17</subfield>
    <subfield code="d">2008-05-01</subfield>
    <subfield code="h">A&#xF1;o IX, N&#xBA; 104 - may. 2008</subfield>
    <subfield code="l">0</subfield>
    <subfield code="o">H658 PRO 104</subfield>
    <subfield code="p">R02165</subfield>
    <subfield code="r">2026-04-10 16:05:56</subfield>
    <subfield code="w">2026-04-10</subfield>
    <subfield code="y">RN</subfield>
  </datafield>
  <datafield tag="952" ind1=" " ind2=" ">
    <subfield code="0">0</subfield>
    <subfield code="1">0</subfield>
    <subfield code="4">0</subfield>
    <subfield code="7">0</subfield>
    <subfield code="a">BCEJYS</subfield>
    <subfield code="b">BCEJYS</subfield>
    <subfield code="c">17</subfield>
    <subfield code="d">2008-04-01</subfield>
    <subfield code="h">A&#xF1;o IX, N&#xBA; 103 - abr. 2008</subfield>
    <subfield code="l">0</subfield>
    <subfield code="o">H658 PRO 103</subfield>
    <subfield code="p">R02156</subfield>
    <subfield code="r">2026-04-10 16:05:56</subfield>
    <subfield code="w">2026-04-10</subfield>
    <subfield code="y">RN</subfield>
  </datafield>
  <datafield tag="952" ind1=" " ind2=" ">
    <subfield code="0">0</subfield>
    <subfield code="1">0</subfield>
    <subfield code="4">0</subfield>
    <subfield code="7">0</subfield>
    <subfield code="a">BCEJYS</subfield>
    <subfield code="b">BCEJYS</subfield>
    <subfield code="c">17</subfield>
    <subfield code="d">2008-03-01</subfield>
    <subfield code="h">A&#xF1;o IX, N&#xBA; 102 - mar. 2008</subfield>
    <subfield code="l">0</subfield>
    <subfield code="o">H658 PRO 102</subfield>
    <subfield code="p">R02155</subfield>
    <subfield code="r">2026-04-10 16:05:56</subfield>
    <subfield code="w">2026-04-10</subfield>
    <subfield code="y">RN</subfield>
  </datafield>
  <datafield tag="952" ind1=" " ind2=" ">
    <subfield code="0">0</subfield>
    <subfield code="1">0</subfield>
    <subfield code="4">0</subfield>
    <subfield code="7">0</subfield>
    <subfield code="a">BCEJYS</subfield>
    <subfield code="b">BCEJYS</subfield>
    <subfield code="c">17</subfield>
    <subfield code="d">2008-02-01</subfield>
    <subfield code="h">A&#xF1;o IX, N&#xBA; 101 - feb. 2008</subfield>
    <subfield code="l">0</subfield>
    <subfield code="o">H658 PRO 101</subfield>
    <subfield code="p">R02141</subfield>
    <subfield code="r">2026-04-10 16:05:56</subfield>
    <subfield code="w">2026-04-10</subfield>
    <subfield code="y">RN</subfield>
  </datafield>
  <datafield tag="952" ind1=" " ind2=" ">
    <subfield code="0">0</subfield>
    <subfield code="1">0</subfield>
    <subfield code="4">0</subfield>
    <subfield code="7">0</subfield>
    <subfield code="a">BCEJYS</subfield>
    <subfield code="b">BCEJYS</subfield>
    <subfield code="c">17</subfield>
    <subfield code="d">2008-01-01</subfield>
    <subfield code="h">A&#xD1;O IX, N&#xBA; 100 - ene. 2008</subfield>
    <subfield code="l">0</subfield>
    <subfield code="o">H658 PRO 100</subfield>
    <subfield code="p">R02132</subfield>
    <subfield code="r">2026-04-10 16:05:56</subfield>
    <subfield code="w">2026-04-10</subfield>
    <subfield code="y">RN</subfield>
  </datafield>
  <datafield tag="952" ind1=" " ind2=" ">
    <subfield code="0">0</subfield>
    <subfield code="1">0</subfield>
    <subfield code="4">0</subfield>
    <subfield code="7">0</subfield>
    <subfield code="a">BCEJYS</subfield>
    <subfield code="b">BCEJYS</subfield>
    <subfield code="c">17</subfield>
    <subfield code="d">2007-12-01</subfield>
    <subfield code="h">A&#xF1;o IX. N&#xBA; 99 - dic. 2007</subfield>
    <subfield code="l">0</subfield>
    <subfield code="o">H658 PRO 99</subfield>
    <subfield code="p">R02125</subfield>
    <subfield code="r">2026-04-10 16:05:56</subfield>
    <subfield code="w">2026-04-10</subfield>
    <subfield code="y">RN</subfield>
  </datafield>
  <datafield tag="952" ind1=" " ind2=" ">
    <subfield code="0">0</subfield>
    <subfield code="1">0</subfield>
    <subfield code="4">0</subfield>
    <subfield code="7">0</subfield>
    <subfield code="a">BCEJYS</subfield>
    <subfield code="b">BCEJYS</subfield>
    <subfield code="c">17</subfield>
    <subfield code="d">2007-11-01</subfield>
    <subfield code="h">A&#xD1;O IX, N&#xBA; 98 - nov. 2007</subfield>
    <subfield code="l">0</subfield>
    <subfield code="o">H658 PRO 98</subfield>
    <subfield code="p">R02106</subfield>
    <subfield code="r">2026-04-10 16:05:56</subfield>
    <subfield code="w">2026-04-10</subfield>
    <subfield code="y">RN</subfield>
  </datafield>
  <datafield tag="952" ind1=" " ind2=" ">
    <subfield code="0">0</subfield>
    <subfield code="1">0</subfield>
    <subfield code="4">0</subfield>
    <subfield code="7">0</subfield>
    <subfield code="a">BCEJYS</subfield>
    <subfield code="b">BCEJYS</subfield>
    <subfield code="c">17</subfield>
    <subfield code="d">2007-10-01</subfield>
    <subfield code="h">A&#xD1;O IX, N&#xBA; 97 - oct. 2007</subfield>
    <subfield code="l">0</subfield>
    <subfield code="o">H658 PRO 97</subfield>
    <subfield code="p">R02087</subfield>
    <subfield code="r">2026-04-10 16:05:56</subfield>
    <subfield code="w">2026-04-10</subfield>
    <subfield code="y">RN</subfield>
  </datafield>
  <datafield tag="952" ind1=" " ind2=" ">
    <subfield code="0">0</subfield>
    <subfield code="1">0</subfield>
    <subfield code="4">0</subfield>
    <subfield code="7">0</subfield>
    <subfield code="a">BCEJYS</subfield>
    <subfield code="b">BCEJYS</subfield>
    <subfield code="c">17</subfield>
    <subfield code="d">2007-09-01</subfield>
    <subfield code="h">A&#xF1;o VIII, N&#xBA; 96 - sep. 2007</subfield>
    <subfield code="l">0</subfield>
    <subfield code="o">H658 PRO 96</subfield>
    <subfield code="p">R02068</subfield>
    <subfield code="r">2026-04-10 16:05:56</subfield>
    <subfield code="w">2026-04-10</subfield>
    <subfield code="y">RN</subfield>
  </datafield>
  <datafield tag="952" ind1=" " ind2=" ">
    <subfield code="0">0</subfield>
    <subfield code="1">0</subfield>
    <subfield code="4">0</subfield>
    <subfield code="7">0</subfield>
    <subfield code="a">BCEJYS</subfield>
    <subfield code="b">BCEJYS</subfield>
    <subfield code="c">17</subfield>
    <subfield code="d">2007-08-01</subfield>
    <subfield code="h">A&#xF1;o VIII, N&#xBA; 95 - ago. 2007</subfield>
    <subfield code="l">0</subfield>
    <subfield code="o">H658 PRO 95</subfield>
    <subfield code="p">R02067</subfield>
    <subfield code="r">2026-04-10 16:05:56</subfield>
    <subfield code="w">2026-04-10</subfield>
    <subfield code="y">RN</subfield>
  </datafield>
  <datafield tag="952" ind1=" " ind2=" ">
    <subfield code="0">0</subfield>
    <subfield code="1">0</subfield>
    <subfield code="4">0</subfield>
    <subfield code="7">0</subfield>
    <subfield code="a">BCEJYS</subfield>
    <subfield code="b">BCEJYS</subfield>
    <subfield code="c">17</subfield>
    <subfield code="d">2007-07-01</subfield>
    <subfield code="h">A&#xF1;o VIII, N&#xBA; 94 - jul. 2007</subfield>
    <subfield code="l">0</subfield>
    <subfield code="o">H658 PRO 94</subfield>
    <subfield code="p">R02037</subfield>
    <subfield code="r">2026-04-10 16:05:56</subfield>
    <subfield code="w">2026-04-10</subfield>
    <subfield code="y">RN</subfield>
  </datafield>
  <datafield tag="952" ind1=" " ind2=" ">
    <subfield code="0">0</subfield>
    <subfield code="1">0</subfield>
    <subfield code="4">0</subfield>
    <subfield code="7">0</subfield>
    <subfield code="a">BCEJYS</subfield>
    <subfield code="b">BCEJYS</subfield>
    <subfield code="c">17</subfield>
    <subfield code="d">2007-06-01</subfield>
    <subfield code="h">A&#xF1;o VIII, N&#xBA; 93 - jun. 2007</subfield>
    <subfield code="l">0</subfield>
    <subfield code="o">H658 PRO 93</subfield>
    <subfield code="p">R02036</subfield>
    <subfield code="r">2026-04-10 16:05:56</subfield>
    <subfield code="w">2026-04-10</subfield>
    <subfield code="y">RN</subfield>
  </datafield>
  <datafield tag="952" ind1=" " ind2=" ">
    <subfield code="0">0</subfield>
    <subfield code="1">0</subfield>
    <subfield code="4">0</subfield>
    <subfield code="7">0</subfield>
    <subfield code="a">BCEJYS</subfield>
    <subfield code="b">BCEJYS</subfield>
    <subfield code="c">17</subfield>
    <subfield code="d">2007-05-01</subfield>
    <subfield code="h">A&#xF1;o VIII, N&#xBA; 92 - may. 2007</subfield>
    <subfield code="l">0</subfield>
    <subfield code="o">H658 PRO 92</subfield>
    <subfield code="p">R02002</subfield>
    <subfield code="r">2026-04-10 16:05:56</subfield>
    <subfield code="w">2026-04-10</subfield>
    <subfield code="y">RN</subfield>
  </datafield>
  <datafield tag="952" ind1=" " ind2=" ">
    <subfield code="0">0</subfield>
    <subfield code="1">0</subfield>
    <subfield code="4">0</subfield>
    <subfield code="7">0</subfield>
    <subfield code="a">BCEJYS</subfield>
    <subfield code="b">BCEJYS</subfield>
    <subfield code="c">17</subfield>
    <subfield code="d">2007-04-01</subfield>
    <subfield code="h">A&#xF1;o VIII, N&#xBA; 91 - abr. 2007</subfield>
    <subfield code="l">0</subfield>
    <subfield code="o">H658 PRO 91</subfield>
    <subfield code="p">R01984</subfield>
    <subfield code="r">2026-04-10 16:05:56</subfield>
    <subfield code="w">2026-04-10</subfield>
    <subfield code="y">RN</subfield>
  </datafield>
  <datafield tag="952" ind1=" " ind2=" ">
    <subfield code="0">0</subfield>
    <subfield code="1">0</subfield>
    <subfield code="4">0</subfield>
    <subfield code="7">0</subfield>
    <subfield code="a">BCEJYS</subfield>
    <subfield code="b">BCEJYS</subfield>
    <subfield code="c">17</subfield>
    <subfield code="d">2007-03-01</subfield>
    <subfield code="h">A&#xF1;o VIII, N&#xBA; 90 - mar. 2007</subfield>
    <subfield code="l">0</subfield>
    <subfield code="o">H658 PRO 90</subfield>
    <subfield code="p">R01979</subfield>
    <subfield code="r">2026-04-10 16:05:56</subfield>
    <subfield code="w">2026-04-10</subfield>
    <subfield code="y">RN</subfield>
  </datafield>
  <datafield tag="952" ind1=" " ind2=" ">
    <subfield code="0">0</subfield>
    <subfield code="1">0</subfield>
    <subfield code="4">0</subfield>
    <subfield code="7">0</subfield>
    <subfield code="a">BCEJYS</subfield>
    <subfield code="b">BCEJYS</subfield>
    <subfield code="c">17</subfield>
    <subfield code="d">2007-02-01</subfield>
    <subfield code="h">A&#xF1;o VIII, N&#xBA; 89 - feb. 2007</subfield>
    <subfield code="l">0</subfield>
    <subfield code="o">H658 PRO 89</subfield>
    <subfield code="p">R01983</subfield>
    <subfield code="r">2026-04-10 16:05:56</subfield>
    <subfield code="w">2026-04-10</subfield>
    <subfield code="y">RN</subfield>
  </datafield>
  <datafield tag="952" ind1=" " ind2=" ">
    <subfield code="0">0</subfield>
    <subfield code="1">0</subfield>
    <subfield code="4">0</subfield>
    <subfield code="7">0</subfield>
    <subfield code="a">BCEJYS</subfield>
    <subfield code="b">BCEJYS</subfield>
    <subfield code="c">17</subfield>
    <subfield code="d">2007-01-01</subfield>
    <subfield code="h">A&#xF1;o VIII, N&#xBA; 88 - ene. 2007</subfield>
    <subfield code="l">0</subfield>
    <subfield code="o">H658 PRO 88</subfield>
    <subfield code="p">R01982</subfield>
    <subfield code="r">2026-04-10 16:05:56</subfield>
    <subfield code="w">2026-04-10</subfield>
    <subfield code="y">RN</subfield>
  </datafield>
  <datafield tag="952" ind1=" " ind2=" ">
    <subfield code="0">0</subfield>
    <subfield code="1">0</subfield>
    <subfield code="4">0</subfield>
    <subfield code="7">0</subfield>
    <subfield code="a">BCEJYS</subfield>
    <subfield code="b">BCEJYS</subfield>
    <subfield code="c">17</subfield>
    <subfield code="d">2006-12-01</subfield>
    <subfield code="h">A&#xF1;o VIII, N&#xBA; 87 - dic. 2006</subfield>
    <subfield code="l">0</subfield>
    <subfield code="o">H658 PRO 87</subfield>
    <subfield code="p">R01981</subfield>
    <subfield code="r">2026-04-10 16:05:56</subfield>
    <subfield code="w">2026-04-10</subfield>
    <subfield code="y">RN</subfield>
  </datafield>
  <datafield tag="952" ind1=" " ind2=" ">
    <subfield code="0">0</subfield>
    <subfield code="1">0</subfield>
    <subfield code="4">0</subfield>
    <subfield code="7">0</subfield>
    <subfield code="a">BCEJYS</subfield>
    <subfield code="b">BCEJYS</subfield>
    <subfield code="c">17</subfield>
    <subfield code="d">2006-11-01</subfield>
    <subfield code="h">A&#xF1;o VIII, N&#xBA; 86 - nov. 2006</subfield>
    <subfield code="l">0</subfield>
    <subfield code="o">H658 PRO 86</subfield>
    <subfield code="p">R01952</subfield>
    <subfield code="r">2026-04-10 16:05:56</subfield>
    <subfield code="w">2026-04-10</subfield>
    <subfield code="y">RN</subfield>
  </datafield>
  <datafield tag="952" ind1=" " ind2=" ">
    <subfield code="0">0</subfield>
    <subfield code="1">0</subfield>
    <subfield code="4">0</subfield>
    <subfield code="7">0</subfield>
    <subfield code="a">BCEJYS</subfield>
    <subfield code="b">BCEJYS</subfield>
    <subfield code="c">17</subfield>
    <subfield code="d">2006-10-01</subfield>
    <subfield code="h">A&#xF1;o VIII, N&#xBA; 85 - oct. 2006</subfield>
    <subfield code="l">0</subfield>
    <subfield code="o">H658 PRO 85</subfield>
    <subfield code="p">R01932</subfield>
    <subfield code="r">2026-04-10 16:05:56</subfield>
    <subfield code="w">2026-04-10</subfield>
    <subfield code="y">RN</subfield>
  </datafield>
  <datafield tag="952" ind1=" " ind2=" ">
    <subfield code="0">0</subfield>
    <subfield code="1">0</subfield>
    <subfield code="4">0</subfield>
    <subfield code="7">0</subfield>
    <subfield code="a">BCEJYS</subfield>
    <subfield code="b">BCEJYS</subfield>
    <subfield code="c">17</subfield>
    <subfield code="d">2006-09-01</subfield>
    <subfield code="h">A&#xF1;o VII, N&#xBA; 84 - sep. 2006</subfield>
    <subfield code="l">0</subfield>
    <subfield code="o">H658 PRO 84</subfield>
    <subfield code="p">R01945</subfield>
    <subfield code="r">2026-04-10 16:05:56</subfield>
    <subfield code="w">2026-04-10</subfield>
    <subfield code="y">RN</subfield>
  </datafield>
  <datafield tag="952" ind1=" " ind2=" ">
    <subfield code="0">0</subfield>
    <subfield code="1">0</subfield>
    <subfield code="4">0</subfield>
    <subfield code="7">0</subfield>
    <subfield code="a">BCEJYS</subfield>
    <subfield code="b">BCEJYS</subfield>
    <subfield code="c">17</subfield>
    <subfield code="d">2006-08-01</subfield>
    <subfield code="h">A&#xF1;o VII, N&#xBA; 83 - ago. 2006</subfield>
    <subfield code="l">0</subfield>
    <subfield code="o">H658 PRO 83</subfield>
    <subfield code="p">R12395</subfield>
    <subfield code="r">2026-04-10 16:05:56</subfield>
    <subfield code="w">2026-04-10</subfield>
    <subfield code="y">RN</subfield>
  </datafield>
  <datafield tag="952" ind1=" " ind2=" ">
    <subfield code="0">0</subfield>
    <subfield code="1">0</subfield>
    <subfield code="4">0</subfield>
    <subfield code="7">0</subfield>
    <subfield code="a">BCEJYS</subfield>
    <subfield code="b">BCEJYS</subfield>
    <subfield code="c">17</subfield>
    <subfield code="d">2006-07-01</subfield>
    <subfield code="h">A&#xF1;o VII, N&#xBA; 82 - jul. 2006</subfield>
    <subfield code="l">0</subfield>
    <subfield code="o">H658 PRO 82</subfield>
    <subfield code="p">R12394</subfield>
    <subfield code="r">2026-04-10 16:05:56</subfield>
    <subfield code="w">2026-04-10</subfield>
    <subfield code="y">RN</subfield>
  </datafield>
  <datafield tag="952" ind1=" " ind2=" ">
    <subfield code="0">0</subfield>
    <subfield code="1">0</subfield>
    <subfield code="4">0</subfield>
    <subfield code="7">0</subfield>
    <subfield code="a">BCEJYS</subfield>
    <subfield code="b">BCEJYS</subfield>
    <subfield code="c">17</subfield>
    <subfield code="d">2006-06-01</subfield>
    <subfield code="h">A&#xF1;o VII, N&#xBA; 81 - jun. 2006</subfield>
    <subfield code="l">0</subfield>
    <subfield code="o">H658 PRO 81</subfield>
    <subfield code="p">R12393</subfield>
    <subfield code="r">2026-04-10 16:05:56</subfield>
    <subfield code="w">2026-04-10</subfield>
    <subfield code="y">RN</subfield>
  </datafield>
  <datafield tag="952" ind1=" " ind2=" ">
    <subfield code="0">0</subfield>
    <subfield code="1">0</subfield>
    <subfield code="4">0</subfield>
    <subfield code="7">0</subfield>
    <subfield code="a">BCEJYS</subfield>
    <subfield code="b">BCEJYS</subfield>
    <subfield code="c">17</subfield>
    <subfield code="d">2006-05-01</subfield>
    <subfield code="h">A&#xF1;o VII, N&#xBA; 80 - mayo 2006</subfield>
    <subfield code="l">0</subfield>
    <subfield code="o">H658 PRO 80</subfield>
    <subfield code="p">R12392</subfield>
    <subfield code="r">2026-04-10 16:05:56</subfield>
    <subfield code="w">2026-04-10</subfield>
    <subfield code="y">RN</subfield>
  </datafield>
  <datafield tag="952" ind1=" " ind2=" ">
    <subfield code="0">0</subfield>
    <subfield code="1">0</subfield>
    <subfield code="4">0</subfield>
    <subfield code="7">0</subfield>
    <subfield code="a">BCEJYS</subfield>
    <subfield code="b">BCEJYS</subfield>
    <subfield code="c">17</subfield>
    <subfield code="d">2006-04-01</subfield>
    <subfield code="h">A&#xF1;o VII, N&#xBA; 79 - abr. 2006</subfield>
    <subfield code="l">0</subfield>
    <subfield code="o">H658 PRO 79</subfield>
    <subfield code="p">R12391</subfield>
    <subfield code="r">2026-04-10 16:05:56</subfield>
    <subfield code="w">2026-04-10</subfield>
    <subfield code="y">RN</subfield>
  </datafield>
  <datafield tag="952" ind1=" " ind2=" ">
    <subfield code="0">0</subfield>
    <subfield code="1">0</subfield>
    <subfield code="4">0</subfield>
    <subfield code="7">0</subfield>
    <subfield code="a">BCEJYS</subfield>
    <subfield code="b">BCEJYS</subfield>
    <subfield code="c">17</subfield>
    <subfield code="d">2006-03-01</subfield>
    <subfield code="h">A&#xF1;o VII, N&#xBA; 78 - mar. 2006</subfield>
    <subfield code="l">0</subfield>
    <subfield code="o">H658 PRO 78</subfield>
    <subfield code="p">R12390</subfield>
    <subfield code="r">2026-04-10 16:05:56</subfield>
    <subfield code="w">2026-04-10</subfield>
    <subfield code="y">RN</subfield>
  </datafield>
  <datafield tag="952" ind1=" " ind2=" ">
    <subfield code="0">0</subfield>
    <subfield code="1">0</subfield>
    <subfield code="4">0</subfield>
    <subfield code="7">0</subfield>
    <subfield code="a">BCEJYS</subfield>
    <subfield code="b">BCEJYS</subfield>
    <subfield code="c">17</subfield>
    <subfield code="d">2006-02-01</subfield>
    <subfield code="h">A&#xF1;o VII, N&#xBA; 77 - feb. 2006</subfield>
    <subfield code="l">0</subfield>
    <subfield code="o">H658 PRO 77</subfield>
    <subfield code="p">R12389</subfield>
    <subfield code="r">2026-04-10 16:05:56</subfield>
    <subfield code="w">2026-04-10</subfield>
    <subfield code="y">RN</subfield>
  </datafield>
  <datafield tag="952" ind1=" " ind2=" ">
    <subfield code="0">0</subfield>
    <subfield code="1">0</subfield>
    <subfield code="4">0</subfield>
    <subfield code="7">0</subfield>
    <subfield code="a">BCEJYS</subfield>
    <subfield code="b">BCEJYS</subfield>
    <subfield code="c">17</subfield>
    <subfield code="d">2006-01-01</subfield>
    <subfield code="h">A&#xF1;o VII, N&#xBA; 76 - ene. 2006</subfield>
    <subfield code="l">0</subfield>
    <subfield code="o">H658 PRO 76</subfield>
    <subfield code="p">R12388</subfield>
    <subfield code="r">2026-04-10 16:05:56</subfield>
    <subfield code="w">2026-04-10</subfield>
    <subfield code="y">RN</subfield>
  </datafield>
  <datafield tag="952" ind1=" " ind2=" ">
    <subfield code="0">0</subfield>
    <subfield code="1">0</subfield>
    <subfield code="4">0</subfield>
    <subfield code="7">0</subfield>
    <subfield code="a">BCEJYS</subfield>
    <subfield code="b">BCEJYS</subfield>
    <subfield code="c">17</subfield>
    <subfield code="d">2005-12-01</subfield>
    <subfield code="h">A&#xF1;o VI, N&#xBA; 75 - dic. 2005</subfield>
    <subfield code="l">0</subfield>
    <subfield code="o">H658 PRO 75</subfield>
    <subfield code="p">R12387</subfield>
    <subfield code="r">2026-04-10 16:05:56</subfield>
    <subfield code="w">2026-04-10</subfield>
    <subfield code="y">RN</subfield>
  </datafield>
  <datafield tag="952" ind1=" " ind2=" ">
    <subfield code="0">0</subfield>
    <subfield code="1">0</subfield>
    <subfield code="4">0</subfield>
    <subfield code="7">0</subfield>
    <subfield code="a">BCEJYS</subfield>
    <subfield code="b">BCEJYS</subfield>
    <subfield code="c">17</subfield>
    <subfield code="d">2005-11-01</subfield>
    <subfield code="h">A&#xF1;o VI, N&#xBA; 74 - nov. 2005</subfield>
    <subfield code="l">0</subfield>
    <subfield code="o">H658 PRO 74</subfield>
    <subfield code="p">R12386</subfield>
    <subfield code="r">2026-04-10 16:05:56</subfield>
    <subfield code="w">2026-04-10</subfield>
    <subfield code="y">RN</subfield>
  </datafield>
  <datafield tag="952" ind1=" " ind2=" ">
    <subfield code="0">0</subfield>
    <subfield code="1">0</subfield>
    <subfield code="4">0</subfield>
    <subfield code="7">0</subfield>
    <subfield code="a">BCEJYS</subfield>
    <subfield code="b">BCEJYS</subfield>
    <subfield code="c">17</subfield>
    <subfield code="d">2005-10-01</subfield>
    <subfield code="h">A&#xF1;o VI, N&#xBA; 73 - oct. 2005</subfield>
    <subfield code="l">0</subfield>
    <subfield code="o">H658 PRO 73</subfield>
    <subfield code="p">R12385</subfield>
    <subfield code="r">2026-04-10 16:05:56</subfield>
    <subfield code="w">2026-04-10</subfield>
    <subfield code="y">RN</subfield>
  </datafield>
  <datafield tag="952" ind1=" " ind2=" ">
    <subfield code="0">0</subfield>
    <subfield code="1">0</subfield>
    <subfield code="4">0</subfield>
    <subfield code="7">0</subfield>
    <subfield code="a">BCEJYS</subfield>
    <subfield code="b">BCEJYS</subfield>
    <subfield code="c">17</subfield>
    <subfield code="d">2005-09-01</subfield>
    <subfield code="h">A&#xF1;o VI, N&#xBA; 72 - sep. 2005</subfield>
    <subfield code="l">0</subfield>
    <subfield code="o">H658 PRO 72</subfield>
    <subfield code="p">R12384</subfield>
    <subfield code="r">2026-04-10 16:05:56</subfield>
    <subfield code="w">2026-04-10</subfield>
    <subfield code="y">RN</subfield>
  </datafield>
  <datafield tag="952" ind1=" " ind2=" ">
    <subfield code="0">0</subfield>
    <subfield code="1">0</subfield>
    <subfield code="4">0</subfield>
    <subfield code="7">0</subfield>
    <subfield code="a">BCEJYS</subfield>
    <subfield code="b">BCEJYS</subfield>
    <subfield code="c">17</subfield>
    <subfield code="d">2005-08-01</subfield>
    <subfield code="h">A&#xF1;o VI, N&#xBA; 71 - ago. 2005</subfield>
    <subfield code="l">0</subfield>
    <subfield code="o">H658 PRO 71</subfield>
    <subfield code="p">R12383</subfield>
    <subfield code="r">2026-04-10 16:05:56</subfield>
    <subfield code="w">2026-04-10</subfield>
    <subfield code="y">RN</subfield>
  </datafield>
  <datafield tag="952" ind1=" " ind2=" ">
    <subfield code="0">0</subfield>
    <subfield code="1">0</subfield>
    <subfield code="4">0</subfield>
    <subfield code="7">0</subfield>
    <subfield code="a">BCEJYS</subfield>
    <subfield code="b">BCEJYS</subfield>
    <subfield code="c">17</subfield>
    <subfield code="d">2005-07-01</subfield>
    <subfield code="h">A&#xF1;o VI, N&#xBA; 70 - jul. 2005</subfield>
    <subfield code="l">0</subfield>
    <subfield code="o">H658 PRO 70</subfield>
    <subfield code="p">R12382</subfield>
    <subfield code="r">2026-04-10 16:05:56</subfield>
    <subfield code="w">2026-04-10</subfield>
    <subfield code="y">RN</subfield>
  </datafield>
  <datafield tag="952" ind1=" " ind2=" ">
    <subfield code="0">0</subfield>
    <subfield code="1">0</subfield>
    <subfield code="4">0</subfield>
    <subfield code="7">0</subfield>
    <subfield code="a">BCEJYS</subfield>
    <subfield code="b">BCEJYS</subfield>
    <subfield code="c">17</subfield>
    <subfield code="d">2005-06-01</subfield>
    <subfield code="h">A&#xF1;o VI, N&#xBA; 69 - jun. 2005</subfield>
    <subfield code="l">0</subfield>
    <subfield code="o">H658 PRO 69</subfield>
    <subfield code="p">R12381</subfield>
    <subfield code="r">2026-04-10 16:05:56</subfield>
    <subfield code="w">2026-04-10</subfield>
    <subfield code="y">RN</subfield>
  </datafield>
  <datafield tag="952" ind1=" " ind2=" ">
    <subfield code="0">0</subfield>
    <subfield code="1">0</subfield>
    <subfield code="4">0</subfield>
    <subfield code="7">0</subfield>
    <subfield code="a">BCEJYS</subfield>
    <subfield code="b">BCEJYS</subfield>
    <subfield code="c">17</subfield>
    <subfield code="d">2005-05-01</subfield>
    <subfield code="h">A&#xF1;o VI, N&#xBA; 68 - mayo 2005</subfield>
    <subfield code="l">0</subfield>
    <subfield code="o">H658 PRO 68</subfield>
    <subfield code="p">R12380</subfield>
    <subfield code="r">2026-04-10 16:05:56</subfield>
    <subfield code="w">2026-04-10</subfield>
    <subfield code="y">RN</subfield>
  </datafield>
  <datafield tag="952" ind1=" " ind2=" ">
    <subfield code="0">0</subfield>
    <subfield code="1">0</subfield>
    <subfield code="4">0</subfield>
    <subfield code="7">0</subfield>
    <subfield code="a">BCEJYS</subfield>
    <subfield code="b">BCEJYS</subfield>
    <subfield code="c">17</subfield>
    <subfield code="d">2005-04-01</subfield>
    <subfield code="h">A&#xF1;o VI, N&#xBA; 67 - abr. 2005</subfield>
    <subfield code="l">0</subfield>
    <subfield code="o">H658 PRO 67</subfield>
    <subfield code="p">R12379</subfield>
    <subfield code="r">2026-04-10 16:05:56</subfield>
    <subfield code="w">2026-04-10</subfield>
    <subfield code="y">RN</subfield>
  </datafield>
  <datafield tag="952" ind1=" " ind2=" ">
    <subfield code="0">0</subfield>
    <subfield code="1">0</subfield>
    <subfield code="4">0</subfield>
    <subfield code="7">0</subfield>
    <subfield code="a">BCEJYS</subfield>
    <subfield code="b">BCEJYS</subfield>
    <subfield code="c">17</subfield>
    <subfield code="d">2005-03-01</subfield>
    <subfield code="h">A&#xF1;o VI, N&#xBA; 66 - mar. 2005</subfield>
    <subfield code="l">0</subfield>
    <subfield code="o">H658 PRO 66</subfield>
    <subfield code="p">R12378</subfield>
    <subfield code="r">2026-04-10 16:05:56</subfield>
    <subfield code="w">2026-04-10</subfield>
    <subfield code="y">RN</subfield>
  </datafield>
  <datafield tag="952" ind1=" " ind2=" ">
    <subfield code="0">0</subfield>
    <subfield code="1">0</subfield>
    <subfield code="4">0</subfield>
    <subfield code="7">0</subfield>
    <subfield code="a">BCEJYS</subfield>
    <subfield code="b">BCEJYS</subfield>
    <subfield code="c">17</subfield>
    <subfield code="d">2005-02-01</subfield>
    <subfield code="h">A&#xF1;o VI, N&#xBA; 65 - feb. 2005</subfield>
    <subfield code="l">0</subfield>
    <subfield code="o">H658 PRO 65</subfield>
    <subfield code="p">R12377</subfield>
    <subfield code="r">2026-04-10 16:05:56</subfield>
    <subfield code="w">2026-04-10</subfield>
    <subfield code="y">RN</subfield>
  </datafield>
  <datafield tag="952" ind1=" " ind2=" ">
    <subfield code="0">0</subfield>
    <subfield code="1">0</subfield>
    <subfield code="4">0</subfield>
    <subfield code="7">0</subfield>
    <subfield code="a">BCEJYS</subfield>
    <subfield code="b">BCEJYS</subfield>
    <subfield code="c">17</subfield>
    <subfield code="d">2005-01-01</subfield>
    <subfield code="h">A&#xF1;o VI, N&#xBA; 64 - ene. 2005</subfield>
    <subfield code="l">0</subfield>
    <subfield code="o">H658 PRO 64</subfield>
    <subfield code="p">R12376</subfield>
    <subfield code="r">2026-04-10 16:05:56</subfield>
    <subfield code="w">2026-04-10</subfield>
    <subfield code="y">RN</subfield>
  </datafield>
  <datafield tag="952" ind1=" " ind2=" ">
    <subfield code="0">0</subfield>
    <subfield code="1">0</subfield>
    <subfield code="4">0</subfield>
    <subfield code="7">0</subfield>
    <subfield code="a">BCEJYS</subfield>
    <subfield code="b">BCEJYS</subfield>
    <subfield code="c">17</subfield>
    <subfield code="d">2004-12-01</subfield>
    <subfield code="h">A&#xF1;o V, N&#xBA; 63 - dic. 2004</subfield>
    <subfield code="l">0</subfield>
    <subfield code="o">H658 PRO 63</subfield>
    <subfield code="p">R12375</subfield>
    <subfield code="r">2026-04-10 16:05:56</subfield>
    <subfield code="w">2026-04-10</subfield>
    <subfield code="y">RN</subfield>
  </datafield>
  <datafield tag="952" ind1=" " ind2=" ">
    <subfield code="0">0</subfield>
    <subfield code="1">0</subfield>
    <subfield code="4">0</subfield>
    <subfield code="7">0</subfield>
    <subfield code="a">BCEJYS</subfield>
    <subfield code="b">BCEJYS</subfield>
    <subfield code="c">17</subfield>
    <subfield code="d">2004-11-01</subfield>
    <subfield code="h">A&#xF1;o V, N&#xBA; 62 - nov. 2004</subfield>
    <subfield code="l">0</subfield>
    <subfield code="o">H658 PRO 62</subfield>
    <subfield code="p">R12374</subfield>
    <subfield code="r">2026-04-10 16:05:56</subfield>
    <subfield code="w">2026-04-10</subfield>
    <subfield code="y">RN</subfield>
  </datafield>
  <datafield tag="952" ind1=" " ind2=" ">
    <subfield code="0">0</subfield>
    <subfield code="1">0</subfield>
    <subfield code="4">0</subfield>
    <subfield code="7">0</subfield>
    <subfield code="a">BCEJYS</subfield>
    <subfield code="b">BCEJYS</subfield>
    <subfield code="c">17</subfield>
    <subfield code="d">2004-10-01</subfield>
    <subfield code="h">A&#xF1;o V, N&#xBA; 61 - oct. 2004</subfield>
    <subfield code="l">0</subfield>
    <subfield code="o">H658 PRO 61</subfield>
    <subfield code="p">R12373</subfield>
    <subfield code="r">2026-04-10 16:05:56</subfield>
    <subfield code="w">2026-04-10</subfield>
    <subfield code="y">RN</subfield>
  </datafield>
  <datafield tag="952" ind1=" " ind2=" ">
    <subfield code="0">0</subfield>
    <subfield code="1">0</subfield>
    <subfield code="4">0</subfield>
    <subfield code="7">0</subfield>
    <subfield code="a">BCEJYS</subfield>
    <subfield code="b">BCEJYS</subfield>
    <subfield code="c">17</subfield>
    <subfield code="d">2004-09-01</subfield>
    <subfield code="h">A&#xF1;o V, N&#xBA; 60 - sep. 2004</subfield>
    <subfield code="l">0</subfield>
    <subfield code="o">H658 PRO 60</subfield>
    <subfield code="p">R12372</subfield>
    <subfield code="r">2026-04-10 16:05:56</subfield>
    <subfield code="w">2026-04-10</subfield>
    <subfield code="y">RN</subfield>
  </datafield>
  <datafield tag="952" ind1=" " ind2=" ">
    <subfield code="0">0</subfield>
    <subfield code="1">0</subfield>
    <subfield code="4">0</subfield>
    <subfield code="7">0</subfield>
    <subfield code="a">BCEJYS</subfield>
    <subfield code="b">BCEJYS</subfield>
    <subfield code="c">17</subfield>
    <subfield code="d">2004-08-01</subfield>
    <subfield code="h">A&#xF1;o V, N&#xBA; 59 - ago. 2004</subfield>
    <subfield code="l">0</subfield>
    <subfield code="o">H658 PRO 59</subfield>
    <subfield code="p">R12371</subfield>
    <subfield code="r">2026-04-10 16:05:56</subfield>
    <subfield code="w">2026-04-10</subfield>
    <subfield code="y">RN</subfield>
  </datafield>
  <datafield tag="952" ind1=" " ind2=" ">
    <subfield code="0">0</subfield>
    <subfield code="1">0</subfield>
    <subfield code="4">0</subfield>
    <subfield code="7">0</subfield>
    <subfield code="a">BCEJYS</subfield>
    <subfield code="b">BCEJYS</subfield>
    <subfield code="c">17</subfield>
    <subfield code="d">2004-07-01</subfield>
    <subfield code="h">A&#xF1;o V, N&#xBA; 58 - jul. 2004</subfield>
    <subfield code="l">0</subfield>
    <subfield code="o">H658 PRO 58</subfield>
    <subfield code="p">R12370</subfield>
    <subfield code="r">2026-04-10 16:05:56</subfield>
    <subfield code="w">2026-04-10</subfield>
    <subfield code="y">RN</subfield>
  </datafield>
  <datafield tag="952" ind1=" " ind2=" ">
    <subfield code="0">0</subfield>
    <subfield code="1">0</subfield>
    <subfield code="4">0</subfield>
    <subfield code="7">0</subfield>
    <subfield code="a">BCEJYS</subfield>
    <subfield code="b">BCEJYS</subfield>
    <subfield code="c">17</subfield>
    <subfield code="d">2004-06-01</subfield>
    <subfield code="h">A&#xF1;o V, N&#xBA; 57 - jun. 2004</subfield>
    <subfield code="l">0</subfield>
    <subfield code="o">H658 PRO 57</subfield>
    <subfield code="p">R12369</subfield>
    <subfield code="r">2026-04-10 16:05:56</subfield>
    <subfield code="w">2026-04-10</subfield>
    <subfield code="y">RN</subfield>
  </datafield>
  <datafield tag="952" ind1=" " ind2=" ">
    <subfield code="0">0</subfield>
    <subfield code="1">0</subfield>
    <subfield code="4">0</subfield>
    <subfield code="7">0</subfield>
    <subfield code="a">BCEJYS</subfield>
    <subfield code="b">BCEJYS</subfield>
    <subfield code="c">17</subfield>
    <subfield code="d">2004-05-01</subfield>
    <subfield code="h">A&#xF1;o V, N&#xBA; 56 - mayo 2004</subfield>
    <subfield code="l">0</subfield>
    <subfield code="o">H658 PRO 56</subfield>
    <subfield code="p">R12368</subfield>
    <subfield code="r">2026-04-10 16:05:56</subfield>
    <subfield code="w">2026-04-10</subfield>
    <subfield code="y">RN</subfield>
  </datafield>
  <datafield tag="952" ind1=" " ind2=" ">
    <subfield code="0">0</subfield>
    <subfield code="1">0</subfield>
    <subfield code="4">0</subfield>
    <subfield code="7">0</subfield>
    <subfield code="a">BCEJYS</subfield>
    <subfield code="b">BCEJYS</subfield>
    <subfield code="c">17</subfield>
    <subfield code="d">2004-04-01</subfield>
    <subfield code="h">A&#xF1;o V, N&#xBA; 55 - abr. 2004</subfield>
    <subfield code="l">0</subfield>
    <subfield code="o">H658 PRO 55</subfield>
    <subfield code="p">R12367</subfield>
    <subfield code="r">2026-04-10 16:05:56</subfield>
    <subfield code="w">2026-04-10</subfield>
    <subfield code="y">RN</subfield>
  </datafield>
  <datafield tag="952" ind1=" " ind2=" ">
    <subfield code="0">0</subfield>
    <subfield code="1">0</subfield>
    <subfield code="4">0</subfield>
    <subfield code="7">0</subfield>
    <subfield code="a">BCEJYS</subfield>
    <subfield code="b">BCEJYS</subfield>
    <subfield code="c">17</subfield>
    <subfield code="d">2004-03-01</subfield>
    <subfield code="h">A&#xF1;o V, N&#xBA; 54 - mar. 2004</subfield>
    <subfield code="l">0</subfield>
    <subfield code="o">H658 PRO 54</subfield>
    <subfield code="p">R12366</subfield>
    <subfield code="r">2026-04-10 16:05:56</subfield>
    <subfield code="w">2026-04-10</subfield>
    <subfield code="y">RN</subfield>
  </datafield>
  <datafield tag="952" ind1=" " ind2=" ">
    <subfield code="0">0</subfield>
    <subfield code="1">0</subfield>
    <subfield code="4">0</subfield>
    <subfield code="7">0</subfield>
    <subfield code="a">BCEJYS</subfield>
    <subfield code="b">BCEJYS</subfield>
    <subfield code="c">17</subfield>
    <subfield code="d">2004-01-01</subfield>
    <subfield code="h">A&#xF1;o V, N&#xBA; 52 - ene. 2004</subfield>
    <subfield code="l">0</subfield>
    <subfield code="o">H658 PRO 52</subfield>
    <subfield code="p">R12365</subfield>
    <subfield code="r">2026-04-10 16:05:56</subfield>
    <subfield code="w">2026-04-10</subfield>
    <subfield code="y">RN</subfield>
  </datafield>
  <datafield tag="952" ind1=" " ind2=" ">
    <subfield code="0">0</subfield>
    <subfield code="1">0</subfield>
    <subfield code="4">0</subfield>
    <subfield code="7">0</subfield>
    <subfield code="a">BCEJYS</subfield>
    <subfield code="b">BCEJYS</subfield>
    <subfield code="c">17</subfield>
    <subfield code="d">2003-11-01</subfield>
    <subfield code="h">A&#xF1;o IV, N&#xBA; 50 - nov. 2003</subfield>
    <subfield code="l">0</subfield>
    <subfield code="o">H658 PRO 50</subfield>
    <subfield code="p">R12364</subfield>
    <subfield code="r">2026-04-10 16:05:56</subfield>
    <subfield code="w">2026-04-10</subfield>
    <subfield code="y">RN</subfield>
  </datafield>
  <datafield tag="952" ind1=" " ind2=" ">
    <subfield code="0">0</subfield>
    <subfield code="1">0</subfield>
    <subfield code="4">0</subfield>
    <subfield code="7">0</subfield>
    <subfield code="a">BCEJYS</subfield>
    <subfield code="b">BCEJYS</subfield>
    <subfield code="c">17</subfield>
    <subfield code="d">1999-10-01</subfield>
    <subfield code="h">A&#xF1;o I, N&#xBA; 1 - oct. 1999</subfield>
    <subfield code="l">0</subfield>
    <subfield code="o">H658 PRO 1</subfield>
    <subfield code="p">R12071</subfield>
    <subfield code="r">2026-04-10 16:05:56</subfield>
    <subfield code="w">2026-04-10</subfield>
    <subfield code="y">RN</subfield>
  </datafield>
</record>
